(ランダム20問)駅名→都道府県 - Statistics

General Stats
  • This quiz has been taken 1,999 times
  • The average score is 10 of 20
Answer Stats
駅名 都道府県 % Correct
星置 北海道
100%
手稲 北海道
100%
発寒 北海道
100%
厚別 北海道
100%
上野幌 北海道
100%
札幌 北海道
100%
太平 北海道
100%
篠路 北海道
100%
拓北 北海道
100%
あいの里公園 北海道
100%
東札幌 北海道
100%
麻生 北海道
100%
北24条 北海道
100%
北12条 北海道
100%
すすきの 北海道
100%
幌平橋 北海道
100%
中の島 北海道
100%
真駒内 北海道
100%
北13条東 北海道
100%
豊水すすきの 北海道
100%
豊平公園 北海道
100%
月寒中央 北海道
100%
西4丁目 北海道
100%
西15丁目 北海道
100%
西線16条 北海道
100%
電車事業所前 北海道
100%
東屯田通 北海道
100%
山鼻19条 北海道
100%
函館 北海道
100%
五稜郭 北海道
100%
函館駅前 北海道
100%
松風町 北海道
100%
湯の川 北海道
100%
函館どつく前 北海道
100%
小樽 北海道
100%
南小樽 北海道
100%
小樽築港 北海道
100%
千代ケ岡 北海道
100%
旭川四条 北海道
100%
南永山 北海道
100%
東旭川 北海道
100%
室蘭 北海道
100%
東室蘭 北海道
100%
新富士 北海道
100%
釧路 北海道
100%
西帯広 北海道
100%
留辺蘂 北海道
100%
西北見 北海道
100%
北見 北海道
100%
端野 北海道
100%
新夕張 北海道
100%
志文 北海道
100%
苫小牧 北海道
100%
沼ノ端 北海道
100%
植苗 北海道
100%
抜海 北海道
100%
南稚内 北海道
100%
光珠内 北海道
100%
美唄 北海道
100%
茶志内 北海道
100%
芦別 北海道
100%
野幌 北海道
100%
江別 北海道
100%
赤平 北海道
100%
風連 北海道
100%
厚床 北海道
100%
別当賀 北海道
100%
根室 北海道
100%
長都 北海道
100%
滝川 北海道
100%
砂川 北海道
100%
納内 北海道
100%
鷲別 北海道
100%
幌別 北海道
100%
登別 北海道
100%
恵み野 北海道
100%
伊達 福島県
100%
二井田 福島県
100%
北広島 北海道
100%
新函館北斗 北海道
100%
久根別 北海道
100%
当別 北海道
100%
北伊予 愛媛県
100%
伊予横田 愛媛県
100%
古泉 愛媛県
100%
札苅 北海道
100%
大沼 北海道
100%
駒ケ岳 北海道
100%
東森 北海道
100%
遠州森 静岡県
100%
遠江一宮 静岡県
100%
黒岩 北海道
100%
長万部 北海道
100%
黒松内 北海道
100%
昆布 北海道
100%
ニセコ 北海道
100%
倶知安 北海道
100%
余市 北海道
100%
妹背牛 北海道
100%
秩父別 北海道
100%
北秩父別 北海道
100%
石狩沼田 北海道
100%
当麻 北海道
100%
比布 北海道
100%
愛別 北海道
100%
美瑛 北海道
100%
西中 北海道
100%
トマム 北海道
100%
和寒 北海道
100%
美深 北海道
100%
音威子府 北海道
100%
天塩中川 北海道
100%
南幌延 北海道
100%
美幌 北海道
100%
知床斜里 北海道
100%
札弦 北海道
100%
止別 北海道
100%
白滝 北海道
100%
遠軽 北海道
100%
生田原 北海道
100%
西女満別 北海道
100%
小幌 北海道
100%
虎杖浜 北海道
100%
白老 北海道
100%
浜厚真 北海道
100%
洞爺 北海道
100%
安平 北海道
100%
鵡川 北海道
100%
新得 北海道
100%
十勝清水 北海道
100%
芽室 北海道
100%
幕別 北海道
100%
美濃本郷 岐阜県
100%
浦幌 北海道
100%
釧路湿原 北海道
100%
上尾幌 北海道
100%
門静 北海道
100%
浜中 北海道
100%
川湯温泉 北海道
100%
浪岡 青森県
100%
津軽新城 青森県
100%
弘前 青森県
100%
弘前東高前 青森県
100%
石川プール前 青森県
100%
弘前学院大前 青森県
100%
中央弘前 青森県
100%
本八戸 青森県
100%
陸奥湊 青森県
100%
陸奥市川 青森県
100%
津軽五所川原 青森県
100%
津軽飯詰 青森県
100%
金木 青森県
100%
大湊 青森県
100%
陸奥森田 青森県
100%
平賀 青森県
100%
柏農高校前 青森県
100%
津軽尾上 青森県
100%
西平内 青森県
100%
奥津軽いまべつ 青森県
100%
大川平 青森県
100%
今別 青森県
100%
津軽浜名 青森県
100%
津軽二股 青森県
100%
蓬田 青森県
100%
蟹田 青森県
100%
大間越 青森県
100%
深浦 青森県
100%
北金ケ沢 青森県
100%
陸奥柳田 青森県
100%
大鰐温泉 青森県
100%
大鰐 青森県
100%
川部 青森県
100%
吹越 青森県
100%
陸奥横浜 青森県
100%
有畑 青森県
100%
目時 青森県
100%
三戸 青森県
100%
上盛岡 岩手県
100%
盛岡 岩手県
100%
茂市 岩手県
100%
宮古 岩手県
100%
八木沢・宮古短大 岩手県
100%
磯鶏 岩手県
100%
陸前赤崎 岩手県
100%
三陸 岩手県
100%
花巻空港 岩手県
100%
石鳥谷 岩手県
100%
北上 岩手県
100%
陸中宇部 岩手県
100%
遠野 岩手県
100%
陸中門崎 岩手県
100%
洞泉 岩手県
100%
釜石 岩手県
100%
斗米 岩手県
100%
松尾八幡平 岩手県
100%
田山 岩手県
100%
水沢 岩手県
100%
巣子 岩手県
100%
いわて沼宮内 岩手県
100%
御堂 岩手県
100%
古館 岩手県
100%
矢幅 岩手県
100%
平泉 岩手県
100%
吉里吉里 岩手県
100%
織笠 岩手県
100%
陸中山田 岩手県
100%
豊間根 岩手県
100%
田野畑 岩手県
100%
普代 岩手県
100%
種市 岩手県
100%
陸中中野 岩手県
100%
小繋 岩手県
100%
一戸 岩手県
100%
東北福祉大前 宮城県
100%
陸前落合 宮城県
100%
陸前白沢 宮城県
100%
熊ケ根 宮城県
100%
作並 宮城県
100%
東仙台 宮城県
100%
岩切 宮城県
100%
あおば通 宮城県
100%
陸前原ノ町 宮城県
100%
福田町 宮城県
100%
長町 宮城県
100%
青葉通一番町 宮城県
100%
泉中央 宮城県
100%
広瀬通 宮城県
100%
長町南 宮城県
100%
富沢 宮城県
100%
八木山動物公園 宮城県
100%
石巻あゆみ野 宮城県
100%
陸前山下 宮城県
100%
石巻 宮城県
100%
陸前稲井 宮城県
100%
西塩釜 宮城県
100%
本塩釜 宮城県
100%
東塩釜 宮城県
100%
気仙沼 宮城県
100%
仙台空港 宮城県
100%
宮城県
100%
多賀城 宮城県
100%
陸前山王 宮城県
100%
国府多賀城 宮城県
100%
陸前大塚 宮城県
100%
陸前小野 宮城県
100%
東矢本 宮城県
100%
陸前赤井 宮城県
100%
鳴子御殿湯 宮城県
100%
鳴子温泉 宮城県
100%
松島海岸 宮城県
100%
陸前富山 宮城県
100%
松島 宮城県
100%
新利府 宮城県
100%
上涌谷 宮城県
100%
涌谷 宮城県
100%
陸前谷地 宮城県
100%
小牛田 宮城県
100%
松久 埼玉県
100%
女川 宮城県
100%
和田 秋田県
100%
桂根 秋田県
100%
能代 秋田県
100%
向能代 秋田県
100%
横手 秋田県
100%
早口 秋田県
100%
湯沢 秋田県
100%
羽後本荘 秋田県
100%
大曲 秋田県
100%
神宮寺 秋田県
100%
羽後四ツ屋 秋田県
100%
北大曲 秋田県
100%
鷹ノ巣 秋田県
100%
阿仁合 秋田県
100%
笑内 秋田県
100%
阿仁マタギ 秋田県
100%
象潟 秋田県
100%
田沢湖 秋田県
100%
角館 秋田県
100%
羽後中里 秋田県
100%
松葉 秋田県
100%
羽後太田 秋田県
100%
八森 秋田県
100%
あきた白神 秋田県
100%
岩館 秋田県
100%
八郎潟 秋田県
100%
南出羽 山形県
100%
米沢 山形県
100%
置賜 山形県
100%
南米沢 山形県
100%
西米沢 山形県
100%
羽前大山 山形県
100%
羽前前波 山形県
100%
南寒河江 山形県
100%
羽前中山 山形県
100%
茂吉記念館前 山形県
100%
羽前成田 山形県
100%
さくらんぼ東根 山形県
100%
東根 山形県
100%
羽前金沢 山形県
100%
羽前長崎 山形県
100%
伊勢朝日 三重県
100%
越中宮崎 富山県
100%
大石田 山形県
100%
会津水沼 福島県
100%
会津川口 福島県
100%
会津横田 福島県
100%
最上 山形県
100%
及位 山形県
100%
津谷 山形県
100%
高畠 山形県
100%
羽前小松 山形県
100%
結崎 奈良県
100%
西大塚 山形県
100%
羽前松岡 山形県
100%
羽前椿 山形県
100%
庭坂 福島県
100%
曽根田 福島県
100%
飯坂温泉 福島県
100%
会津若松 福島県
100%
西若松 福島県
100%
あまや 福島県
100%
磐梯熱海 福島県
100%
安積永盛 福島県
100%
日和田 福島県
100%
磐城守山 福島県
100%
内郷 福島県
100%
久田野 福島県
100%
須賀川 福島県
100%
喜多方 福島県
100%
二本松 福島県
100%
磐城太田 福島県
100%
塔のへつり 福島県
100%
ふるさと公園 福島県
100%
会津塩沢 福島県
100%
只見 福島県
100%
会津田島 福島県
100%
会津山村道場 福島県
100%
会津高原尾瀬口 福島県
100%
野沢 福島県
100%
磐梯町 福島県
100%
猪苗代湖畔 福島県
100%
猪苗代 福島県
100%
会津坂下 福島県
100%
会津坂本 福島県
100%
会津西方 福島県
100%
会津宮下 福島県
100%
磐城棚倉 福島県
100%
矢祭山 福島県
100%
磐城塙 福島県
100%
泉郷 福島県
100%
磐城浅川 福島県
100%
小野新町 福島県
100%
Jヴィレッジ 福島県
100%
夜ノ森 福島県
100%
双葉 福島県
100%
浪江 福島県
100%
新地 福島県
100%
内原 茨城県
100%
偕楽園 茨城県
100%
小木津 茨城県
100%
荒川沖 茨城県
100%
土浦 茨城県
100%
古河 茨城県
100%
石岡 茨城県
100%
常陸太田 茨城県
100%
磯原 茨城県
100%
友部 茨城県
100%
笠間 茨城県
100%
牛久 茨城県
100%
ひたち野うしく 茨城県
100%
研究学園 茨城県
100%
常陸青柳 茨城県
100%
勝田 茨城県
100%
常陸津田 茨城県
100%
阿字ヶ浦 茨城県
100%
平磯 茨城県
100%
高田の鉄橋 茨城県
100%
鹿島サッカースタジアム(臨) 茨城県
100%
鹿島神宮 茨城県
100%
延方 茨城県
100%
守谷 茨城県
100%
南守谷 茨城県
100%
玉川村 茨城県
100%
後台 茨城県
100%
常陸鴻巣 茨城県
100%
茨城県
100%
大田郷 茨城県
100%
下館二高前 茨城県
100%
北浦湖畔 茨城県
100%
大洗 茨城県
100%
東海 茨城県
100%
下野宮 茨城県
100%
宇都宮 栃木県
100%
宇都宮駅東口 栃木県
100%
南宇都宮 栃木県
100%
東武宇都宮 栃木県
100%
駅東公園前 栃木県
100%
宇都宮大学陽東キャンパス 栃木県
100%
清陵高校前 栃木県
100%
ゆいの杜中央 栃木県
100%
あしかがフラワーパーク 栃木県
100%
東武和泉 栃木県
100%
足利市 栃木県
100%
岩舟 栃木県
100%
東武金崎 栃木県
100%
野州平川 栃木県
100%
田島 栃木県
100%
佐野市 栃木県
100%
新鹿沼 栃木県
100%
北鹿沼 栃木県
100%
今市 栃木県
100%
日光 栃木県
100%
下今市 栃木県
100%
上今市 栃木県
100%
小佐越 栃木県
100%
東武ワールドスクウェア 栃木県
100%
鬼怒川公園 栃木県
100%
中三依温泉 栃木県
100%
間々田 栃木県
100%
小山 栃木県
100%
北真岡 栃木県
100%
那須塩原 栃木県
100%
烏山 栃木県
100%
小金井 栃木県
100%
七井 栃木県
100%
野木 栃木県
100%
下野花岡 栃木県
100%
前橋大島 群馬県
100%
心臓血管センター 群馬県
100%
北高崎 群馬県
100%
南高崎 群馬県
100%
高崎商科大学前 群馬県
100%
西桐生 群馬県
100%
新伊勢崎 群馬県
100%
藪塚 群馬県
100%
多々良 群馬県
100%
上州富岡 群馬県
100%
上州七日市 群馬県
100%
岩宿 群馬県
100%
中之条 群馬県
100%
長野原草津口 群馬県
100%
板倉東洋大前 群馬県
100%
東小泉 群馬県
100%
西浦和 埼玉県
100%
東浦和 埼玉県
100%
浦和 埼玉県
100%
さいたま新都心 埼玉県
100%
土呂 埼玉県
100%
武蔵浦和 埼玉県
100%
南与野 埼玉県
100%
北与野 埼玉県
100%
西大宮 埼玉県
100%
与野 埼玉県
100%
与野本町 埼玉県
100%
岩槻 埼玉県
100%
浦和美園 埼玉県
100%
鉄道博物館 埼玉県
100%
加茂宮 埼玉県
100%
的場 埼玉県
100%
川越 埼玉県
100%
新河岸 埼玉県
100%
川越市 埼玉県
100%
本川越 埼玉県
100%
熊谷 埼玉県
100%
籠原 埼玉県
100%
東川口 埼玉県
100%
川口 埼玉県
100%
南鳩ヶ谷 埼玉県
100%
新井宿 埼玉県
100%
東行田 埼玉県
100%
行田市 埼玉県
100%
和銅黒谷 埼玉県
100%
御花畑 埼玉県
100%
下山口 埼玉県
100%
西所沢 埼玉県
100%
小手指 埼玉県
100%
狭山ヶ丘 埼玉県
100%
新所沢 埼玉県
100%
正丸 埼玉県
100%
児玉 埼玉県
100%
本庄 埼玉県
100%
高坂 埼玉県
100%
東松山 埼玉県
100%
武里 埼玉県
100%
藤の牛島 埼玉県
100%
新狭山 埼玉県
100%
北鴻巣 埼玉県
100%
深谷 埼玉県
100%
上尾 埼玉県
100%
沼南 埼玉県
100%
谷塚 埼玉県
100%
草加 埼玉県
100%
獨協大学前〈草加松原〉 埼玉県
100%
越谷レイクタウン 埼玉県
100%
越谷 埼玉県
100%
せんげん台 埼玉県
100%
北戸田 埼玉県
100%
金子 埼玉県
100%
入間市 埼玉県
100%
北朝霞 埼玉県
100%
朝霞台 埼玉県
100%
和光市 埼玉県
100%
志木 埼玉県
100%
久喜 埼玉県
100%
栗橋 埼玉県
100%
北本 埼玉県
100%
八潮 埼玉県
100%
鶴瀬 埼玉県
100%
ふじみ野 埼玉県
100%
新三郷 埼玉県
100%
三郷中央 埼玉県
100%
坂戸 埼玉県
100%
幸手 埼玉県
100%
武蔵高萩 埼玉県
100%
武蔵横手 埼玉県
100%
白岡 埼玉県
100%
伊奈中央 埼玉県
100%
羽貫 埼玉県
100%
内宿 埼玉県
100%
武蔵嵐山 埼玉県
100%
竹沢 埼玉県
100%
東武竹沢 埼玉県
100%
長瀞 埼玉県
100%
上長瀞 埼玉県
100%
丹荘 埼玉県
100%
神保原 埼玉県
100%
折原 埼玉県
100%
寄居 埼玉県
100%
みなみ寄居 埼玉県
100%
玉淀 埼玉県
100%
杉戸高野台 埼玉県
100%
新検見川 千葉県
100%
蘇我 千葉県
100%
鎌取 千葉県
100%
誉田 千葉県
100%
検見川浜 千葉県
100%
幕張本郷 千葉県
100%
京成幕張 千葉県
100%
検見川 千葉県
100%
千城台 千葉県
100%
銚子 千葉県
100%
下総豊里 千葉県
100%
仲ノ町 千葉県
100%
本銚子 千葉県
100%
市川大野 千葉県
100%
市川塩浜 千葉県
100%
京成八幡 千葉県
100%
南行徳 千葉県
100%
行徳 千葉県
100%
船橋法典 千葉県
100%
下総中山 千葉県
100%
南船橋 千葉県
100%
京成船橋 千葉県
100%
新船橋 千葉県
100%
船橋競馬場 千葉県
100%
薬園台 千葉県
100%
習志野 千葉県
100%
東海神 千葉県
100%
飯山満 千葉県
100%
船橋日大前 千葉県
100%
館山 千葉県
100%
九重 千葉県
100%
上総清川 千葉県
100%
北松戸 千葉県
100%
新松戸 千葉県
100%
幸谷 千葉県
100%
矢切 千葉県
100%
野田市 千葉県
100%
新茂原 千葉県
100%
茂原 千葉県
100%
成田空港(第1旅客ターミナル) 千葉県
100%
滑河 千葉県
100%
京成成田 千葉県
100%
東成田 千葉県
100%
成田湯川 千葉県
100%
京成臼井 千葉県
100%
大佐倉 千葉県
100%
公園 千葉県
100%
中学校 千葉県
100%
倉橋 千葉県
100%
京成津田沼 千葉県
100%
京成大久保 千葉県
100%
新津田沼 千葉県
100%
千葉県
100%
北柏 千葉県
100%
新柏 千葉県
100%
柏たなか 千葉県
100%
八幡宿 千葉県
100%
五井 千葉県
100%
上総三又 千葉県
100%
上総牛久 千葉県
100%
上総川間 千葉県
100%
上総鶴舞 千葉県
100%
里見 千葉県
100%
上総大久保 千葉県
100%
運河 千葉県
100%
初石 千葉県
100%
流山おおたかの森 千葉県
100%
流山セントラルパーク 千葉県
100%
京成大和田 千葉県
100%
勝田台 千葉県
100%
東葉勝田台 千葉県
100%
八千代緑が丘 千葉県
100%
東我孫子 千葉県
100%
安房小湊 千葉県
100%
安房天津 千葉県
100%
太海 千葉県
100%
鎌ヶ谷 千葉県
100%
新鎌ヶ谷 千葉県
100%
鎌ヶ谷大仏 千葉県
100%
久留里 千葉県
100%
上総松丘 千葉県
100%
青堀 千葉県
100%
上総湊 千葉県
100%
舞浜 千葉県
100%
四街道 千葉県
100%
袖ケ浦 千葉県
100%
八街 千葉県
100%
印旛日本医大 千葉県
100%
南三原 千葉県
100%
佐原 千葉県
100%
十二橋 千葉県
100%
大網 千葉県
100%
南酒々井 千葉県
100%
酒々井 千葉県
100%
安食 千葉県
100%
下総神崎 千葉県
100%
下総橘 千葉県
100%
横芝 千葉県
100%
上総一ノ宮 千葉県
100%
総元 千葉県
100%
上総中野 千葉県
100%
安房勝山 千葉県
100%
秋葉原 東京都
100%
飯田橋 東京都
100%
日比谷 東京都
100%
淡路町 東京都
100%
岩本町 東京都
100%
新御茶ノ水 東京都
100%
溜池山王 東京都
100%
九段下 東京都
100%
竹橋 東京都
100%
馬喰町 東京都
100%
三越前 東京都
100%
小伝馬町 東京都
100%
新日本橋 東京都
100%
馬喰横山 東京都
100%
浜町 東京都
100%
人形町 東京都
100%
東日本橋 東京都
100%
東銀座 東京都
100%
勝どき 東京都
100%
銀座一丁目 東京都
100%
築地 東京都
100%
品川 東京都
100%
高輪ゲートウェイ 東京都
100%
浜松町 東京都
100%
神谷町 東京都
100%
泉岳寺 東京都
100%
青山一丁目 東京都
100%
外苑前 東京都
100%
六本木 東京都
100%
麻布十番 東京都
100%
白金高輪 東京都
100%
白金台 東京都
100%
汐留 東京都
100%
高輪台 東京都
100%
芝公園 東京都
100%
御成門 東京都
100%
芝浦ふ頭 東京都
100%
台場 東京都
100%
虎ノ門 東京都
100%
虎ノ門ヒルズ 東京都
100%
赤坂見附 東京都
100%
高田馬場 東京都
100%
四ツ谷 東京都
100%
牛込柳町 東京都
100%
西武新宿 東京都
100%
下落合 東京都
100%
中井 東京都
100%
四谷三丁目 東京都
100%
新宿御苑前 東京都
100%
西新宿 東京都
100%
落合 東京都
100%
東新宿 東京都
100%
新宿三丁目 東京都
100%
都庁前 東京都
100%
新宿西口 東京都
100%
国立競技場 東京都
100%
落合南長崎 東京都
100%
面影橋 東京都
100%
新大塚 東京都
100%
後楽園 東京都
100%
根津 東京都
100%
江戸川橋 東京都
100%
千石 東京都
100%
上野広小路 東京都
100%
浅草橋 東京都
100%
上野 東京都
100%
上野御徒町 東京都
100%
京成上野 東京都
100%
両国 東京都
100%
錦糸町 東京都
100%
本所吾妻橋 東京都
100%
押上〈スカイツリー前〉 東京都
100%
押上(スカイツリー前) 東京都
100%
潮見 東京都
100%
南砂町 東京都
100%
亀戸水神 東京都
100%
木場 東京都
100%
辰巳 東京都
100%
豊洲 東京都
100%
西大島 東京都
100%
新豊洲 東京都
100%
国際展示場 東京都
100%
五反田 東京都
100%
目黒 東京都
100%
西大井 東京都
100%
武蔵小山 東京都
100%
北品川 東京都
100%
鮫洲 東京都
100%
中延 東京都
100%
大井競馬場前 東京都
100%
戸越 東京都
100%
駒場東大前 東京都
100%
中目黒 東京都
100%
学芸大学 東京都
100%
都立大学 東京都
100%
自由が丘 東京都
100%
洗足 東京都
100%
大森町 東京都
100%
多摩川 東京都
100%
雪が谷大塚 東京都
100%
久が原 東京都
100%
蓮沼 東京都
100%
鵜の木 東京都
100%
武蔵新田 東京都
100%
平和島 東京都
100%
六郷土手 東京都
100%
糀谷 東京都
100%
穴守稲荷 東京都
100%
羽田空港第1・第2ターミナル 東京都
100%
西馬込 東京都
100%
馬込 東京都
100%
羽田空港第3ターミナル 東京都
100%
羽田空港第1ターミナル 東京都
100%
羽田空港第2ターミナル 東京都
100%
明大前 東京都
100%
祖師ヶ谷大蔵 東京都
100%
成城学園前 東京都
100%
喜多見 東京都
100%
駒沢大学 東京都
100%
用賀 東京都
100%
等々力 東京都
100%
下北沢 東京都
100%
原宿 東京都
100%
明治神宮前〈原宿〉 東京都
100%
千駄ケ谷 東京都
100%
恵比寿 東京都
100%
笹塚 東京都
100%
南新宿 東京都
100%
代官山 東京都
100%
幡ヶ谷 東京都
100%
代々木八幡 東京都
100%
代々木公園 東京都
100%
東中野 東京都
100%
沼袋 東京都
100%
都立家政 東京都
100%
新中野 東京都
100%
中野坂上 東京都
100%
阿佐ケ谷 東京都
100%
荻窪 東京都
100%
西荻窪 東京都
100%
西永福 東京都
100%
富士見ヶ丘 東京都
100%
久我山 東京都
100%
東高円寺 東京都
100%
池袋 東京都
100%
大塚駅前 東京都
100%
要町 東京都
100%
都電雑司ヶ谷 東京都
100%
東池袋 東京都
100%
鬼子母神前 東京都
100%
田端 東京都
100%
赤羽 東京都
100%
北赤羽 東京都
100%
浮間舟渡 東京都
100%
東十条 東京都
100%
王子駅前 東京都
100%
西ケ原 東京都
100%
滝野川一丁目 東京都
100%
西日暮里 東京都
100%
日暮里 東京都
100%
三河島 東京都
100%
新三河島 東京都
100%
三ノ輪橋 東京都
100%
荒川二丁目 東京都
100%
東尾久三丁目 東京都
100%
荒川遊園地前 東京都
100%
町屋 東京都
100%
赤土小学校前 東京都
100%
板橋 東京都
100%
東武練馬 東京都
100%
板橋区役所前 東京都
100%
本蓮沼 東京都
100%
志村坂上 東京都
100%
志村三丁目 東京都
100%
蓮根 東京都
100%
高島平 東京都
100%
成増 東京都
100%
練馬 東京都
100%
練馬高野台 東京都
100%
大泉学園 東京都
100%
小竹向原 東京都
100%
新桜台 東京都
100%
氷川台 東京都
100%
光が丘 東京都
100%
堀切 東京都
100%
梅島 東京都
100%
西新井 東京都
100%
竹ノ塚 東京都
100%
大師前 東京都
100%
六町 東京都
100%
北綾瀬 東京都
100%
青井 東京都
100%
京成関屋 東京都
100%
足立小台 東京都
100%
谷在家 東京都
100%
舎人公園 東京都
100%
見沼代親水公園 東京都
100%
亀有 東京都
100%
京成立石 東京都
100%
柴又 東京都
100%
金町 東京都
100%
新柴又 東京都
100%
葛西臨海公園 東京都
100%
京成小岩 東京都
100%
江戸川 東京都
100%
西葛西 東京都
100%
葛西 東京都
100%
船堀 東京都
100%
瑞江 東京都
100%
八王子みなみ野 東京都
100%
西八王子 東京都
100%
北八王子 東京都
100%
高尾山口 東京都
100%
京王八王子 東京都
100%
京王堀之内 東京都
100%
南大沢 東京都
100%
京王片倉 東京都
100%
松が谷 東京都
100%
中央大学・明星大学 東京都
100%
西国立 東京都
100%
西立川 東京都
100%
武蔵砂川 東京都
100%
西武立川 東京都
100%
立飛 東京都
100%
吉祥寺 東京都
100%
武蔵境 東京都
100%
東青梅 東京都
100%
二俣尾 東京都
100%
軍畑 東京都
100%
西府 東京都
100%
北府中 東京都
100%
中畑 広島県
100%
多磨 東京都
100%
東府中 東京都
100%
府中競馬正門前 東京都
100%
昭島 東京都
100%
拝島 東京都
100%
京王多摩川 東京都
100%
町田 東京都
100%
玉川学園前 東京都
100%
南町田グランベリーパーク 東京都
100%
東小金井 東京都
100%
青梅街道 東京都
100%
豊田 東京都
100%
東村山 東京都
100%
武蔵大和 東京都
100%
恋ヶ窪 東京都
100%
国立 東京都
100%
東福生 東京都
100%
清瀬 東京都
100%
東久留米 東京都
100%
京王永山 東京都
100%
小田急永山 東京都
100%
京王多摩センター 東京都
100%
多摩センター 東京都
100%
稲城 東京都
100%
小作 東京都
100%
秋川 東京都
100%
武蔵増戸 東京都
100%
武蔵五日市 東京都
100%
西武柳沢 東京都
100%
ひばりヶ丘 東京都
100%
東伏見 東京都
100%
箱根ケ崎 東京都
100%
古里 東京都
100%
奥多摩 東京都
100%
鶴見小野 神奈川県
100%
弁天橋 神奈川県
100%
海芝浦 神奈川県
100%
大口 神奈川県
100%
新横浜 神奈川県
100%
小机 神奈川県
100%
磯子 神奈川県
100%
洋光台 神奈川県
100%
港南台 神奈川県
100%
保土ケ谷 神奈川県
100%
横浜 神奈川県
100%
長津田 神奈川県
100%
白楽 神奈川県
100%
青葉台 神奈川県
100%
井土ヶ谷 神奈川県
100%
屏風浦 神奈川県
100%
京急富岡 神奈川県
100%
金沢文庫 神奈川県
100%
金沢八景 神奈川県
100%
日ノ出町 神奈川県
100%
六浦 神奈川県
100%
片倉町 神奈川県
100%
日吉本町 神奈川県
100%
平沼橋 神奈川県
100%
西横浜 神奈川県
100%
南万騎が原 神奈川県
100%
弥生台 神奈川県
100%
羽沢横浜国大 神奈川県
100%
上大岡 神奈川県
100%
日本大通り 神奈川県
100%
元町・中華街 神奈川県
100%
北新横浜 神奈川県
100%
蒔田 神奈川県
100%
港南中央 神奈川県
100%
上永谷 神奈川県
100%
八景島 神奈川県
100%
野島公園 神奈川県
100%
尻手 神奈川県
100%
向河原 神奈川県
100%
武蔵中原 神奈川県
100%
登戸 神奈川県
100%
中野島 神奈川県
100%
稲田堤 神奈川県
100%
小田栄 神奈川県
100%
大川 神奈川県
100%
武蔵溝ノ口 神奈川県
100%
溝の口 神奈川県
100%
八丁畷 神奈川県
100%
向ヶ丘遊園 神奈川県
100%
新百合ヶ丘 神奈川県
100%
柿生 神奈川県
100%
新丸子 神奈川県
100%
二子新地 神奈川県
100%
宮前平 神奈川県
100%
鷺沼 神奈川県
100%
京急川崎 神奈川県
100%
川崎大師 神奈川県
100%
東門前 神奈川県
100%
淵野辺 神奈川県
100%
相武台下 神奈川県
100%
下溝 神奈川県
100%
原当麻 神奈川県
100%
南橋本 神奈川県
100%
藤野 神奈川県
100%
相模大野 神奈川県
100%
小田急相模原 神奈川県
100%
京急田浦 神奈川県
100%
汐入 神奈川県
100%
横須賀中央 神奈川県
100%
県立大学 神奈川県
100%
堀ノ内 神奈川県
100%
京急大津 神奈川県
100%
馬堀海岸 神奈川県
100%
津久井浜 神奈川県
100%
北鎌倉 神奈川県
100%
鎌倉 神奈川県
100%
鎌倉高校前 神奈川県
100%
極楽寺 神奈川県
100%
湘南町屋 神奈川県
100%
湘南深沢 神奈川県
100%
西鎌倉 神奈川県
100%
藤沢 神奈川県
100%
辻堂 神奈川県
100%
湘南台 神奈川県
100%
片瀬江ノ島 神奈川県
100%
藤沢本町 神奈川県
100%
湘南海岸公園 神奈川県
100%
湘南江の島 神奈川県
100%
国府津 神奈川県
100%
小田原 神奈川県
100%
根府川 神奈川県
100%
穴部 神奈川県
100%
箱根板橋 神奈川県
100%
茅ケ崎 神奈川県
100%
北茅ケ崎 神奈川県
100%
香川 神奈川県
100%
逗子 神奈川県
100%
東逗子 神奈川県
100%
逗子・葉山 神奈川県
100%
三浦海岸 神奈川県
100%
三崎口 神奈川県
100%
本厚木 神奈川県
100%
愛甲石田 神奈川県
100%
鶴間 神奈川県
100%
相模大塚 神奈川県
100%
伊勢原 神奈川県
100%
海老名 神奈川県
100%
さがみ野 神奈川県
100%
座間 神奈川県
100%
相模沼田 神奈川県
100%
塚原 神奈川県
100%
寒川 神奈川県
100%
大磯 神奈川県
100%
二宮 神奈川県
100%
新松田 神奈川県
100%
谷峨 神奈川県
100%
開成 神奈川県
100%
箱根湯本 神奈川県
100%
塔ノ沢 神奈川県
100%
大平台 神奈川県
100%
小涌谷 神奈川県
100%
強羅 神奈川県
100%
公園上 神奈川県
100%
中強羅 神奈川県
100%
大形 新潟県
100%
早通 新潟県
100%
新潟県
100%
越後曽根 新潟県
100%
越後滝谷 新潟県
100%
越後岩塚 新潟県
100%
帯織 新潟県
100%
東三条 新潟県
100%
柏崎 新潟県
100%
越後広田 新潟県
100%
東柏崎 新潟県
100%
新発田 新潟県
100%
西新発田 新潟県
100%
越後岩沢 新潟県
100%
内ケ巻 新潟県
100%
越後田沢 新潟県
100%
魚沼中条 新潟県
100%
見附 新潟県
100%
越後早川 新潟県
100%
岩船町 新潟県
100%
分水 新潟県
100%
西燕 新潟県
100%
頸城大野 新潟県
100%
市振 新潟県
100%
糸魚川 新潟県
100%
えちご押上ひすい海岸 新潟県
100%
親不知 新潟県
100%
妙高高原 新潟県
100%
五泉 新潟県
100%
直江津 新潟県
100%
大池いこいの森 新潟県
100%
有間川 新潟県
100%
名立 新潟県
100%
上越妙高 新潟県
100%
京ケ瀬 新潟県
100%
越後須原 新潟県
100%
魚沼田中 新潟県
100%
越後広瀬 新潟県
100%
上越国際スキー場前 新潟県
100%
五日町 新潟県
100%
弥彦 新潟県
100%
鹿瀬 新潟県
100%
津川 新潟県
100%
東下条 新潟県
100%
越後中里 新潟県
100%
越後湯沢 新潟県
100%
越後田中 新潟県
100%
越後鹿渡 新潟県
100%
越中八尾 富山県
100%
越中三郷 富山県
100%
粟島(大阪屋ショップ前) 富山県
100%
越中中島 富山県
100%
呉羽 富山県
100%
越中中川 富山県
100%
越中国分 富山県
100%
高岡 富山県
100%
高岡駅 富山県
100%
新吉久 富山県
100%
高岡やぶなみ 富山県
100%
西魚津 富山県
100%
氷見 富山県
100%
滑川 富山県
100%
西加積 富山県
100%
西滑川 富山県
100%
中滑川 富山県
100%
早月加積 富山県
100%
越中中村 富山県
100%
新黒部 富山県
100%
電鉄石田 富山県
100%
電鉄黒部 富山県
100%
下立 富山県
100%
欅平 富山県
100%
黒部 富山県
100%
宇奈月温泉 富山県
100%
宇奈月 富山県
100%
福光 富山県
100%
越中山田 富山県
100%
中新湊 富山県
100%
東新湊 富山県
100%
上市 富山県
100%
立山 富山県
100%
北鉄金沢 石川県
100%
蚊爪 石川県
100%
東金沢 石川県
100%
和倉温泉 石川県
100%
能登中島 石川県
100%
小松 石川県
100%
南羽咋 石川県
100%
羽咋 石川県
100%
道法寺 石川県
100%
小舞子 石川県
100%
加賀笠間 石川県
100%
能美根上 石川県
100%
野々市工大前 石川県
100%
本津幡 石川県
100%
免田 石川県
100%
能登部 石川県
100%
良川 石川県
100%
穴水 石川県
100%
越前東郷 福井県
100%
一乗谷 福井県
100%
越前花堂 福井県
100%
越前開発 福井県
100%
越前新保 福井県
100%
まつもと町屋 福井県
100%
三十八社 福井県
100%
ベル前 福井県
100%
赤十字前 福井県
100%
新疋田 福井県
100%
敦賀 福井県
100%
越前田野 福井県
100%
越前下山 福井県
100%
九頭竜湖 福井県
100%
勝山 福井県
100%
芦原温泉 福井県
100%
牛ノ谷 福井県
100%
たけふ新 福井県
100%
春江 福井県
100%
越前野中 福井県
100%
小舟渡 福井県
100%
美浜 福井県
100%
知多奥田 愛知県
100%
野間 愛知県
100%
若狭高浜 福井県
100%
若狭和田 福井県
100%
若狭有田 福井県
100%
気山 福井県
100%
甲府 山梨県
100%
甲斐住吉 山梨県
100%
下吉田 山梨県
100%
上大月 山梨県
100%
韮崎 山梨県
100%
甲斐小泉 山梨県
100%
甲斐大泉 山梨県
100%
竜王 山梨県
100%
四方津 山梨県
100%
勝沼ぶどう郷 山梨県
100%
鰍沢口 山梨県
100%
甲斐上野 山梨県
100%
下部温泉 山梨県
100%
篠ノ井 長野県
100%
川中島 長野県
100%
豊野 長野県
100%
権堂 長野県
100%
善光寺下 長野県
100%
信濃吉田 長野県
100%
島高松 長野県
100%
村井 長野県
100%
松本 長野県
100%
北新・松本大学前 長野県
100%
森口 長野県
100%
上田 長野県
100%
西上田 長野県
100%
中塩田 長野県
100%
別所温泉 長野県
100%
伊那八幡 長野県
100%
上諏訪 長野県
100%
北須坂 長野県
100%
乙女 長野県
100%
東小諸 長野県
100%
信州中野 長野県
100%
信濃竹原 長野県
100%
茅野 長野県
100%
塩尻 長野県
100%
日出塩 長野県
100%
広丘 長野県
100%
滑津 長野県
100%
岩村田 長野県
100%
佐久平 長野県
100%
千曲 長野県
100%
穂高 長野県
100%
安曇追分 長野県
100%
明科 長野県
100%
小海 長野県
100%
羽黒下 長野県
100%
信濃追分 長野県
100%
田切 長野県
100%
伊那田島 長野県
100%
宮田 長野県
100%
伊那大島 長野県
100%
市田 長野県
100%
高森 熊本県
100%
伊那小沢 長野県
100%
上松 長野県
100%
田立 長野県
100%
南木曽 長野県
100%
藪原 長野県
100%
木曽福島 長野県
100%
信濃松川 長野県
100%
神城 長野県
100%
小布施 長野県
100%
湯田中 長野県
100%
大垣 岐阜県
100%
美濃青柳 岐阜県
100%
西大垣 岐阜県
100%
飛騨一ノ宮 岐阜県
100%
高山 岐阜県
100%
関市役所前 岐阜県
100%
美乃坂本 岐阜県
100%
美濃市 岐阜県
100%
湯の洞温泉口 岐阜県
100%
羽島市役所前 岐阜県
100%
新羽島 岐阜県
100%
恵那 岐阜県
100%
美濃川合 岐阜県
100%
名電各務原 岐阜県
100%
鵜沼 岐阜県
100%
新鵜沼 岐阜県
100%
苧ヶ瀬 岐阜県
100%
各務原市役所前 岐阜県
100%
西可児 岐阜県
100%
可児川 岐阜県
100%
日本ライン今渡 岐阜県
100%
美江寺 岐阜県
100%
飛騨細江 岐阜県
100%
郡上八幡 岐阜県
100%
郡上大和 岐阜県
100%
北濃 岐阜県
100%
焼石 岐阜県
100%
飛騨宮田 岐阜県
100%
飛騨小坂 岐阜県
100%
美濃松山 岐阜県
100%
西笠松 岐阜県
100%
美濃高田 岐阜県
100%
関ケ原 岐阜県
100%
白川口 岐阜県
100%
御嵩口 岐阜県
100%
蒲原 静岡県
100%
由比 静岡県
100%
興津 静岡県
100%
新清水 静岡県
100%
中部天竜 静岡県
100%
天竜川 静岡県
100%
弁天島 静岡県
100%
浜松 静岡県
100%
奥浜名湖 静岡県
100%
西鹿島 静岡県
100%
金指 静岡県
100%
遠州病院 静岡県
100%
遠州小林 静岡県
100%
遠州芝本 静岡県
100%
伊豆多賀 静岡県
100%
網代 静岡県
100%
三島 静岡県
100%
三島二日町 静岡県
100%
富士宮 静岡県
100%
沼久保 静岡県
100%
南伊東 静岡県
100%
伊豆高原 静岡県
100%
吉原 静岡県
100%
富士川 静岡県
100%
岳南富士岡 静岡県
100%
神谷 静岡県
100%
岳南江尾 静岡県
100%
焼津 静岡県
100%
西焼津 静岡県
100%
掛川市役所前 静岡県
100%
藤枝 静岡県
100%
南御殿場 静岡県
100%
伊豆急下田 静岡県
100%
伊豆長岡 静岡県
100%
伊豆大川 静岡県
100%
伊豆稲取 静岡県
100%
伊豆仁田 静岡県
100%
下土狩 静岡県
100%
アプトいちしろ 静岡県
100%
ひらんだ 静岡県
100%
尾盛 静岡県
100%
大曽根 愛知県
100%
新守山 愛知県
100%
南大高 愛知県
100%
大高 愛知県
100%
笠寺 愛知県
100%
熱田 愛知県
100%
鶴舞 愛知県
100%
名鉄名古屋 愛知県
100%
栄生 愛知県
100%
東名古屋港 愛知県
100%
大森・金城学院前 愛知県
100%
中小田井 愛知県
100%
上小田井 愛知県
100%
熱田神宮伝馬町 愛知県
100%
南荒子 愛知県
100%
守山自衛隊前 愛知県
100%
池下 愛知県
100%
上社 愛知県
100%
ナゴヤドーム前矢田 愛知県
100%
平安通 愛知県
100%
妙音通 愛知県
100%
名古屋港 愛知県
100%
大須観音 愛知県
100%
平針 愛知県
100%
太閤通 愛知県
100%
野並 愛知県
100%
新豊橋 愛知県
100%
豊橋公園前 愛知県
100%
岡崎 愛知県
100%
名電山中 愛知県
100%
藤川 愛知県
100%
美合 愛知県
100%
岡崎公園前 愛知県
100%
北岡崎 愛知県
100%
尾張一宮 愛知県
100%
名鉄一宮 愛知県
100%
木曽川堤 愛知県
100%
中水野 愛知県
100%
新瀬戸 愛知県
100%
半田 愛知県
100%
知多半田 愛知県
100%
成岩 愛知県
100%
神領 愛知県
100%
豊川稲荷 愛知県
100%
碧南中央 愛知県
100%
刈谷 愛知県
100%
三河八橋 愛知県
100%
猿投 愛知県
100%
浄水 愛知県
100%
三河上郷 愛知県
100%
安城 愛知県
100%
三河安城 愛知県
100%
新安城 愛知県
100%
南安城 愛知県
100%
碧海古井 愛知県
100%
西尾口 愛知県
100%
西幡豆 愛知県
100%
三河大塚 愛知県
100%
三河鹿島 愛知県
100%
中部国際空港 愛知県
100%
布袋 愛知県
100%
小牧 愛知県
100%
三河東郷 愛知県
100%
三河大野 愛知県
100%
三河槙原 愛知県
100%
三河川合 愛知県
100%
太田川 愛知県
100%
尾張横須賀 愛知県
100%
高横須賀 愛知県
100%
南加木屋 愛知県
100%
八幡新田 愛知県
100%
大府 愛知県
100%
大山寺 愛知県
100%
豊明 愛知県
100%
前後 愛知県
100%
三河田原 愛知県
100%
永和 愛知県
100%
下小田井 愛知県
100%
徳重・名古屋芸大 愛知県
100%
近鉄弥富 愛知県
100%
長久手古戦場 愛知県
100%
芸大通 愛知県
100%
愛・地球博記念公園 愛知県
100%
近鉄蟹江 愛知県
100%
坂部 愛知県
100%
尾張森岡 愛知県
100%
緒川 愛知県
100%
東浦 愛知県
100%
武豊 愛知県
100%
上ゲ 愛知県
100%
富貴 愛知県
100%
幸田 愛知県
100%
東栄 愛知県
100%
伊勢八太 三重県
100%
井関 三重県
100%
伊勢大井 三重県
100%
伊勢鎌倉 三重県
100%
伊勢八知 三重県
100%
三重県
100%
伊勢石橋 三重県
100%
高田本山 三重県
100%
伊勢上野 三重県
100%
四日市 三重県
100%
南四日市 三重県
100%
中川原 三重県
100%
日永 三重県
100%
小古曽 三重県
100%
霞ヶ浦 三重県
100%
新正 三重県
100%
北勢中央公園口 三重県
100%
あすなろう四日市 三重県
100%
伊勢市 三重県
100%
朝熊 三重県
100%
松阪 三重県
100%
伊勢中原 三重県
100%
桑名 三重県
100%
多度 三重県
100%
河曲 三重県
100%
千代崎 三重県
100%
鈴鹿 三重県
100%
鈴鹿サーキット稲生 三重県
100%
三木里 三重県
100%
伊勢治田 三重県
100%
志摩磯部 三重県
100%
伊賀上野 三重県
100%
島ケ原 三重県
100%
伊賀神戸 三重県
100%
伊賀上津 三重県
100%
桑町 三重県
100%
伊勢柏崎 三重県
100%
紀伊長島 三重県
100%
三野瀬 三重県
100%
紀伊市木 三重県
100%
紀伊井田 三重県
100%
大津 滋賀県
100%
おごと温泉 滋賀県
100%
和邇 滋賀県
100%
蓬莱 滋賀県
100%
京阪石山 滋賀県
100%
膳所 滋賀県
100%
京阪大津京 滋賀県
100%
唐橋前 滋賀県
100%
膳所本町 滋賀県
100%
南彦根 滋賀県
100%
ひこね芹川 滋賀県
100%
彦根口 滋賀県
100%
長浜 滋賀県
100%
河毛 滋賀県
100%
近江塩津 滋賀県
100%
安土 滋賀県
100%
近江八幡 滋賀県
100%
南草津 滋賀県
100%
寺庄 滋賀県
100%
水口 滋賀県
100%
信楽 滋賀県
100%
近江高島 滋賀県
100%
マキノ 滋賀県
100%
近江長岡 滋賀県
100%
醒ケ井 滋賀県
100%
愛知川 滋賀県
100%
二条 京都府
100%
太秦 京都府
100%
JR藤森 京都府
100%
京阪山科 京都府
100%
嵯峨嵐山 京都府
100%
東寺 京都府
100%
七条 京都府
100%
鳥羽街道 京都府
100%
伏見稲荷 京都府
100%
中書島 京都府
100%
洛西口 京都府
100%
四条大宮 京都府
100%
円町 京都府
100%
北野白梅町 京都府
100%
近鉄丹波橋 京都府
100%
丹波橋 京都府
100%
トロッコ保津峡 京都府
100%
修学院 京都府
100%
三宅八幡 京都府
100%
二ノ瀬 京都府
100%
三条京阪 京都府
100%
国際会館 京都府
100%
北大路 京都府
100%
烏丸御池 京都府
100%
祇園四条 京都府
100%
西大路御池 京都府
100%
太秦天神川 京都府
100%
西大路三条 京都府
100%
嵐電天神川 京都府
100%
車折神社 京都府
100%
鹿王院 京都府
100%
嵐電嵯峨 京都府
100%
御室仁和寺 京都府
100%
龍安寺 京都府
100%
等持院・立命館大学衣笠キャンパス前 京都府
100%
烏丸 京都府
100%
四条 京都府
100%
福知山 京都府
100%
大江高校前 京都府
100%
東舞鶴 京都府
100%
西舞鶴 京都府
100%
綾部 京都府
100%
三室戸 京都府
100%
保津峡 京都府
100%
並河 京都府
100%
東向日 京都府
100%
長岡京 京都府
100%
ケーブル八幡宮山上 京都府
100%
ケーブル八幡宮口 京都府
100%
同志社前 京都府
100%
京田辺 京都府
100%
三山木 京都府
100%
新田辺 京都府
100%
近鉄宮津 京都府
100%
鍼灸大学前 京都府
100%
西木津 京都府
100%
木津川台 京都府
100%
和知 京都府
100%
与謝野 京都府
100%
塚本 大阪府
100%
今宮 大阪府
100%
芦原橋 大阪府
100%
桜ノ宮 大阪府
100%
安治川口 大阪府
100%
加島 大阪府
100%
北新地 大阪府
100%
梅田 大阪府
100%
東梅田 大阪府
100%
加美 大阪府
100%
新今宮 大阪府
100%
動物園前 大阪府
100%
新今宮駅前 大阪府
100%
針中野 大阪府
100%
新福島 大阪府
100%
天満 大阪府
100%
海老江 大阪府
100%
野田阪神 大阪府
100%
難波 大阪府
100%
天下茶屋 大阪府
100%
住ノ江 大阪府
100%
中之島 大阪府
100%
十三 大阪府
100%
相川 大阪府
100%
淀川 大阪府
100%
千鳥橋 大阪府
100%
弁天町 大阪府
100%
我孫子町 大阪府
100%
南森町 大阪府
100%
芦原町 大阪府
100%
本町 大阪府
100%
大国町 大阪府
100%
堺筋本町 大阪府
100%
なんば 大阪府
100%
岸里玉出 大阪府
100%
東玉出 大阪府
100%
住吉大社 大阪府
100%
心斎橋 大阪府
100%
谷町四丁目 大阪府
100%
住之江公園 大阪府
100%
緑橋 大阪府
100%
西長堀 大阪府
100%
北巽 大阪府
100%
今福鶴見 大阪府
100%
鶴見緑地 大阪府
100%
トレードセンター前 大阪府
100%
ポートタウン西 大阪府
100%
ポートタウン東 大阪府
100%
帝塚山三丁目 大阪府
100%
我孫子道 大阪府
100%
関目 大阪府
100%
野江 大阪府
100%
JR野江 大阪府
100%
なにわ橋 大阪府
100%
渡辺橋 大阪府
100%
井高野 大阪府
100%
だいどう豊里 大阪府
100%
西中島南方 大阪府
100%
堺市 大阪府
100%
百舌鳥 大阪府
100%
大阪府
100%
石津川 大阪府
100%
諏訪ノ森 大阪府
100%
萩原天神 大阪府
100%
神明町 大阪府
100%
中百舌鳥 大阪府
100%
泉ヶ丘 大阪府
100%
栂・美木多 大阪府
100%
新金岡 大阪府
100%
高須神社 大阪府
100%
花田口 大阪府
100%
石津北 大阪府
100%
東岸和田 大阪府
100%
和泉大宮 大阪府
100%
岸和田 大阪府
100%
服部天神 大阪府
100%
岡町 大阪府
100%
柴原阪大前 大阪府
100%
岸辺 大阪府
100%
南吹田 大阪府
100%
南千里 大阪府
100%
松ノ浜 大阪府
100%
泉大津 大阪府
100%
高槻 大阪府
100%
和泉橋本 大阪府
100%
貝塚市役所前 大阪府
100%
水間観音 大阪府
100%
守口市 大阪府
100%
守口 大阪府
100%
大日 大阪府
100%
藤阪 大阪府
100%
津田 大阪府
100%
枚方市 大阪府
100%
枚方公園 大阪府
100%
光善寺 大阪府
100%
南茨木 大阪府
100%
沢良宜 大阪府
100%
彩都西 大阪府
100%
志紀 大阪府
100%
八尾 大阪府
100%
高安 大阪府
100%
恩智 大阪府
100%
信貴山口 大阪府
100%
泉佐野 大阪府
100%
富田林西口 大阪府
100%
寝屋川公園 大阪府
100%
寝屋川市 大阪府
100%
河内長野 大阪府
100%
千早口 大阪府
100%
河内天美 大阪府
100%
高見ノ里 大阪府
100%
四条畷 大阪府
100%
住道 大阪府
100%
北信太 大阪府
100%
箕面船場阪大前 大阪府
100%
箕面萱野 大阪府
100%
河内国分 大阪府
100%
柏原南口 大阪府
100%
上ノ太子 大阪府
100%
門真南 大阪府
100%
千里丘 大阪府
100%
摂津市 大阪府
100%
正雀 大阪府
100%
南摂津 大阪府
100%
東羽衣 大阪府
100%
高石 大阪府
100%
高師浜 大阪府
100%
鴻池新田 大阪府
100%
JR長瀬 大阪府
100%
弥刀 大阪府
100%
八戸ノ里 大阪府
100%
東花園 大阪府
100%
高井田中央 大阪府
100%
忍ケ丘 大阪府
100%
河内磐船 大阪府
100%
私市 大阪府
100%
狭山 大阪府
100%
鳥取ノ荘 大阪府
100%
島本 大阪府
100%
水無瀬 大阪府
100%
妙見口 大阪府
100%
忠岡 大阪府
100%
関西空港 大阪府
100%
甲南山手 兵庫県
100%
摂津本山 兵庫県
100%
摩耶 兵庫県
100%
六甲道 兵庫県
100%
三ノ宮 兵庫県
100%
深江 兵庫県
100%
青木 兵庫県
100%
三宮 兵庫県
100%
新開地 兵庫県
100%
大開 兵庫県
100%
西代 兵庫県
100%
湊川 兵庫県
100%
鵯越 兵庫県
100%
鈴蘭台 兵庫県
100%
有馬口 兵庫県
100%
有馬温泉 兵庫県
100%
五社 兵庫県
100%
神鉄道場 兵庫県
100%
藍那 兵庫県
100%
東須磨 兵庫県
100%
須磨浦公園 兵庫県
100%
山陽垂水 兵庫県
100%
名谷 兵庫県
100%
駒ヶ林 兵庫県
100%
和田岬 兵庫県
100%
旧居留地・大丸前 兵庫県
100%
貿易センター 兵庫県
100%
新神戸 兵庫県
100%
中公園 兵庫県
100%
中埠頭 兵庫県
100%
北埠頭 兵庫県
100%
東姫路 兵庫県
100%
御着 兵庫県
100%
はりま勝原 兵庫県
100%
網干 兵庫県
100%
播磨高岡 兵庫県
100%
余部 兵庫県
100%
京口 兵庫県
100%
大塩 兵庫県
100%
手柄 兵庫県
100%
西飾磨 兵庫県
100%
山陽天満 兵庫県
100%
山陽網干 兵庫県
100%
園田 兵庫県
100%
西明石 兵庫県
100%
明石 兵庫県
100%
西新町 兵庫県
100%
甲子園口 兵庫県
100%
生瀬 兵庫県
100%
夙川 兵庫県
100%
門戸厄神 兵庫県
100%
甲陽園 兵庫県
100%
武庫川 兵庫県
100%
鳴尾・武庫川女子大前 兵庫県
100%
甲子園 兵庫県
100%
久寿川 兵庫県
100%
香櫨園 兵庫県
100%
東鳴尾 兵庫県
100%
芦屋川 兵庫県
100%
北伊丹 兵庫県
100%
西相生 兵庫県
100%
江原 兵庫県
100%
加古川 兵庫県
100%
尾上の松 兵庫県
100%
備前福河 兵庫県
100%
西脇市 兵庫県
100%
宝塚 兵庫県
100%
雲雀丘花屋敷 兵庫県
100%
恵比須 兵庫県
100%
川西能勢口 兵庫県
100%
青野ケ原 兵庫県
100%
小野町 兵庫県
100%
新三田 兵庫県
100%
三田本町 兵庫県
100%
南ウッディタウン 兵庫県
100%
播磨下里 兵庫県
100%
篠山口 兵庫県
100%
八鹿 兵庫県
100%
生野 兵庫県
100%
社町 兵庫県
100%
東觜崎 兵庫県
100%
播磨新宮 兵庫県
100%
西栗栖 兵庫県
100%
日生中央 兵庫県
100%
播磨町 兵庫県
100%
播磨徳久 兵庫県
100%
兵庫県
100%
餘部 兵庫県
100%
浜坂 兵庫県
100%
居組 兵庫県
100%
平城山 奈良県
100%
大和西大寺 奈良県
100%
西ノ京 奈良県
100%
富雄 奈良県
100%
平城 奈良県
100%
高田市 奈良県
100%
大和小泉 奈良県
100%
大和八木 奈良県
100%
八木西口 奈良県
100%
橿原神宮前 奈良県
100%
大和朝倉 奈良県
100%
長谷寺 奈良県
100%
吉野口 奈良県
100%
近鉄御所 奈良県
100%
近鉄下田 奈良県
100%
五位堂 奈良県
100%
大和新庄 奈良県
100%
当麻寺 奈良県
100%
平群 奈良県
100%
信貴山下 奈良県
100%
法隆寺 奈良県
100%
飛鳥 奈良県
100%
吉野神宮 奈良県
100%
紀伊中ノ島 和歌山県
100%
紀伊小倉 和歌山県
100%
紀ノ川 和歌山県
100%
紀伊山田 和歌山県
100%
紀見峠 和歌山県
100%
紀伊清水 和歌山県
100%
学文路 和歌山県
100%
紀伊宮原 和歌山県
100%
箕島 和歌山県
100%
道成寺 和歌山県
100%
御坊 和歌山県
100%
紀伊御坊 和歌山県
100%
紀伊田辺 和歌山県
100%
芳養 和歌山県
100%
新宮 和歌山県
100%
紀伊長田 和歌山県
100%
中飯降 和歌山県
100%
妙寺 和歌山県
100%
九度山 和歌山県
100%
紀伊神谷 和歌山県
100%
高野山 和歌山県
100%
湯浅 和歌山県
100%
印南 和歌山県
100%
紀伊日置 和歌山県
100%
紀伊富田 和歌山県
100%
白浜 和歌山県
100%
紀伊天満 和歌山県
100%
紀伊浦神 和歌山県
100%
串本 和歌山県
100%
紀伊有田 和歌山県
100%
津ノ井 鳥取県
100%
因幡社 鳥取県
100%
倉吉 鳥取県
100%
米子空港 鳥取県
100%
中浜 鳥取県
100%
大岩 鳥取県
100%
智頭 鳥取県
100%
郡家 鳥取県
100%
大山口 鳥取県
100%
南宍道 島根県
100%
松江フォーゲルパーク 島根県
100%
松江しんじ湖温泉 島根県
100%
周布 島根県
100%
出雲神西 島根県
100%
田儀 島根県
100%
出雲市 島根県
100%
電鉄出雲市 島根県
100%
出雲科学館パークタウン前 島根県
100%
一畑口 島根県
100%
出雲大社前 島根県
100%
石見福光 島根県
100%
江津 島根県
100%
出雲大東 島根県
100%
木次 島根県
100%
出雲三成 島根県
100%
出雲横田 島根県
100%
出雲坂根 島根県
100%
北長瀬 岡山県
100%
庭瀬 岡山県
100%
備前西市 岡山県
100%
妹尾 岡山県
100%
備中箕島 岡山県
100%
備前三門 岡山県
100%
建部 岡山県
100%
備前原 岡山県
100%
中納言 岡山県
100%
弥生 岡山県
100%
備中呉妹 岡山県
100%
津山 岡山県
100%
美作千代 岡山県
100%
知和 岡山県
100%
美作滝尾 岡山県
100%
清音 岡山県
100%
東総社 岡山県
100%
備中高梁 岡山県
100%
方谷 岡山県
100%
刑部 岡山県
100%
備中神代 岡山県
100%
伊部 岡山県
100%
長船 岡山県
100%
邑久 岡山県
100%
美作追分 岡山県
100%
美作落合 岡山県
100%
中国勝山 岡山県
100%
月田 岡山県
100%
宮本武蔵 岡山県
100%
鴨方 岡山県
100%
早島 岡山県
100%
西勝間田 岡山県
100%
中野東 広島県
100%
天神川 広島県
100%
志和口 広島県
100%
可部 広島県
100%
あき亀山 広島県
100%
五日市 広島県
100%
胡町 広島県
100%
城北 広島県
100%
中電前 広島県
100%
広大附属学校前 広島県
100%
宇品三丁目 広島県
100%
原爆ドーム前 広島県
100%
江波 広島県
100%
横川一丁目 広島県
100%
安芸川尻 広島県
100%
安芸阿賀 広島県
100%
広島県
100%
川原石 広島県
100%
呉ポートピア 広島県
100%
安芸長浜 広島県
100%
糸崎 広島県
100%
東尾道 広島県
100%
尾道 広島県
100%
東福山 広島県
100%
福山 広島県
100%
松永 広島県
100%
道上 広島県
100%
三次 広島県
100%
油木 広島県
100%
道後山 広島県
100%
備後庄原 広島県
100%
備後三日市 広島県
100%
大竹 広島県
100%
八本松 広島県
100%
大野浦 広島県
100%
廿日市 広島県
100%
広電廿日市 広島県
100%
宮内串戸 広島県
100%
広電阿品 広島県
100%
宮島口 広島県
100%
広電宮島口 広島県
100%
山陽女学園前 広島県
100%
廿日市市役所前(平良) 広島県
100%
阿品東 広島県
100%
甲立 広島県
100%
備後三川 広島県
100%
小月 山口県
100%
新下関 山口県
100%
長門二見 山口県
100%
梶栗郷台地 山口県
100%
厚東 山口県
100%
宇部 山口県
100%
宇部岬 山口県
100%
周防下郷 山口県
100%
大歳 山口県
100%
地福 山口県
100%
周防佐山 山口県
100%
三見 山口県
100%
周防久保 山口県
100%
周防花岡 山口県
100%
岩国 山口県
100%
由宇 山口県
100%
西岩国 山口県
100%
清流新岩国 山口県
100%
守内かさ神 山口県
100%
清流みはらし 山口県
100%
山口県
100%
長門三隅 山口県
100%
長門古市 山口県
100%
渋木 山口県
100%
仙崎 山口県
100%
美祢 山口県
100%
新南陽 山口県
100%
小野田 山口県
100%
厚狭 山口県
100%
長門本山 山口県
100%
田布施 山口県
100%
阿波富田 徳島県
100%
池谷 徳島県
100%
阿波大谷 徳島県
100%
南小松島 徳島県
100%
阿波赤石 徳島県
100%
阿南 徳島県
100%
麻植塚 徳島県
100%
祖谷口 徳島県
100%
阿波海南 徳島県
100%
宍喰 徳島県
100%
阿波大宮 徳島県
100%
板野 徳島県
100%
阿波半田 徳島県
100%
阿波加茂 徳島県
100%
屋島 香川県
100%
讃岐牟礼 香川県
100%
伏石 香川県
100%
円座 香川県
100%
春日川 香川県
100%
琴電屋島 香川県
100%
八栗 香川県
100%
善通寺 香川県
100%
丹生 香川県
100%
讃岐白鳥 香川県
100%
引田 香川県
100%
讃岐相生 香川県
100%
讃岐財田 香川県
100%
宇多津 香川県
100%
羽床 香川県
100%
琴平 香川県
100%
琴電琴平 香川県
100%
多度津 香川県
100%
伊予和気 愛媛県
100%
松山駅前 愛媛県
100%
宮田町 愛媛県
100%
道後公園 愛媛県
100%
本町四丁目 愛媛県
100%
松山市 愛媛県
100%
松山市駅前 愛媛県
100%
伊予亀岡 愛媛県
100%
北宇和島 愛媛県
100%
八幡浜 愛媛県
100%
多喜浜 愛媛県
100%
中萩 愛媛県
100%
伊予西条 愛媛県
100%
伊予小松 愛媛県
100%
伊予三芳 愛媛県
100%
喜多灘 愛媛県
100%
伊予長浜 愛媛県
100%
伊予白滝 愛媛県
100%
伊予平野 愛媛県
100%
南伊予 愛媛県
100%
伊予大平 愛媛県
100%
伊予中山 愛媛県
100%
高野川 愛媛県
100%
伊予上灘 愛媛県
100%
下灘 愛媛県
100%
愛媛県
100%
伊予市 愛媛県
100%
伊予寒川 愛媛県
100%
赤星 愛媛県
100%
内子 愛媛県
100%
布師田 高知県
100%
明見橋 高知県
100%
はりまや橋 高知県
100%
桟橋通四丁目 高知県
100%
土佐長岡 高知県
100%
後免中町 高知県
100%
後免西町 高知県
100%
東宿毛 高知県
100%
半家 高知県
100%
具同 高知県
100%
土佐山田 高知県
100%
甲浦 高知県
100%
土佐穴内 高知県
100%
土佐北川 高知県
100%
土佐久礼 高知県
100%
窪川 高知県
100%
若井 高知県
100%
土佐大正 高知県
100%
土佐佐賀 高知県
100%
土佐白浜 高知県
100%
土佐入野 高知県
100%
門司 福岡県
100%
戸畑 福岡県
100%
スペースワールド 福岡県
100%
若松 福岡県
100%
本城 福岡県
100%
志井公園 福岡県
100%
門司港 福岡県
100%
筑豊香月 福岡県
100%
ノーフォーク広場 福岡県
100%
関門海峡めかり 福岡県
100%
香椎 福岡県
100%
吉塚 福岡県
100%
竹下 福岡県
100%
笹原 福岡県
100%
下山門 福岡県
100%
海ノ中道 福岡県
100%
和白 福岡県
100%
博多 福岡県
100%
薬院 福岡県
100%
西鉄平尾 福岡県
100%
雑餉隈 福岡県
100%
香椎宮前 福岡県
100%
西鉄香椎 福岡県
100%
中洲川端 福岡県
100%
天神 福岡県
100%
箱崎宮前 福岡県
100%
箱崎九大前 福岡県
100%
賀茂 福岡県
100%
福大前 福岡県
100%
薬院大通 福岡県
100%
渡辺通 福岡県
100%
西鉄銀水 福岡県
100%
久留米 福岡県
100%
南久留米 福岡県
100%
久留米大学前 福岡県
100%
西鉄久留米 福岡県
100%
大善寺 福岡県
100%
筑前植木 福岡県
100%
直方 福岡県
100%
新飯塚 福岡県
100%
西鉄柳川 福岡県
100%
筑後船小屋 福岡県
100%
令和コスタ行橋 福岡県
100%
三毛門 福岡県
100%
中間 福岡県
100%
西鉄小郡 福岡県
100%
大板井 福岡県
100%
二日市 福岡県
100%
筑前山家 福岡県
100%
福岡県
100%
西鉄二日市 福岡県
100%
博多南 福岡県
100%
大野城 福岡県
100%
西鉄五条 福岡県
100%
太宰府 福岡県
100%
筑後吉井 福岡県
100%
甘木 福岡県
100%
糸島高校前 福岡県
100%
筑前深江 福岡県
100%
大入 福岡県
100%
筑前山手 福岡県
100%
新宮中央 福岡県
100%
西鉄新宮 福岡県
100%
門松 福岡県
100%
原町 福岡県
100%
水巻 福岡県
100%
遠賀川 福岡県
100%
小竹 福岡県
100%
太刀洗 福岡県
100%
西太刀洗 福岡県
100%
西添田 福岡県
100%
添田 福岡県
100%
豊前大熊 福岡県
100%
福岡県
100%
バルーンさが 佐賀県
100%
東唐津 佐賀県
100%
西唐津 佐賀県
100%
本牟田部 佐賀県
100%
肥前麓 佐賀県
100%
上伊万里 佐賀県
100%
武雄温泉 佐賀県
100%
肥前鹿島 佐賀県
100%
肥前浜 佐賀県
100%
吉野ケ里公園 佐賀県
100%
有田 佐賀県
100%
西有田 佐賀県
100%
肥前白石 佐賀県
100%
多良 佐賀県
100%
肥前大浦 佐賀県
100%
西浦上 長崎県
100%
原爆資料館 長崎県
100%
五島町 長崎県
100%
思案橋 長崎県
100%
めがね橋 長崎県
100%
早岐 長崎県
100%
日宇 長崎県
100%
佐世保 長崎県
100%
北佐世保 長崎県
100%
佐世保中央 長崎県
100%
有明湯江 長崎県
100%
島原 長崎県
100%
島原船津 長崎県
100%
島原港 長崎県
100%
肥前長田 長崎県
100%
大草 長崎県
100%
干拓の里 長崎県
100%
諫早東高校 長崎県
100%
大村車両基地 長崎県
100%
新大村 長崎県
100%
松浦 長崎県
100%
彼杵 長崎県
100%
植木 熊本県
100%
崇城大学前 熊本県
100%
水前寺 熊本県
100%
光の森 熊本県
100%
新水前寺駅前 熊本県
100%
八景水谷 熊本県
100%
段山町 熊本県
100%
味噌天神前 熊本県
100%
水前寺公園 熊本県
100%
県立体育館前 熊本県
100%
千丁 熊本県
100%
新八代 熊本県
100%
鎌瀬 熊本県
100%
瀬戸石 熊本県
100%
肥後高田 熊本県
100%
肥後二見 熊本県
100%
西人吉 熊本県
100%
人吉温泉 熊本県
100%
水俣 熊本県
100%
玉名 熊本県
100%
肥後伊倉 熊本県
100%
阿蘇 熊本県
100%
新須屋 熊本県
100%
長洲 熊本県
100%
肥後大津 熊本県
100%
南阿蘇白川水源 熊本県
100%
肥後田浦 熊本県
100%
湯前 熊本県
100%
豊後国分 大分県
100%
別府大学 大分県
100%
豊後三芳 大分県
100%
海崎 大分県
100%
臼杵 大分県
100%
玉来 大分県
100%
杵築 大分県
100%
豊後清川 大分県
100%
豊後中村 大分県
100%
豊後森 大分県
100%
子供の国 宮崎県
100%
都城 宮崎県
100%
西都城 宮崎県
100%
北延岡 宮崎県
100%
北郷 宮崎県
100%
内之田 宮崎県
100%
日向大束 宮崎県
100%
日向北方 宮崎県
100%
えびの 宮崎県
100%
高原 宮崎県
100%
日向新富 宮崎県
100%
薩摩松元 鹿児島県
100%
高見橋 鹿児島県
100%
枕崎 鹿児島県
100%
出水 鹿児島県
100%
指宿 鹿児島県
100%
山川 鹿児島県
100%
開聞 鹿児島県
100%
薩摩高城 鹿児島県
100%
東市来 鹿児島県
100%
大隅横川 鹿児島県
100%
市来 鹿児島県
100%
志布志 鹿児島県
100%
頴娃 鹿児島県
100%
加治木 鹿児島県
100%
姶良 鹿児島県
100%
那覇空港 沖縄県
100%
赤嶺 沖縄県
100%
おもろまち 沖縄県
100%
浦添前田 沖縄県
100%
西富士宮 静岡県
83%
槻木 宮城県
80%
羽後牛島 秋田県
80%
北越谷 埼玉県
80%
富士 静岡県
80%
八事日赤 愛知県
80%
恵美須町 大阪府
80%
谷川 兵庫県
80%
日向市 宮崎県
80%
十字街 北海道
75%
七飯 北海道
75%
剣淵 北海道
75%
厚内 北海道
75%
東白石 宮城県
75%
逢隈 宮城県
75%
奥阿仁 秋田県
75%
日立 茨城県
75%
真岡 栃木県
75%
西那須野 栃木県
75%
土合 群馬県
75%
中浦和 埼玉県
75%
松戸新田 千葉県
75%
流山 千葉県
75%
水道橋 東京都
75%
麹町 東京都
75%
東向島 東京都
75%
世田谷代田 東京都
75%
谷保 東京都
75%
鶴ヶ峰 神奈川県
75%
読売ランド前 神奈川県
75%
南林間 神奈川県
75%
坂町 新潟県
75%
下立口 富山県
75%
宝達 石川県
75%
元善光寺 長野県
75%
平滝 長野県
75%
中津川 岐阜県
75%
豊田町 静岡県
75%
碧南 愛知県
75%
刈谷市 愛知県
75%
堺東 大阪府
75%
河内山本 大阪府
75%
養父 兵庫県
75%
上郡 兵庫県
75%
紀伊 和歌山県
75%
海南 和歌山県
75%
児島 岡山県
75%
美作加茂 岡山県
75%
宇品五丁目 広島県
75%
後免 高知県
75%
宇美 福岡県
75%
新地中華街 長崎県
75%
本諫早 長崎県
75%
諏訪 長崎県
75%
白子 三重県
71%
南郷13丁目 北海道
67%
東区役所前 北海道
67%
渡島砂原 北海道
67%
浜小清水 北海道
67%
紀伊内原 和歌山県
67%
札内 北海道
67%
浅虫温泉 青森県
67%
陸奥赤石 青森県
67%
似内 岩手県
67%
ゆだ高原 岩手県
67%
青葉山 宮城県
67%
高城町 宮城県
67%
鶴岡 山形県
67%
南陽市役所 山形県
67%
羽前山辺 山形県
67%
養鱒公園 福島県
67%
野木沢 福島県
67%
龍ケ崎市 茨城県
67%
鹿島大野 茨城県
67%
袋田 茨城県
67%
西川田 栃木県
67%
山前 栃木県
67%
大平下 栃木県
67%
明神 栃木県
67%
大谷向 栃木県
67%
片岡 栃木県
67%
蒲須坂 栃木県
67%
宝積寺 栃木県
67%
天王宿 群馬県
67%
富士山下 群馬県
67%
津久田 群馬県
67%
宮原 埼玉県
67%
行田 埼玉県
67%
武州中川 埼玉県
67%
岡部 埼玉県
67%
吉川 埼玉県
67%
姫宮 埼玉県
67%
松岸 千葉県
67%
海鹿島 千葉県
67%
三咲 千葉県
67%
馬来田 千葉県
67%
高柳 千葉県
67%
ちはら台 千葉県
67%
上総亀山 千葉県
67%
大貫 千葉県
67%
芝山千代田 千葉県
67%
御宿 千葉県
67%
御茶ノ水 東京都
67%
広尾 東京都
67%
本郷三丁目 東京都
67%
三ノ輪 東京都
67%
東大島 東京都
67%
京急蒲田 東京都
67%
中野富士見町 東京都
67%
新井薬師前 東京都
67%
下板橋 東京都
67%
西ヶ原四丁目 東京都
67%
荒川七丁目 東京都
67%
白糸台 東京都
67%
競艇場前 東京都
67%
花小金井 東京都
67%
菊名 神奈川県
67%
東白楽 神奈川県
67%
あざみ野 神奈川県
67%
希望ヶ丘 神奈川県
67%
東林間 神奈川県
67%
早川 神奈川県
67%
井細田 神奈川県
67%
山北 神奈川県
67%
平岩 新潟県
67%
浦本 新潟県
67%
虫川大杉 新潟県
67%
新高岡 富山県
67%
動橋 石川県
67%
東桂 山梨県
67%
甲斐大島 山梨県
67%
身延 山梨県
67%
西松本 長野県
67%
南大町 長野県
67%
信濃川上 長野県
67%
白馬 長野県
67%
城ヶ崎海岸 静岡県
67%
新金谷 静岡県
67%
名古屋 愛知県
67%
覚王山 愛知県
67%
久屋大通 愛知県
67%
下地 愛知県
67%
長山 愛知県
67%
名電長沢 愛知県
67%
菰野 三重県
67%
水口石橋 滋賀県
67%
多賀大社前 滋賀県
67%
トロッコ嵯峨 京都府
67%
出町柳 京都府
67%
鞍馬口 京都府
67%
東部市場前 大阪府
67%
長居 大阪府
67%
千林 大阪府
67%
天神橋筋六丁目 大阪府
67%
寺田町 大阪府
67%
四ツ橋 大阪府
67%
朝潮橋 大阪府
67%
春木 大阪府
67%
高槻市 大阪府
67%
茨木市 大阪府
67%
萱島 大阪府
67%
摂津 大阪府
67%
河内花園 大阪府
67%
西鈴蘭台 兵庫県
67%
西神中央 兵庫県
67%
ハーバーランド 兵庫県
67%
林崎松江海岸 兵庫県
67%
川西池田 兵庫県
67%
生駒山上 奈良県
67%
佐味田川 奈良県
67%
三菱自工前 岡山県
67%
布原 岡山県
67%
美作江見 岡山県
67%
安芸長束 広島県
67%
宇品四丁目 広島県
67%
新広 広島県
67%
新市 広島県
67%
石鎚山 愛媛県
67%
壬生川 愛媛県
67%
土佐岩原 高知県
67%
長者原 福岡県
67%
新水前寺 熊本県
67%
東免田 熊本県
67%
日向住吉 宮崎県
67%
日向前田 宮崎県
67%
南日向 宮崎県
67%
福住 北海道
60%
那珂湊 茨城県
60%
西岡崎 愛知県
60%
阿久比 愛知県
60%
百舌鳥八幡 大阪府
60%
山陽魚住 兵庫県
60%
百合が原 北海道
50%
西18丁目 北海道
50%
澄川 北海道
50%
西線9条旭山公園通 北海道
50%
行啓通 北海道
50%
西11丁目 北海道
50%
音別 北海道
50%
大楽毛 北海道
50%
錦岡 北海道
50%
上芦別 北海道
50%
茂尻 北海道
50%
西和田 北海道
50%
サッポロビール庭園 北海道
50%
長和 北海道
50%
やながわ希望の森公園前 福島県
50%
福島県
50%
七重浜 北海道
50%
ロイズタウン 北海道
50%
戸綿 静岡県
50%
森町病院前 静岡県
50%
円田 静岡県
50%
栗山 北海道
50%
伊香牛 北海道
50%
糠南 北海道
50%
豊浦 北海道
50%
北吉原 北海道
50%
遠矢 北海道
50%
磯分内 北海道
50%
塘路 北海道
50%
摩周 北海道
50%
白糠 北海道
50%
津軽宮田 青森県
50%
撫牛子 青森県
50%
五農校前 青森県
50%
碇ケ関 青森県
50%
中小国 青森県
50%
白神岳登山口 青森県
50%
ウェスパ椿山 青森県
50%
野辺地 青森県
50%
好摩 岩手県
50%
山岸 岩手県
50%
上米内 岩手県
50%
松草 岩手県
50%
新田老 岩手県
50%
恋し浜 岩手県
50%
立川目 岩手県
50%
横川目 岩手県
50%
真滝 岩手県
50%
山ノ目 岩手県
50%
横間 岩手県
50%
紫波中央 岩手県
50%
ゆだ錦秋湖 岩手県
50%
上有住 岩手県
50%
浪板海岸 岩手県
50%
岩泉小本 岩手県
50%
白井海岸 岩手県
50%
野田玉川 岩手県
50%
宿戸 岩手県
50%
有家 岩手県
50%
東照宮 宮城県
50%
苦竹 宮城県
50%
小鶴新田 宮城県
50%
六丁の目 宮城県
50%
万石浦 宮城県
50%
塩釜 宮城県
50%
南角田 宮城県
50%
岩沼 宮城県
50%
瀬峰 宮城県
50%
古川 宮城県
50%
川渡温泉 宮城県
50%
池尻 福岡県
50%
丸森 宮城県
50%
品井沼 宮城県
50%
大張野 秋田県
50%
上湯沢 秋田県
50%
岩城みなと 秋田県
50%
鶯野 秋田県
50%
上桧木内 秋田県
50%
鼠ケ関 山形県
50%
酒田 山形県
50%
南新庄 山形県
50%
袖崎 山形県
50%
天童 山形県
50%
東長沢 山形県
50%
女鹿 山形県
50%
美術館図書館前 福島県
50%
郡山富田 福島県
50%
喜久田 福島県
50%
安子ケ島 福島県
50%
いわき 福島県
50%
白坂 福島県
50%
姥堂 福島県
50%
磐城常葉 福島県
50%
小高 福島県
50%
原ノ町 福島県
50%
鏡石 福島県
50%
尾登 福島県
50%
上戸 福島県
50%
塔寺 福島県
50%
泉崎 福島県
50%
三春 福島県
50%
竜田 福島県
50%
東水戸 茨城県
50%
常陸多賀 茨城県
50%
宗道 茨城県
50%
水海道 茨城県
50%
稲戸井 茨城県
50%
工機前 茨城県
50%
潮来 茨城県
50%
南酒出 茨城県
50%
新治 茨城県
50%
みらい平 茨城県
50%
平石中央小学校前 栃木県
50%
福居 栃木県
50%
静和 栃木県
50%
新大平下 栃木県
50%
葛生 栃木県
50%
原向 栃木県
50%
湯西川温泉 栃木県
50%
黒磯 栃木県
50%
益子 栃木県
50%
倉賀野 群馬県
50%
相老 群馬県
50%
三枚橋 群馬県
50%
沼田 群馬県
50%
上州新屋 群馬県
50%
市城 群馬県
50%
北浦和 埼玉県
50%
笠幡 埼玉県
50%
西川口 埼玉県
50%
戸塚安行 埼玉県
50%
所沢 埼玉県
50%
八木崎 埼玉県
50%
鴻巣 埼玉県
50%
ふかや花園 埼玉県
50%
小前田 埼玉県
50%
高麗 埼玉県
50%
横瀬 埼玉県
50%
波久礼 埼玉県
50%
用土 埼玉県
50%
国府台 千葉県
50%
西船橋 千葉県
50%
東中山 千葉県
50%
巌根 千葉県
50%
八柱 千葉県
50%
七光台 千葉県
50%
京成佐倉 千葉県
50%
女子大 千葉県
50%
飯岡 千葉県
50%
実籾 千葉県
50%
豊四季 千葉県
50%
上総山田 千葉県
50%
飯給 千葉県
50%
北初富 千葉県
50%
西白井 千葉県
50%
国吉 千葉県
50%
大多喜 千葉県
50%
乃木坂 東京都
50%
お台場海浜公園 東京都
50%
新御徒町 東京都
50%
蔵前 東京都
50%
京成曳舟 東京都
50%
市場前 東京都
50%
祐天寺 東京都
50%
大岡山 東京都
50%
洗足池 東京都
50%
御嶽山 東京都
50%
芦花公園 東京都
50%
池ノ上 東京都
50%
宮の坂 東京都
50%
代々木 東京都
50%
神泉 東京都
50%
参宮橋 東京都
50%
初台 東京都
50%
高円寺 東京都
50%
方南町 東京都
50%
井荻 東京都
50%
高井戸 東京都
50%
目白 東京都
50%
東池袋四丁目 東京都
50%
赤羽岩淵 東京都
50%
熊野前 東京都
50%
上板橋 東京都
50%
西台 東京都
50%
中村橋 東京都
50%
四ツ木 東京都
50%
日向和田 東京都
50%
多磨霊園 東京都
50%
東中神 東京都
50%
国領 東京都
50%
相原 東京都
50%
一橋学園 東京都
50%
多摩動物公園 東京都
50%
萩山 東京都
50%
狛江 東京都
50%
東大和市 東京都
50%
国道 神奈川県
50%
鴨居 神奈川県
50%
本郷台 神奈川県
50%
田奈 神奈川県
50%
南太田 神奈川県
50%
能見台 神奈川県
50%
緑園都市 神奈川県
50%
馬車道 神奈川県
50%
踊場 神奈川県
50%
立場 神奈川県
50%
川崎 神奈川県
50%
武蔵新城 神奈川県
50%
浜川崎 神奈川県
50%
昭和 神奈川県
50%
新川崎 神奈川県
50%
小島新田 神奈川県
50%
港町 神奈川県
50%
腰越 神奈川県
50%
由比ヶ浜 神奈川県
50%
柳小路 神奈川県
50%
神武寺 神奈川県
50%
東海大学前 神奈川県
50%
つきみ野 神奈川県
50%
かしわ台 神奈川県
50%
上強羅 神奈川県
50%
矢代田 新潟県
50%
豊栄 新潟県
50%
内野 新潟県
50%
東光寺 新潟県
50%
小千谷 新潟県
50%
越後水沢 新潟県
50%
下条 新潟県
50%
しんざ 新潟県
50%
ほくほく大島 新潟県
50%
土樽 新潟県
50%
楡原 富山県
50%
速星 富山県
50%
開発 富山県
50%
インテック本社前 富山県
50%
水橋 富山県
50%
地鉄ビル前 富山県
50%
中加積 富山県
50%
東滑川 富山県
50%
音沢 富山県
50%
大聖寺 石川県
50%
千路 石川県
50%
内灘 石川県
50%
仁愛女子高校 福井県
50%
越前富田 福井県
50%
南条 福井県
50%
美浜緑苑 愛知県
50%
青郷 福井県
50%
若狭本郷 福井県
50%
酒折 山梨県
50%
谷村町 山梨県
50%
禾生 山梨県
50%
三才 長野県
50%
北松本 長野県
50%
大屋 長野県
50%
金野 長野県
50%
長野県
50%
伊那上郷 長野県
50%
須坂 長野県
50%
簗場 長野県
50%
飯山 長野県
50%
洗馬 長野県
50%
屋代 長野県
50%
豊科 長野県
50%
伊那本郷 長野県
50%
夜間瀬 長野県
50%
森宮野原 長野県
50%
田神 岐阜県
50%
岐阜県
50%
関下有知 岐阜県
50%
新加納 岐阜県
50%
坂上 岐阜県
50%
神海 岐阜県
50%
徳永 岐阜県
50%
下呂 岐阜県
50%
美濃津屋 岐阜県
50%
北神戸 岐阜県
50%
下川合 静岡県
50%
水窪 静岡県
50%
高塚 静岡県
50%
常葉大学前 静岡県
50%
寸座 静岡県
50%
積志 静岡県
50%
片浜 静岡県
50%
源道寺 静岡県
50%
金谷 静岡県
50%
西掛川 静岡県
50%
下泉 静岡県
50%
土本 静岡県
50%
川根小山 静岡県
50%
千種 愛知県
50%
尾頭橋 愛知県
50%
近鉄八田 愛知県
50%
中京競馬場前 愛知県
50%
本星崎 愛知県
50%
呼続 愛知県
50%
東枇杷島 愛知県
50%
東大手 愛知県
50%
桜本町 愛知県
50%
中村公園 愛知県
50%
一社 愛知県
50%
名古屋城 愛知県
50%
熱田神宮西 愛知県
50%
自由ヶ丘 愛知県
50%
茶屋ヶ坂 愛知県
50%
砂田橋 愛知県
50%
桜山 愛知県
50%
鳴子北 愛知県
50%
小幡緑地 愛知県
50%
米野 愛知県
50%
ささしまライブ 愛知県
50%
東八町 愛知県
50%
赤岩口 愛知県
50%
新木曽川 愛知県
50%
苅安賀 愛知県
50%
西一宮 愛知県
50%
瀬戸市役所前 愛知県
50%
亀崎 愛知県
50%
乙川 愛知県
50%
勝川 愛知県
50%
定光寺 愛知県
50%
牛久保 愛知県
50%
伊奈 愛知県
50%
東刈谷 愛知県
50%
梅坪 愛知県
50%
八草 愛知県
50%
米津 愛知県
50%
福地 愛知県
50%
吉良吉田 愛知県
50%
三河鳥羽 愛知県
50%
田県神社前 愛知県
50%
清洲 愛知県
50%
新城 愛知県
50%
豊島 愛知県
50%
西枇杷島 愛知県
50%
新清洲 愛知県
50%
杁ヶ池公園 愛知県
50%
相見 愛知県
50%
関ノ宮 三重県
50%
川合高岡 三重県
50%
東青山 三重県
50%
豊津上野 三重県
50%
久居 三重県
50%
南日永 三重県
50%
阿倉川 三重県
50%
保々 三重県
50%
上野市 三重県
50%
市部 三重県
50%
東員 三重県
50%
三瀬谷 三重県
50%
志賀 滋賀県
50%
石山 滋賀県
50%
稲枝 滋賀県
50%
永原 滋賀県
50%
栗東 滋賀県
50%
紫香楽宮跡 滋賀県
50%
新旭 滋賀県
50%
能登川 滋賀県
50%
尼子 滋賀県
50%
藤森 京都府
50%
京都府
50%
四宮 京都府
50%
京都府
50%
トロッコ嵐山 京都府
50%
椥辻 京都府
50%
二条城前 京都府
50%
淵垣 京都府
50%
久津川 京都府
50%
富野荘 京都府
50%
西向日 京都府
50%
西山天王山 京都府
50%
久美浜 京都府
50%
八木 京都府
50%
安栖里 京都府
50%
鴫野 大阪府
50%
ユニバーサルシティ 大阪府
50%
河堀口 大阪府
50%
帝塚山 大阪府
50%
森小路 大阪府
50%
神崎川 大阪府
50%
中崎町 大阪府
50%
汐見橋 大阪府
50%
上野芝 大阪府
50%
大小路 大阪府
50%
関大前 大阪府
50%
東貝塚 大阪府
50%
牧野 大阪府
50%
村野 大阪府
50%
服部川 大阪府
50%
喜志 大阪府
50%
香里園 大阪府
50%
美加の台 大阪府
50%
布忍 大阪府
50%
河内松原 大阪府
50%
箕面 大阪府
50%
河内堅上 大阪府
50%
法善寺 大阪府
50%
道明寺 大阪府
50%
衣摺加美北 大阪府
50%
山中渓 大阪府
50%
箱作 大阪府
50%
熊取 大阪府
50%
花隈 兵庫県
50%
滝の茶屋 兵庫県
50%
南公園 兵庫県
50%
南魚崎 兵庫県
50%
朝霧 兵庫県
50%
大蔵谷 兵庫県
50%
東二見 兵庫県
50%
武庫川団地前 兵庫県
50%
打出 兵庫県
50%
浜の宮 兵庫県
50%
船町口 兵庫県
50%
宝殿 兵庫県
50%
法華口 兵庫県
50%
北条町 兵庫県
50%
佐用 兵庫県
50%
三日月 兵庫県
50%
近鉄郡山 奈良県
50%
前栽 奈良県
50%
玉手 奈良県
50%
一分 奈良県
50%
白庭台 奈良県
50%
近鉄新庄 奈良県
50%
新王寺 奈良県
50%
大阿太 奈良県
50%
紀三井寺 和歌山県
50%
宮前 和歌山県
50%
紀和 和歌山県
50%
交通センター前 和歌山県
50%
初島 和歌山県
50%
名手 和歌山県
50%
貴志 和歌山県
50%
広川ビーチ 和歌山県
50%
椿 和歌山県
50%
那智 和歌山県
50%
末恒 鳥取県
50%
湖山 鳥取県
50%
弓ケ浜 鳥取県
50%
余子 鳥取県
50%
生山 鳥取県
50%
乃木 島根県
50%
玉造温泉 島根県
50%
三保三隅 島根県
50%
石見津田 島根県
50%
静間 島根県
50%
西川原 岡山県
50%
植松 岡山県
50%
野々口 岡山県
50%
門田屋敷 岡山県
50%
中庄 岡山県
50%
備前田井 岡山県
50%
宇野 岡山県
50%
笠岡 岡山県
50%
いずえ 岡山県
50%
豪渓 岡山県
50%
美袋 岡山県
50%
岩山 岡山県
50%
足立 岡山県
50%
金光 岡山県
50%
安芸中野 広島県
50%
新井口 広島県
50%
商工センター入口 広島県
50%
的場町 広島県
50%
祇園新橋北 広島県
50%
毘沙門台 広島県
50%
海岸通 広島県
50%
元宇品口 広島県
50%
草津南 広島県
50%
南区役所前 広島県
50%
安登 広島県
50%
須波 広島県
50%
梶田 広島県
50%
小奴可 広島県
50%
備後西城 広島県
50%
宮島ボートレース場 広島県
50%
幡生 山口県
50%
特牛 山口県
50%
小串 山口県
50%
川棚温泉 山口県
50%
湯田温泉 山口県
50%
錦町 山口県
50%
埴生 山口県
50%
板東 徳島県
50%
桑野 徳島県
50%
山瀬 徳島県
50%
箸蔵 徳島県
50%
阿波池田 徳島県
50%
牟岐 徳島県
50%
貞光 徳島県
50%
三加茂 徳島県
50%
香西 香川県
50%
海岸寺 香川県
50%
梅津寺 愛媛県
50%
勝山町 愛媛県
50%
本町五丁目 愛媛県
50%
本町三丁目 愛媛県
50%
立間 愛媛県
50%
新居浜 愛媛県
50%
伊予氷見 愛媛県
50%
川之江 愛媛県
50%
伊予三島 愛媛県
50%
領石通 高知県
50%
知寄町一丁目 高知県
50%
桟橋通二丁目 高知県
50%
多ノ郷 高知県
50%
佐賀公園 高知県
50%
枝光 福岡県
50%
奥洞海 福岡県
50%
黒崎駅前 福岡県
50%
徳力公団前 福岡県
50%
楠橋 福岡県
50%
今宿 福岡県
50%
馬出九大病院前 福岡県
50%
西鉄渡瀬 福岡県
50%
荒木 福岡県
50%
南直方御殿口 福岡県
50%
筑豊直方 福岡県
50%
都府楼南 福岡県
50%
千鳥 福岡県
50%
福岡県
50%
須恵 福岡県
50%
山隈 福岡県
50%
鬼塚 佐賀県
50%
田代 佐賀県
50%
鳥栖 佐賀県
50%
金石原 佐賀県
50%
東山代 佐賀県
50%
昭和町通 長崎県
50%
浦上駅前 長崎県
50%
崇福寺 長崎県
50%
大浦海岸通 長崎県
50%
潜竜ヶ滝 長崎県
50%
東田平 長崎県
50%
たびら平戸口 長崎県
50%
阿母崎 長崎県
50%
藤崎宮前 熊本県
50%
打越 熊本県
50%
二本木口 熊本県
50%
慶徳校前 熊本県
50%
新水俣 熊本県
50%
三ツ石 熊本県
50%
木葉 熊本県
50%
三里木 熊本県
50%
見晴台 熊本県
50%
一武 熊本県
50%
上臼杵 大分県
50%
柳ケ浦 大分県
50%
三重町 大分県
50%
向之原 大分県
50%
日出 大分県
50%
市棚 宮崎県
50%
南延岡 宮崎県
50%
日南 宮崎県
50%
桜島桟橋通 鹿児島県
50%
朝日通 鹿児島県
50%
天文館通 鹿児島県
50%
薩摩板敷 鹿児島県
50%
牛ノ浜 鹿児島県
50%
隈之城 鹿児島県
50%
上川内 鹿児島県
50%
伊集院 鹿児島県
50%
石嶺 沖縄県
50%
道川 秋田県
40%
西金 茨城県
40%
田畑 長野県
40%
王子公園 兵庫県
40%
河崎口 鳥取県
40%
小森江 福岡県
40%
御崎 北海道
33%
太美 北海道
33%
山越 北海道
33%
十弗 北海道
33%
後潟 青森県
33%
瀬辺地 青森県
33%
宮守 岩手県
33%
ほっとゆだ 岩手県
33%
上二田 秋田県
33%
前田南 秋田県
33%
鯉川 秋田県
33%
古口 山形県
33%
高屋 山形県
33%
早戸 福島県
33%
東館 福島県
33%
佐和 茨城県
33%
中菅谷 茨城県
33%
桐生 群馬県
33%
国定 群馬県
33%
小野上温泉 群馬県
33%
大野原 埼玉県
33%
航空公園 埼玉県
33%
ゆめが丘 神奈川県
33%
東山田 神奈川県
33%
矢部 神奈川県
33%
厚木 神奈川県
33%
北条 新潟県
33%
南高田 新潟県
33%
石打 新潟県
33%
東八尾 富山県
33%
グランドプラザ前 富山県
33%
安野屋 富山県
33%
鐘釣 富山県
33%
東石黒 富山県
33%
城端 富山県
33%
三ツ屋 石川県
33%
松任 石川県
33%
大土呂 福井県
33%
北大野 福井県
33%
志比堺 福井県
33%
落居 山梨県
33%
久那土 山梨県
33%
川岸 長野県
33%
細野 長野県
33%
岐阜県
33%
釜戸 岐阜県
33%
北方真桑 岐阜県
33%
禅昌寺 岐阜県
33%
上麻生 岐阜県
33%
新蒲原 静岡県
33%
県総合運動場 静岡県
33%
さぎの宮 静岡県
33%
神尾 静岡県
33%
烏森 愛知県
33%
老津 愛知県
33%
名電赤坂 愛知県
33%
寺本 愛知県
33%
柏森 愛知県
33%
東一身田 三重県
33%
河原田 三重県
33%
暁学園前 三重県
33%
上ノ庄 三重県
33%
東松阪 三重県
33%
益生 三重県
33%
長太ノ浦 三重県
33%
九鬼 三重県
33%
大泊 三重県
33%
楚原 三重県
33%
中菰野 三重県
33%
川越富洲原 三重県
33%
田村 滋賀県
33%
勅旨 滋賀県
33%
桃谷 大阪府
33%
南田辺 大阪府
33%
姫島 大阪府
33%
南港東 大阪府
33%
神ノ木 大阪府
33%
関目成育 大阪府
33%
御殿山 大阪府
33%
鶴原 大阪府
33%
富田林 大阪府
33%
安堂 大阪府
33%
富木 大阪府
33%
長瀬 大阪府
33%
西元町 兵庫県
33%
砥堀 兵庫県
33%
武田尾 兵庫県
33%
甘地 兵庫県
33%
苔縄 兵庫県
33%
ファミリー公園前 奈良県
33%
尺土 奈良県
33%
榛原 奈良県
33%
下市口 奈良県
33%
岡崎前 和歌山県
33%
打田 和歌山県
33%
下市 鳥取県
33%
朝日ヶ丘 島根県
33%
川跡 島根県
33%
大田市 島根県
33%
温泉津 島根県
33%
南大東 島根県
33%
万富 岡山県
33%
大安寺 岡山県
33%
福渡 岡山県
33%
法界院 岡山県
33%
常山 岡山県
33%
子守唄の里高屋 岡山県
33%
中深川 広島県
33%
袋町 広島県
33%
比治山橋 広島県
33%
広島県
33%
阿品 広島県
33%
吉田口 広島県
33%
床波 山口県
33%
仁保 山口県
33%
深溝 山口県
33%
阿知須 山口県
33%
富海 山口県
33%
徳山 山口県
33%
西麻植 徳島県
33%
徳島県
33%
松島二丁目 香川県
33%
潟元 香川県
33%
比地大 香川県
33%
郡中 愛媛県
33%
朝倉駅前 高知県
33%
鹿児 高知県
33%
あき総合病院前 高知県
33%
江川崎 高知県
33%
和食 高知県
33%
熊西 福岡県
33%
奈多 福岡県
33%
名島 福岡県
33%
学校前 福岡県
33%
田川市立病院 福岡県
33%
筑前垣生 福岡県
33%
現川 長崎県
33%
幸崎 大分県
33%
竹中 大分県
33%
伊比井 宮崎県
33%
餅原 宮崎県
33%
東都農 宮崎県
33%
宇宿 鹿児島県
33%
大谷地 北海道
25%
角田 宮城県
25%
漆山 山形県
25%
萩生 山形県
25%
矢吹 福島県
25%
小田林 茨城県
25%
佐久海ノ口 長野県
25%
常盤平 千葉県
25%
三門 千葉県
25%
上野毛 東京都
25%
社家 神奈川県
25%
猿和田 新潟県
25%
土底浜 新潟県
25%
稚子塚 富山県
25%
朝陽 長野県
25%
飯森 長野県
25%
南栄 愛知県
25%
保見 愛知県
25%
高月 滋賀県
25%
黒坂 鳥取県
25%
梅迫 京都府
25%
胡麻 京都府
25%
塚西 大阪府
25%
江坂 大阪府
25%
中山観音 兵庫県
25%
久下村 兵庫県
25%
田井ノ瀬 和歌山県
25%
折居 島根県
25%
川辺宿 岡山県
25%
猿猴橋町 広島県
25%
長府 山口県
25%
伊上 山口県
25%
鴨川 香川県
25%
菊間 愛媛県
25%
桜坂 福岡県
25%
加布里 福岡県
25%
鞍手 福岡県
25%
蛍茶屋 長崎県
25%
諏訪神社 長崎県
25%
蟇目 岩手県
20%
下市田 長野県
20%
六輪 愛知県
20%
郡津 大阪府
20%
大輪田 奈良県
20%
切目 和歌山県
20%
日和佐 徳島県
20%
佐川 高知県
20%
雁ノ巣 福岡県
20%
中福良 鹿児島県
20%
大多羅 岡山県
17%
ほしみ 北海道
0%
稲穂 北海道
0%
稲積公園 北海道
0%
発寒中央 北海道
0%
桑園 北海道
0%
苗穂 北海道
0%
平和 北海道
0%
八軒 北海道
0%
新琴似 北海道
0%
あいの里教育大 北海道
0%
さっぽろ 北海道
0%
新札幌 北海道
0%
新さっぽろ 北海道
0%
宮の沢 北海道
0%
発寒南 北海道
0%
二十四軒 北海道
0%
西28丁目 北海道
0%
円山公園 北海道
0%
大通 北海道
0%
バスセンター前 北海道
0%
菊水 北海道
0%
南郷7丁目 北海道
0%
南郷18丁目 北海道
0%
ひばりが丘 北海道
0%
北34条 北海道
0%
北18条 北海道
0%
中島公園 北海道
0%
南平岸 北海道
0%
自衛隊前 北海道
0%
新道東 北海道
0%
環状通東 北海道
0%
美園 北海道
0%
西8丁目 北海道
0%
西線6条 北海道
0%
西線11条 北海道
0%
西線14条 北海道
0%
ロープウェイ入口 北海道
0%
中央図書館前 北海道
0%
石山通 北海道
0%
幌南小学校前 北海道
0%
静修学園前 北海道
0%
中島公園通 北海道
0%
山鼻9条 北海道
0%
東本願寺前 北海道
0%
資生館小学校前 北海道
0%
狸小路 北海道
0%
中央区役所前 北海道
0%
桔梗 北海道
0%
青柳町 北海道
0%
深堀町 北海道
0%
柏木町 北海道
0%
杉並町 北海道
0%
堀川町 北海道
0%
宝来町 北海道
0%
湯の川温泉 北海道
0%
函館アリーナ前 北海道
0%
駒場車庫前 北海道
0%
五稜郭公園前 北海道
0%
中央病院前 北海道
0%
千代台 北海道
0%
昭和橋 北海道
0%
魚市場通 北海道
0%
谷地頭 北海道
0%
蘭島 北海道
0%
塩谷 北海道
0%
朝里 北海道
0%
銭函 北海道
0%
近文 北海道
0%
旭川 北海道
0%
神楽岡 北海道
0%
西御料 北海道
0%
西瑞穂 北海道
0%
西神楽 北海道
0%
西聖和 北海道
0%
新旭川 北海道
0%
永山 北海道
0%
北永山 北海道
0%
桜岡 北海道
0%
崎守 北海道
0%
本輪西 北海道
0%
母恋 北海道
0%
輪西 北海道
0%
新大楽毛 北海道
0%
東釧路 北海道
0%
柏林台 北海道
0%
帯広 北海道
0%
西留辺蘂 北海道
0%
相内 北海道
0%
東相内 北海道
0%
柏陽 北海道
0%
愛し野 北海道
0%
緋牛内 北海道
0%
幌向 北海道
0%
上幌向 北海道
0%
岩見沢 北海道
0%
栗丘 北海道
0%
栗沢 北海道
0%
呼人 北海道
0%
網走 北海道
0%
桂台 北海道
0%
鱒浦 北海道
0%
藻琴 北海道
0%
糸井 北海道
0%
青葉 北海道
0%
勇払 北海道
0%
勇知 北海道
0%
稚内 北海道
0%
峰延 北海道
0%
野花南 北海道
0%
大麻 北海道
0%
豊幌 北海道
0%
士別 北海道
0%
多寄 北海道
0%
瑞穂 北海道
0%
名寄高校 北海道
0%
名寄 北海道
0%
智恵文 北海道
0%
智北 北海道
0%
落石 北海道
0%
昆布盛 北海道
0%
東根室 北海道
0%
新千歳空港 北海道
0%
南千歳 北海道
0%
江部乙 北海道
0%
東滝川 北海道
0%
豊沼 北海道
0%
深川 北海道
0%
北一已 北海道
0%
富良野 北海道
0%
学田 北海道
0%
恵庭 北海道
0%
島松 北海道
0%
有珠 北海道
0%
伊達紋別 北海道
0%
北舟岡 北海道
0%
稀府 北海道
0%
高子 福島県
0%
上保原 福島県
0%
保原 福島県
0%
富野 福島県
0%
渡島当別 北海道
0%
茂辺地 北海道
0%
上磯 北海道
0%
清川口 北海道
0%
東久根別 北海道
0%
地蔵町 愛媛県
0%
松前 愛媛県
0%
木古内 北海道
0%
泉沢 北海道
0%
釜谷 北海道
0%
大中山 北海道
0%
仁山 北海道
0%
大沼公園 北海道
0%
鹿部 北海道
0%
赤井川 北海道
0%
渡島沼尻 北海道
0%
掛澗 北海道
0%
尾白内 北海道
0%
石倉 北海道
0%
落部 北海道
0%
野田生 北海道
0%
八雲 北海道
0%
国縫 北海道
0%
二股 北海道
0%
静狩 北海道
0%
熱郛 北海道
0%
目名 北海道
0%
蘭越 北海道
0%
比羅夫 北海道
0%
小沢 北海道
0%
銀山 北海道
0%
然別 北海道
0%
仁木 北海道
0%
奈井江 北海道
0%
古山 北海道
0%
由仁 北海道
0%
川端 北海道
0%
蘭留 北海道
0%
中愛別 北海道
0%
安足間 北海道
0%
上川 北海道
0%
北美瑛 北海道
0%
美馬牛 北海道
0%
上富良野 北海道
0%
ラベンダー畑 北海道
0%
中富良野 北海道
0%
鹿討 北海道
0%
占冠 北海道
0%
塩狩 北海道
0%
天塩川温泉 北海道
0%
咲来 北海道
0%
筬島 北海道
0%
佐久 北海道
0%
豊富 北海道
0%
兜沼 北海道
0%
問寒別 北海道
0%
雄信内 北海道
0%
幌延 北海道
0%
下沼 北海道
0%
中斜里 北海道
0%
北海道
0%
清里町 北海道
0%
原生花園 北海道
0%
丸瀬布 北海道
0%
瀬戸瀬 北海道
0%
安国 北海道
0%
女満別 北海道
0%
礼文 北海道
0%
大岸 北海道
0%
竹浦 北海道
0%
萩野 北海道
0%
社台 北海道
0%
遠浅 北海道
0%
早来 北海道
0%
大成 北海道
0%
利別 北海道
0%
池野 岐阜県
0%
北池野 岐阜県
0%
豊頃 北海道
0%
新吉野 北海道
0%
別保 北海道
0%
細岡 北海道
0%
尾幌 北海道
0%
厚岸 北海道
0%
茶内 北海道
0%
姉別 北海道
0%
標茶 北海道
0%
茅沼 北海道
0%
美留和 北海道
0%
西庶路 北海道
0%
庶路 北海道
0%
大釈迦 青森県
0%
鶴ケ坂 青森県
0%
油川 青森県
0%
奥内 青森県
0%
左堰 青森県
0%
中沢 青森県
0%
野内 青森県
0%
矢田前 青森県
0%
義塾高校前 青森県
0%
津軽大沢 青森県
0%
松木平 青森県
0%
小栗山 青森県
0%
千年 青森県
0%
聖愛中高前 青森県
0%
弘高下 青森県
0%
八戸 青森県
0%
長苗代 青森県
0%
小中野 青森県
0%
白銀 青森県
0%
青森県
0%
陸奥白浜 青森県
0%
種差海岸 青森県
0%
大久喜 青森県
0%
金浜 青森県
0%
北高岩 青森県
0%
境松 青森県
0%
五所川原 青森県
0%
毘沙門 青森県
0%
嘉瀬 青森県
0%
芦野公園 青森県
0%
川倉 青森県
0%
近川 青森県
0%
金谷沢 青森県
0%
赤川 青森県
0%
下北 青森県
0%
越水 青森県
0%
木造 青森県
0%
津軽湯の沢 青森県
0%
館田 青森県
0%
尾上高校前 青森県
0%
狩場沢 青森県
0%
清水川 青森県
0%
小湊 青森県
0%
郷沢 青森県
0%
大平 青森県
0%
三厩 青森県
0%
鰺ケ沢 青森県
0%
鳴沢 青森県
0%
松神 青森県
0%
十二湖 青森県
0%
陸奥岩崎 青森県
0%
陸奥沢辺 青森県
0%
艫作 青森県
0%
横磯 青森県
0%
広戸 青森県
0%
追良瀬 青森県
0%
驫木 青森県
0%
風合瀬 青森県
0%
大戸瀬 青森県
0%
千畳敷 青森県
0%
北常盤 青森県
0%
林崎 青森県
0%
長峰 青森県
0%
宿川原 青森県
0%
鯖石 青森県
0%
田んぼアート 青森県
0%
田舎館 青森県
0%
板柳 青森県
0%
陸奥鶴田 青森県
0%
鶴泊 青森県
0%
大沢内 青森県
0%
深郷田 青森県
0%
津軽中里 青森県
0%
北野辺地 青森県
0%
有戸 青森県
0%
上北町 青森県
0%
小川原 青森県
0%
乙供 青森県
0%
千曳 青森県
0%
下田 青森県
0%
向山 青森県
0%
十島 山梨県
0%
井出 山梨県
0%
寄畑 山梨県
0%
内船 山梨県
0%
諏訪ノ平 青森県
0%
剣吉 青森県
0%
苫米地 青森県
0%
大蛇 青森県
0%
階上 青森県
0%
前潟 岩手県
0%
仙北町 岩手県
0%
厨川 岩手県
0%
渋民 岩手県
0%
区界 岩手県
0%
箱石 岩手県
0%
陸中川井 岩手県
0%
腹帯 岩手県
0%
花原市 岩手県
0%
千徳 岩手県
0%
山口団地 岩手県
0%
払川 岩手県
0%
津軽石 岩手県
0%
一の渡 岩手県
0%
佐羽根 岩手県
0%
田老 岩手県
0%
摂待 岩手県
0%
岩手県
0%
綾里 岩手県
0%
甫嶺 岩手県
0%
新花巻 岩手県
0%
小山田 岩手県
0%
土沢 岩手県
0%
晴山 岩手県
0%
花巻 岩手県
0%
江釣子 岩手県
0%
藤根 岩手県
0%
岩沢 岩手県
0%
和賀仙人 岩手県
0%
村崎野 岩手県
0%
侍浜 岩手県
0%
陸中夏井 岩手県
0%
久慈 岩手県
0%
岩根橋 岩手県
0%
柏木平 岩手県
0%
鱒沢 岩手県
0%
荒谷前 岩手県
0%
綾織 岩手県
0%
青笹 岩手県
0%
平倉 岩手県
0%
足ケ瀬 岩手県
0%
岩ノ下 岩手県
0%
陸中松川 岩手県
0%
猊鼻渓 岩手県
0%
柴宿 岩手県
0%
摺沢 岩手県
0%
千厩 岩手県
0%
小梨 岩手県
0%
矢越 岩手県
0%
折壁 岩手県
0%
新月 岩手県
0%
油島 岩手県
0%
花泉 岩手県
0%
清水原 岩手県
0%
一ノ関 岩手県
0%
陸中大橋 岩手県
0%
松倉 岩手県
0%
小佐野 岩手県
0%
唐丹 岩手県
0%
両石 岩手県
0%
鵜住居 岩手県
0%
二戸 岩手県
0%
金田一温泉 岩手県
0%
東大更 岩手県
0%
大更 岩手県
0%
平館 岩手県
0%
北森 岩手県
0%
安比高原 岩手県
0%
赤坂田 岩手県
0%
小屋の畑 岩手県
0%
兄畑 岩手県
0%
荒屋新町 岩手県
0%
前沢 岩手県
0%
陸中折居 岩手県
0%
大釜 岩手県
0%
小岩井 岩手県
0%
滝沢 岩手県
0%
雫石 岩手県
0%
春木場 岩手県
0%
赤渕 岩手県
0%
日詰 岩手県
0%
金ケ崎 岩手県
0%
六原 岩手県
0%
大槌 岩手県
0%
島越 岩手県
0%
堀内 岩手県
0%
十府ヶ浦海岸 岩手県
0%
陸中野田 岩手県
0%
角の浜 岩手県
0%
平内 岩手県
0%
陸中八木 岩手県
0%
奥中山高原 岩手県
0%
小鳥谷 岩手県
0%
北仙台 宮城県
0%
葛岡 宮城県
0%
愛子 宮城県
0%
奥新川 宮城県
0%
榴ケ岡 宮城県
0%
陸前高砂 宮城県
0%
中野栄 宮城県
0%
南仙台 宮城県
0%
太子堂 宮城県
0%
八乙女 宮城県
0%
台原 宮城県
0%
北四番丁 宮城県
0%
勾当台公園 宮城県
0%
五橋 宮城県
0%
愛宕橋 宮城県
0%
長町一丁目 宮城県
0%
大町西公園 宮城県
0%
連坊 宮城県
0%
蛇田 宮城県
0%
前谷地 宮城県
0%
佳景山 宮城県
0%
鹿又 宮城県
0%
曽波神 宮城県
0%
渡波 宮城県
0%
沢田 宮城県
0%
和渕 宮城県
0%
越河 宮城県
0%
北白川 宮城県
0%
館腰 宮城県
0%
名取 宮城県
0%
杜せきのした 宮城県
0%
美田園 宮城県
0%
下馬 宮城県
0%
陸前豊里 宮城県
0%
御岳堂 宮城県
0%
梅ケ沢 宮城県
0%
石越 宮城県
0%
有壁 宮城県
0%
東名 宮城県
0%
野蒜 宮城県
0%
鹿妻 宮城県
0%
矢本 宮城県
0%
塚目 宮城県
0%
西古川 宮城県
0%
東大崎 宮城県
0%
西大崎 宮城県
0%
岩出山 宮城県
0%
有備館 宮城県
0%
上野目 宮城県
0%
池月 宮城県
0%
中山平温泉 宮城県
0%
鹿島台 宮城県
0%
田尻 宮城県
0%
松山町 宮城県
0%
東船岡 宮城県
0%
豊前川崎 福岡県
0%
あぶくま 宮城県
0%
北丸森 宮城県
0%
浜吉田 宮城県
0%
亘理 宮城県
0%
坂元 宮城県
0%
手樽 宮城県
0%
陸前浜田 宮城県
0%
利府 宮城県
0%
のの岳 宮城県
0%
浦宿 宮城県
0%
四ツ小屋 秋田県
0%
泉外旭川 秋田県
0%
土崎 秋田県
0%
上飯島 秋田県
0%
下浜 秋田県
0%
東能代 秋田県
0%
鶴形 秋田県
0%
富根 秋田県
0%
二ツ井 秋田県
0%
北能代 秋田県
0%
鳥形 秋田県
0%
十文字 秋田県
0%
小松川 秋田県
0%
相野々 秋田県
0%
柳田 秋田県
0%
下川沿 秋田県
0%
大館 秋田県
0%
陣場 秋田県
0%
沢尻 秋田県
0%
十二所 秋田県
0%
大滝温泉 秋田県
0%
扇田 秋田県
0%
東大館 秋田県
0%
船越 秋田県
0%
脇本 秋田県
0%
羽立 秋田県
0%
男鹿 秋田県
0%
院内 秋田県
0%
横堀 秋田県
0%
三関 秋田県
0%
下湯沢 秋田県
0%
湯瀬温泉 秋田県
0%
八幡平 秋田県
0%
陸中大里 秋田県
0%
鹿角花輪 秋田県
0%
柴平 秋田県
0%
十和田南 秋田県
0%
末広 秋田県
0%
土深井 秋田県
0%
西目 秋田県
0%
羽後岩谷 秋田県
0%
折渡 秋田県
0%
羽後亀田 秋田県
0%
子吉 秋田県
0%
鮎川 秋田県
0%
曲沢 秋田県
0%
前郷 秋田県
0%
西滝沢 秋田県
0%
吉沢 秋田県
0%
川辺 秋田県
0%
矢島 秋田県
0%
羽後飯塚 秋田県
0%
出戸浜 秋田県
0%
二田 秋田県
0%
天王 秋田県
0%
刈和野 秋田県
0%
峰吉川 秋田県
0%
羽後境 秋田県
0%
羽後長野 秋田県
0%
鑓見内 秋田県
0%
前山 秋田県
0%
糠沢 秋田県
0%
鷹巣 秋田県
0%
西鷹巣 秋田県
0%
縄文小ヶ田 秋田県
0%
大野台 秋田県
0%
合川 秋田県
0%
上杉 秋田県
0%
米内沢 秋田県
0%
桂瀬 秋田県
0%
阿仁前田温泉 秋田県
0%
小渕 秋田県
0%
荒瀬 秋田県
0%
萱草 秋田県
0%
岩野目 秋田県
0%
比立内 秋田県
0%
小砂川 秋田県
0%
上浜 秋田県
0%
金浦 秋田県
0%
仁賀保 秋田県
0%
刺巻 秋田県
0%
戸沢 秋田県
0%
左通 秋田県
0%
羽後長戸呂 秋田県
0%
八津 秋田県
0%
西明寺 秋田県
0%
鹿渡 秋田県
0%
森岳 秋田県
0%
北金岡 秋田県
0%
沢目 秋田県
0%
東八森 秋田県
0%
滝ノ間 秋田県
0%
井川さくら 秋田県
0%
後三年 秋田県
0%
飯詰 秋田県
0%
蔵王 山形県
0%
羽前千歳 山形県
0%
面白山高原 山形県
0%
山寺 山形県
0%
楯山 山形県
0%
東金井 山形県
0%
板谷 山形県
0%
山形県
0%
関根 山形県
0%
小岩川 山形県
0%
あつみ温泉 山形県
0%
五十川 山形県
0%
小波渡 山形県
0%
三瀬 山形県
0%
羽前水沢 山形県
0%
藤島 山形県
0%
砂越 山形県
0%
東酒田 山形県
0%
本楯 山形県
0%
南鳥海 山形県
0%
新庄 山形県
0%
泉田 山形県
0%
升形 山形県
0%
寒河江 山形県
0%
西寒河江 山形県
0%
羽前高松 山形県
0%
柴橋 山形県
0%
かみのやま温泉 山形県
0%
今泉 山形県
0%
時庭 山形県
0%
南長井 山形県
0%
長井 山形県
0%
あやめ公園 山形県
0%
白兎 山形県
0%
高擶 山形県
0%
天童南 山形県
0%
乱川 山形県
0%
神町 山形県
0%
芦沢 山形県
0%
赤湯 山形県
0%
おりはた 山形県
0%
梨郷 山形県
0%
朝日 三重県
0%
左沢 山形県
0%
北大石田 山形県
0%
会津中川 福島県
0%
本名 福島県
0%
会津越川 福島県
0%
会津大塩 福島県
0%
堺田 山形県
0%
赤倉温泉 山形県
0%
立小路 山形県
0%
大堀 山形県
0%
鵜杉 山形県
0%
瀬見温泉 山形県
0%
舟形 山形県
0%
長沢 山形県
0%
真室川 山形県
0%
釜淵 山形県
0%
大滝 山形県
0%
羽前豊里 山形県
0%
犬川 山形県
0%
田原本 奈良県
0%
羽前沼沢 山形県
0%
伊佐領 山形県
0%
小国 山形県
0%
蚕桑 山形県
0%
鮎貝 山形県
0%
四季の郷 山形県
0%
荒砥 山形県
0%
手ノ子 山形県
0%
西袋 山形県
0%
余目 山形県
0%
北余目 山形県
0%
清川 山形県
0%
狩川 山形県
0%
南野 山形県
0%
遊佐 山形県
0%
吹浦 山形県
0%
笹木野 福島県
0%
松川 福島県
0%
金谷川 福島県
0%
瀬上 福島県
0%
向瀬上 福島県
0%
岩代清水 福島県
0%
上松川 福島県
0%
笹谷 福島県
0%
桜水 福島県
0%
医王寺前 福島県
0%
花水坂 福島県
0%
東長原 福島県
0%
広田 福島県
0%
堂島 福島県
0%
会津本郷 福島県
0%
七日町 福島県
0%
南若松 福島県
0%
門田 福島県
0%
芦ノ牧温泉 福島県
0%
大川ダム公園 福島県
0%
芦ノ牧温泉南 福島県
0%
中山宿 福島県
0%
舞木 福島県
0%
谷田川 福島県
0%
赤井 福島県
0%
小川郷 福島県
0%
川前 福島県
0%
勿来 福島県
0%
湯本 福島県
0%
四ツ倉 福島県
0%
久ノ浜 福島県
0%
末続 福島県
0%
白河 福島県
0%
小塩江 福島県
0%
塩川 福島県
0%
会津豊川 福島県
0%
山都 福島県
0%
荻野 福島県
0%
日立木 福島県
0%
相馬 福島県
0%
安達 福島県
0%
神俣 福島県
0%
菅谷 福島県
0%
大越 福島県
0%
船引 福島県
0%
要田 福島県
0%
桃内 福島県
0%
鹿島 福島県
0%
五百川 福島県
0%
桑折 福島県
0%
藤田 福島県
0%
貝田 福島県
0%
湯野上温泉 福島県
0%
弥五島 福島県
0%
会津下郷 福島県
0%
会津蒲生 福島県
0%
七ヶ岳登山口 福島県
0%
会津長野 福島県
0%
田島高校前 福島県
0%
中荒井 福島県
0%
会津荒海 福島県
0%
上野尻 福島県
0%
徳沢 福島県
0%
関都 福島県
0%
川桁 福島県
0%
翁島 福島県
0%
若宮 福島県
0%
笈川 福島県
0%
郷戸 福島県
0%
会津柳津 福島県
0%
会津桧原 福島県
0%
会津高田 福島県
0%
新鶴 福島県
0%
新白河 福島県
0%
近津 福島県
0%
中豊 福島県
0%
南石井 福島県
0%
磐城石井 福島県
0%
磐城石川 福島県
0%
川辺沖 福島県
0%
里白石 福島県
0%
夏井 福島県
0%
木戸 福島県
0%
富岡 福島県
0%
大野 福島県
0%
駒ケ嶺 福島県
0%
赤塚 茨城県
0%
水戸 茨城県
0%
常澄 茨城県
0%
大甕 茨城県
0%
十王 茨城県
0%
神立 茨城県
0%
結城 茨城県
0%
東結城 茨城県
0%
佐貫 茨城県
0%
入地 茨城県
0%
竜ヶ崎 茨城県
0%
下妻 茨城県
0%
大宝 茨城県
0%
騰波ノ江 茨城県
0%
北水海道 茨城県
0%
中妻 茨城県
0%
三妻 茨城県
0%
南石下 茨城県
0%
石下 茨城県
0%
玉村 茨城県
0%
河合 茨城県
0%
谷河原 茨城県
0%
高萩 茨城県
0%
南中郷 茨城県
0%
大津港 茨城県
0%
岩間 茨城県
0%
福原 茨城県
0%
稲田 茨城県
0%
宍戸 茨城県
0%
取手 茨城県
0%
藤代 茨城県
0%
西取手 茨城県
0%
寺原 茨城県
0%
ゆめみ野 茨城県
0%
新取手 茨城県
0%
戸頭 茨城県
0%
みどりの 茨城県
0%
つくば 茨城県
0%
磯崎 茨城県
0%
美乃浜学園 茨城県
0%
殿山 茨城県
0%
中根 茨城県
0%
金上 茨城県
0%
鹿島灘 茨城県
0%
長者ヶ浜潮騒はまなす公園前 茨城県
0%
荒野台 茨城県
0%
新守谷 茨城県
0%
常陸大宮 茨城県
0%
野上原 茨城県
0%
山方宿 茨城県
0%
中舟生 茨城県
0%
下小川 茨城県
0%
下菅谷 茨城県
0%
上菅谷 茨城県
0%
瓜連 茨城県
0%
川島 茨城県
0%
玉戸 茨城県
0%
下館 茨城県
0%
黒子 茨城県
0%
折本 茨城県
0%
ひぐち 茨城県
0%
岩瀬 茨城県
0%
涸沼 茨城県
0%
鹿島旭 茨城県
0%
徳宿 茨城県
0%
新鉾田 茨城県
0%
大洋 茨城県
0%
小絹 茨城県
0%
羽鳥 茨城県
0%
上小川 茨城県
0%
常陸大子 茨城県
0%
雀宮 栃木県
0%
鶴田 栃木県
0%
江曽島 栃木県
0%
東宿郷 栃木県
0%
栃木県
0%
陽東3丁目 栃木県
0%
平石 栃木県
0%
飛山城跡 栃木県
0%
清原地区市民センター前 栃木県
0%
グリーンスタジアム前 栃木県
0%
ゆいの杜西 栃木県
0%
ゆいの杜東 栃木県
0%
足利 栃木県
0%
栃木県
0%
野州山辺 栃木県
0%
藤岡 栃木県
0%
合戦場 栃木県
0%
家中 栃木県
0%
野州大塚 栃木県
0%
佐野 栃木県
0%
堀米 栃木県
0%
吉水 栃木県
0%
田沼 栃木県
0%
鹿沼 栃木県
0%
楡木 栃木県
0%
樅山 栃木県
0%
板荷 栃木県
0%
文挟 栃木県
0%
下野大沢 栃木県
0%
東武日光 栃木県
0%
下小代 栃木県
0%
新高徳 栃木県
0%
鬼怒川温泉 栃木県
0%
新藤原 栃木県
0%
通洞 栃木県
0%
足尾 栃木県
0%
間藤 栃木県
0%
龍王峡 栃木県
0%
川治温泉 栃木県
0%
川治湯元 栃木県
0%
上三依塩原温泉口 栃木県
0%
男鹿高原 栃木県
0%
思川 栃木県
0%
久下田 栃木県
0%
寺内 栃木県
0%
西田井 栃木県
0%
矢板 栃木県
0%
氏家 栃木県
0%
鴻野山 栃木県
0%
大金 栃木県
0%
小塙 栃木県
0%
自治医大 栃木県
0%
天矢場 栃木県
0%
茂木 栃木県
0%
多田羅 栃木県
0%
市塙 栃木県
0%
笹原田 栃木県
0%
芳賀台 栃木県
0%
芳賀町工業団地管理センター前 栃木県
0%
かしの森公園前 栃木県
0%
芳賀・高根沢工業団地 栃木県
0%
壬生 栃木県
0%
国谷 栃木県
0%
おもちゃのまち 栃木県
0%
安塚 栃木県
0%
高久 栃木県
0%
黒田原 栃木県
0%
豊原 栃木県
0%
新前橋 群馬県
0%
前橋 群馬県
0%
駒形 群馬県
0%
中央前橋 群馬県
0%
城東 群馬県
0%
三俣 群馬県
0%
片貝 群馬県
0%
上泉 群馬県
0%
江木 群馬県
0%
大胡 群馬県
0%
樋越 群馬県
0%
北原 群馬県
0%
粕川 群馬県
0%
群馬県
0%
高崎問屋町 群馬県
0%
高崎 群馬県
0%
佐野のわたし 群馬県
0%
根小屋 群馬県
0%
山名 群馬県
0%
西山名 群馬県
0%
馬庭 群馬県
0%
西吉井 群馬県
0%
新桐生 群馬県
0%
下新田 群馬県
0%
水沼 群馬県
0%
桐生球場前 群馬県
0%
丸山下 群馬県
0%
境町 群馬県
0%
伊勢崎 群馬県
0%
剛志 群馬県
0%
韮川 群馬県
0%
木崎 群馬県
0%
世良田 群馬県
0%
治良門橋 群馬県
0%
竜舞 群馬県
0%
岩本 群馬県
0%
茂林寺前 群馬県
0%
館林 群馬県
0%
渋川 群馬県
0%
祖母島 群馬県
0%
小野上 群馬県
0%
八木原 群馬県
0%
敷島 群馬県
0%
北藤岡 群馬県
0%
東富岡 群馬県
0%
西富岡 群馬県
0%
上州一ノ宮 群馬県
0%
神農原 群馬県
0%
南蛇井 群馬県
0%
千平 群馬県
0%
安中 群馬県
0%
松井田 群馬県
0%
西松井田 群馬県
0%
阿左美 群馬県
0%
赤城 群馬県
0%
大間々 群馬県
0%
上神梅 群馬県
0%
花輪 群馬県
0%
小中 群馬県
0%
沢入 群馬県
0%
下仁田 群馬県
0%
野辺山 長野県
0%
佐久広瀬 長野県
0%
海尻 長野県
0%
上州福島 群馬県
0%
川原湯温泉 群馬県
0%
羽根尾 群馬県
0%
袋倉 群馬県
0%
万座・鹿沢口 群馬県
0%
大前 群馬県
0%
郷原 群馬県
0%
矢倉 群馬県
0%
岩島 群馬県
0%
後閑 群馬県
0%
水上 群馬県
0%
湯檜曽 群馬県
0%
川俣 群馬県
0%
斎宮 三重県
0%
明星 三重県
0%
西小泉 群馬県
0%
本中野 群馬県
0%
篠塚 群馬県
0%
南浦和 埼玉県
0%
大宮 埼玉県
0%
東大宮 埼玉県
0%
指扇 埼玉県
0%
北大宮 埼玉県
0%
大宮公園 埼玉県
0%
七里 埼玉県
0%
東岩槻 埼玉県
0%
東宮原 埼玉県
0%
今羽 埼玉県
0%
吉野原 埼玉県
0%
西川越 埼玉県
0%
南古谷 埼玉県
0%
南大塚 埼玉県
0%
ソシオ流通センター 埼玉県
0%
上熊谷 埼玉県
0%
ひろせ野鳥の森 埼玉県
0%
大麻生 埼玉県
0%
川口元郷 埼玉県
0%
鳩ヶ谷 埼玉県
0%
武州荒木 埼玉県
0%
持田 埼玉県
0%
浦山口 埼玉県
0%
西武秩父 埼玉県
0%
秩父 埼玉県
0%
影森 埼玉県
0%
武州日野 埼玉県
0%
白久 埼玉県
0%
三峰口 埼玉県
0%
東所沢 埼玉県
0%
西武球場前 埼玉県
0%
西武園ゆうえんち 埼玉県
0%
東飯能 埼玉県
0%
飯能 埼玉県
0%
東吾野 埼玉県
0%
吾野 埼玉県
0%
西吾野 埼玉県
0%
柳生 埼玉県
0%
花崎 埼玉県
0%
加須 埼玉県
0%
新古河 埼玉県
0%
一ノ割 埼玉県
0%
春日部 埼玉県
0%
北春日部 埼玉県
0%
豊春 埼玉県
0%
稲荷山公園 埼玉県
0%
入曽 埼玉県
0%
狭山市 埼玉県
0%
南羽生 埼玉県
0%
羽生 埼玉県
0%
西羽生 埼玉県
0%
明戸 埼玉県
0%
武川 埼玉県
0%
北上尾 埼玉県
0%
原市 埼玉県
0%
南越谷 埼玉県
0%
新越谷 埼玉県
0%
蒲生 埼玉県
0%
大袋 埼玉県
0%
埼玉県
0%
戸田公園 埼玉県
0%
武蔵藤沢 埼玉県
0%
仏子 埼玉県
0%
元加治 埼玉県
0%
朝霞 埼玉県
0%
柳瀬川 埼玉県
0%
新座 埼玉県
0%
桶川 埼玉県
0%
東鷲宮 埼玉県
0%
鷲宮 埼玉県
0%
南栗橋 埼玉県
0%
みずほ台 埼玉県
0%
蓮田 埼玉県
0%
若葉 埼玉県
0%
北坂戸 埼玉県
0%
西大家 埼玉県
0%
鶴ヶ島 埼玉県
0%
高麗川 埼玉県
0%
吉川美南 埼玉県
0%
上福岡 埼玉県
0%
新白岡 埼玉県
0%
志久 埼玉県
0%
毛呂 埼玉県
0%
川角 埼玉県
0%
武州長瀬 埼玉県
0%
東毛呂 埼玉県
0%
越生 埼玉県
0%
武州唐沢 埼玉県
0%
つきのわ 埼玉県
0%
明覚 埼玉県
0%
芦ヶ久保 埼玉県
0%
親鼻 埼玉県
0%
皆野 埼玉県
0%
樋口 埼玉県
0%
野上 埼玉県
0%
男衾 埼玉県
0%
鉢形 埼玉県
0%
東武動物公園 埼玉県
0%
和戸 埼玉県
0%
稲毛 千葉県
0%
土気 千葉県
0%
浜野 千葉県
0%
幕張豊砂 千葉県
0%
海浜幕張 千葉県
0%
稲毛海岸 千葉県
0%
都賀 千葉県
0%
京成幕張本郷 千葉県
0%
幕張 千葉県
0%
京成稲毛 千葉県
0%
みどり台 千葉県
0%
西登戸 千葉県
0%
大森台 千葉県
0%
おゆみ野 千葉県
0%
葭川公園 千葉県
0%
作草部 千葉県
0%
天台 千葉県
0%
スポーツセンター 千葉県
0%
動物公園 千葉県
0%
みつわ台 千葉県
0%
小倉台 千葉県
0%
千城台北 千葉県
0%
猿田 千葉県
0%
椎柴 千葉県
0%
観音 千葉県
0%
笠上黒生 千葉県
0%
西海鹿島 千葉県
0%
君ヶ浜 千葉県
0%
犬吠 千葉県
0%
外川 千葉県
0%
市川 千葉県
0%
二俣新町 千葉県
0%
本八幡 千葉県
0%
市川真間 千葉県
0%
菅野 千葉県
0%
鬼越 千葉県
0%
妙典 千葉県
0%
北国分 千葉県
0%
東船橋 千葉県
0%
船橋 千葉県
0%
馬込沢 千葉県
0%
塚田 千葉県
0%
京成中山 千葉県
0%
京成西船 千葉県
0%
海神 千葉県
0%
大神宮下 千葉県
0%
原木中山 千葉県
0%
前原 千葉県
0%
高根木戸 千葉県
0%
高根公団 千葉県
0%
滝不動 千葉県
0%
二和向台 千葉県
0%
小室 千葉県
0%
北習志野 千葉県
0%
那古船形 千葉県
0%
木更津 千葉県
0%
東清川 千葉県
0%
東松戸 千葉県
0%
松戸 千葉県
0%
馬橋 千葉県
0%
北小金 千葉県
0%
新八柱 千葉県
0%
六実 千葉県
0%
五香 千葉県
0%
みのり台 千葉県
0%
上本郷 千葉県
0%
小金城趾 千葉県
0%
秋山 千葉県
0%
松飛台 千葉県
0%
川間 千葉県
0%
清水公園 千葉県
0%
梅郷 千葉県
0%
本納 千葉県
0%
久住 千葉県
0%
下総松崎 千葉県
0%
空港第2ビル(第2旅客ターミナル) 千葉県
0%
成田 千葉県
0%
公津の杜 千葉県
0%
佐倉 千葉県
0%
志津 千葉県
0%
ユーカリが丘 千葉県
0%
地区センター 千葉県
0%
福俵 千葉県
0%
東金 千葉県
0%
求名 千葉県
0%
干潟 千葉県
0%
津田沼 千葉県
0%
新習志野 千葉県
0%
谷津 千葉県
0%
南柏 千葉県
0%
増尾 千葉県
0%
逆井 千葉県
0%
柏の葉キャンパス 千葉県
0%
勝浦 千葉県
0%
鵜原 千葉県
0%
上総興津 千葉県
0%
行川アイランド 千葉県
0%
姉ケ崎 千葉県
0%
上総村上 千葉県
0%
海士有木 千葉県
0%
馬立 千葉県
0%
上総久保 千葉県
0%
高滝 千葉県
0%
月崎 千葉県
0%
養老渓谷 千葉県
0%
南流山 千葉県
0%
江戸川台 千葉県
0%
鰭ヶ崎 千葉県
0%
八千代台 千葉県
0%
八千代中央 千葉県
0%
湖北 千葉県
0%
我孫子 千葉県
0%
天王台 千葉県
0%
布佐 千葉県
0%
安房鴨川 千葉県
0%
江見 千葉県
0%
初富 千葉県
0%
くぬぎ山 千葉県
0%
君津 千葉県
0%
下郡 千葉県
0%
小櫃 千葉県
0%
俵田 千葉県
0%
平山 千葉県
0%
竹岡 千葉県
0%
浜金谷 千葉県
0%
佐貫町 千葉県
0%
新浦安 千葉県
0%
物井 千葉県
0%
横田 千葉県
0%
東横田 千葉県
0%
木下 千葉県
0%
印西牧の原 千葉県
0%
白井 千葉県
0%
岩井 千葉県
0%
千倉 千葉県
0%
和田浦 千葉県
0%
飯倉 千葉県
0%
八日市場 千葉県
0%
大戸 千葉県
0%
香取 千葉県
0%
水郷 千葉県
0%
小見川 千葉県
0%
日向 千葉県
0%
成東 千葉県
0%
太東 千葉県
0%
浪花 千葉県
0%
長者町 千葉県
0%
西大原 千葉県
0%
上総東 千葉県
0%
新田野 千葉県
0%
上総中川 千葉県
0%
京成酒々井 千葉県
0%
宗吾参道 千葉県
0%
笹川 千葉県
0%
東浪見 千葉県
0%
八積 千葉県
0%
城見ヶ丘 千葉県
0%
小谷松 千葉県
0%
東総元 千葉県
0%
久我原 千葉県
0%
西畑 千葉県
0%
有楽町 東京都
0%
神保町 東京都
0%
内幸町 東京都
0%
永田町 東京都
0%
国会議事堂前 東京都
0%
二重橋前 東京都
0%
桜田門 東京都
0%
半蔵門 東京都
0%
茅場町 東京都
0%
月島 東京都
0%
築地市場 東京都
0%
銀座 東京都
0%
水天宮前 東京都
0%
新橋 東京都
0%
表参道 東京都
0%
六本木一丁目 東京都
0%
赤羽橋 東京都
0%
竹芝 東京都
0%
日の出 東京都
0%
新大久保 東京都
0%
新宿 東京都
0%
新線新宿 東京都
0%
信濃町 東京都
0%
神楽坂 東京都
0%
西早稲田 東京都
0%
若松河田 東京都
0%
牛込神楽坂 東京都
0%
西新宿五丁目 東京都
0%
曙橋 東京都
0%
茗荷谷 東京都
0%
千駄木 東京都
0%
湯島 東京都
0%
護国寺 東京都
0%
本駒込 東京都
0%
東大前 東京都
0%
鶯谷 東京都
0%
御徒町 東京都
0%
仲御徒町 東京都
0%
とうきょうスカイツリー 東京都
0%
曳舟 東京都
0%
鐘ヶ淵 東京都
0%
小村井 東京都
0%
東あずま 東京都
0%
八広 東京都
0%
亀戸 東京都
0%
越中島 東京都
0%
新木場 東京都
0%
門前仲町 東京都
0%
東陽町 東京都
0%
清澄白河 東京都
0%
テレコムセンター 東京都
0%
有明テニスの森 東京都
0%
大崎 東京都
0%
大井町 東京都
0%
荏原町 東京都
0%
不動前 東京都
0%
西小山 東京都
0%
下神明 東京都
0%
戸越公園 東京都
0%
旗の台 東京都
0%
大崎広小路 東京都
0%
荏原中延 東京都
0%
新馬場 東京都
0%
青物横丁 東京都
0%
立会川 東京都
0%
大森海岸 東京都
0%
品川シーサイド 東京都
0%
戸越銀座 東京都
0%
天王洲アイル 東京都
0%
蒲田 東京都
0%
千鳥町 東京都
0%
田園調布 東京都
0%
北千束 東京都
0%
石川台 東京都
0%
池上 東京都
0%
沼部 東京都
0%
下丸子 東京都
0%
矢口渡 東京都
0%
雑色 東京都
0%
大鳥居 東京都
0%
天空橋 東京都
0%
流通センター 東京都
0%
昭和島 東京都
0%
整備場 東京都
0%
新整備場 東京都
0%
桜新町 東京都
0%
上町 東京都
0%
代田橋 東京都
0%
下高井戸 東京都
0%
桜上水 東京都
0%
上北沢 東京都
0%
千歳烏山 東京都
0%
新代田 東京都
0%
東松原 東京都
0%
東北沢 東京都
0%
梅ヶ丘 東京都
0%
経堂 東京都
0%
千歳船橋 東京都
0%
奥沢 東京都
0%
池尻大橋 東京都
0%
三軒茶屋 東京都
0%
二子玉川 東京都
0%
九品仏 東京都
0%
尾山台 東京都
0%
西太子堂 東京都
0%
松陰神社前 東京都
0%
世田谷 東京都
0%
豪徳寺 東京都
0%
渋谷 東京都
0%
代々木上原 東京都
0%
北参道 東京都
0%
野方 東京都
0%
鷺ノ宮 東京都
0%
中野新橋 東京都
0%
新江古田 東京都
0%
永福町 東京都
0%
下井草 東京都
0%
上井草 東京都
0%
八幡山 東京都
0%
浜田山 東京都
0%
新高円寺 東京都
0%
南阿佐ケ谷 東京都
0%
巣鴨 東京都
0%
駒込 東京都
0%
北池袋 東京都
0%
椎名町 東京都
0%
東長崎 東京都
0%
千川 東京都
0%
西巣鴨 東京都
0%
新庚申塚 東京都
0%
庚申塚 東京都
0%
巣鴨新田 東京都
0%
学習院下 東京都
0%
雑司が谷 東京都
0%
尾久 東京都
0%
上中里 東京都
0%
王子 東京都
0%
志茂 東京都
0%
王子神谷 東京都
0%
梶原 東京都
0%
飛鳥山 東京都
0%
南千住 東京都
0%
荒川一中前 東京都
0%
荒川区役所前 東京都
0%
町屋二丁目 東京都
0%
宮ノ前 東京都
0%
小台 東京都
0%
荒川車庫前 東京都
0%
町屋駅前 東京都
0%
中板橋 東京都
0%
板橋本町 東京都
0%
新板橋 東京都
0%
新高島平 東京都
0%
西高島平 東京都
0%
下赤塚 東京都
0%
地下鉄成増 東京都
0%
江古田 東京都
0%
富士見台 東京都
0%
石神井公園 東京都
0%
豊島園 東京都
0%
上石神井 東京都
0%
武蔵関 東京都
0%
練馬春日町 東京都
0%
地下鉄赤塚 東京都
0%
北千住 東京都
0%
綾瀬 東京都
0%
小菅 東京都
0%
五反野 東京都
0%
千住大橋 東京都
0%
扇大橋 東京都
0%
西新井大師西 東京都
0%
舎人 東京都
0%
新小岩 東京都
0%
堀切菖蒲園 東京都
0%
お花茶屋 東京都
0%
青砥 東京都
0%
京成高砂 東京都
0%
京成金町 東京都
0%
小岩 東京都
0%
一之江 東京都
0%
篠崎 東京都
0%
片倉 東京都
0%
八王子 東京都
0%
小宮 東京都
0%
めじろ台 東京都
0%
狭間 東京都
0%
大塚・帝京大学 東京都
0%
立川 東京都
0%
玉川上水 東京都
0%
柴崎体育館 東京都
0%
立川南 東京都
0%
立川北 東京都
0%
泉体育館 東京都
0%
砂川七番 東京都
0%
三鷹 東京都
0%
三鷹台 東京都
0%
井の頭公園 東京都
0%
河辺 東京都
0%
青梅 東京都
0%
宮ノ平 東京都
0%
石神前 東京都
0%
沢井 東京都
0%
御嶽 東京都
0%
分倍河原 東京都
0%
高木 広島県
0%
鵜飼 広島県
0%
下川辺 広島県
0%
河佐 広島県
0%
備後矢野 広島県
0%
上下 広島県
0%
是政 東京都
0%
武蔵野台 東京都
0%
中河原 東京都
0%
府中本町 東京都
0%
中神 東京都
0%
仙川 東京都
0%
つつじヶ丘 東京都
0%
柴崎 東京都
0%
布田 東京都
0%
調布 東京都
0%
西調布 東京都
0%
飛田給 東京都
0%
成瀬 東京都
0%
多摩境 東京都
0%
鶴川 東京都
0%
つくし野 東京都
0%
すずかけ台 東京都
0%
武蔵小金井 東京都
0%
新小金井 東京都
0%
新小平 東京都
0%
小平 東京都
0%
鷹の台 東京都
0%
百草園 東京都
0%
南平 東京都
0%
平山城址公園 東京都
0%
高幡不動 東京都
0%
程久保 東京都
0%
万願寺 東京都
0%
甲州街道 東京都
0%
新秋津 東京都
0%
多摩湖 東京都
0%
秋津 東京都
0%
久米川 東京都
0%
西武園 東京都
0%
西国分寺 東京都
0%
国分寺 東京都
0%
矢川 東京都
0%
牛浜 東京都
0%
福生 東京都
0%
熊川 東京都
0%
和泉多摩川 東京都
0%
桜街道 東京都
0%
上北台 東京都
0%
聖蹟桜ヶ丘 東京都
0%
唐木田 東京都
0%
小田急多摩センター 東京都
0%
矢野口 東京都
0%
稲城長沼 東京都
0%
南多摩 東京都
0%
京王よみうりランド 東京都
0%
羽村 東京都
0%
東秋留 東京都
0%
武蔵引田 東京都
0%
保谷 東京都
0%
田無 東京都
0%
川井 東京都
0%
鳩ノ巣 東京都
0%
白丸 東京都
0%
戸塚 神奈川県
0%
矢向 神奈川県
0%
浅野 神奈川県
0%
新芝浦 神奈川県
0%
安善 神奈川県
0%
山手 神奈川県
0%
新杉田 神奈川県
0%
東戸塚 神奈川県
0%
鶴見 神奈川県
0%
京急鶴見 神奈川県
0%
関内 神奈川県
0%
新子安 神奈川県
0%
京急新子安 神奈川県
0%
妙蓮寺 神奈川県
0%
たまプラーザ 神奈川県
0%
市が尾 神奈川県
0%
恩田 神奈川県
0%
鶴見市場 神奈川県
0%
花月総持寺 神奈川県
0%
生麦 神奈川県
0%
子安 神奈川県
0%
桜木町 神奈川県
0%
戸部 神奈川県
0%
石川町 神奈川県
0%
反町 神奈川県
0%
黄金町 神奈川県
0%
天王町 神奈川県
0%
和田町 神奈川県
0%
三ツ沢上町 神奈川県
0%
三ツ沢下町 神奈川県
0%
高島町 神奈川県
0%
伊勢佐木長者町 神奈川県
0%
吉野町 神奈川県
0%
川和町 神奈川県
0%
上星川 神奈川県
0%
西谷 神奈川県
0%
二俣川 神奈川県
0%
三ツ境 神奈川県
0%
瀬谷 神奈川県
0%
いずみ野 神奈川県
0%
いずみ中央 神奈川県
0%
新高島 神奈川県
0%
みなとみらい 神奈川県
0%
センター南 神奈川県
0%
仲町台 神奈川県
0%
新羽 神奈川県
0%
岸根公園 神奈川県
0%
阪東橋 神奈川県
0%
下永谷 神奈川県
0%
舞岡 神奈川県
0%
下飯田 神奈川県
0%
南部市場 神奈川県
0%
鳥浜 神奈川県
0%
並木北 神奈川県
0%
並木中央 神奈川県
0%
幸浦 神奈川県
0%
産業振興センター 神奈川県
0%
福浦 神奈川県
0%
市大医学部 神奈川県
0%
海の公園柴口 神奈川県
0%
海の公園南口 神奈川県
0%
都筑ふれあいの丘 神奈川県
0%
綱島 神奈川県
0%
新綱島 神奈川県
0%
センター北 神奈川県
0%
鹿島田 神奈川県
0%
平間 神奈川県
0%
武蔵小杉 神奈川県
0%
津田山 神奈川県
0%
久地 神奈川県
0%
宿河原 神奈川県
0%
武蔵白石 神奈川県
0%
京王稲田堤 神奈川県
0%
若葉台 神奈川県
0%
百合ヶ丘 神奈川県
0%
五月台 神奈川県
0%
栗平 神奈川県
0%
はるひ野 神奈川県
0%
元住吉 神奈川県
0%
梶が谷 神奈川県
0%
宮崎台 神奈川県
0%
大師橋 神奈川県
0%
川崎新町 神奈川県
0%
鈴木町 神奈川県
0%
古淵 神奈川県
0%
相模原 神奈川県
0%
上溝 神奈川県
0%
相模湖 神奈川県
0%
田浦 神奈川県
0%
横須賀 神奈川県
0%
衣笠 神奈川県
0%
久里浜 神奈川県
0%
京急久里浜 神奈川県
0%
追浜 神奈川県
0%
安針塚 神奈川県
0%
逸見 神奈川県
0%
浦賀 神奈川県
0%
新大津 神奈川県
0%
北久里浜 神奈川県
0%
YRP野比 神奈川県
0%
京急長沢 神奈川県
0%
平塚 神奈川県
0%
大船 神奈川県
0%
七里ヶ浜 神奈川県
0%
稲村ヶ崎 神奈川県
0%
和田塚 神奈川県
0%
片瀬山 神奈川県
0%
長後 神奈川県
0%
六会日大前 神奈川県
0%
善行 神奈川県
0%
本鵠沼 神奈川県
0%
鵠沼海岸 神奈川県
0%
石上 神奈川県
0%
鵠沼 神奈川県
0%
目白山下 神奈川県
0%
江ノ島 神奈川県
0%
鴨宮 神奈川県
0%
下曽我 神奈川県
0%
栢山 神奈川県
0%
富水 神奈川県
0%
螢田 神奈川県
0%
緑町 神奈川県
0%
五百羅漢 神奈川県
0%
飯田岡 神奈川県
0%
風祭 神奈川県
0%
入生田 神奈川県
0%
鶴巻温泉 神奈川県
0%
秦野 神奈川県
0%
渋沢 神奈川県
0%
中央林間 神奈川県
0%
桜ヶ丘 神奈川県
0%
高座渋谷 神奈川県
0%
門沢橋 神奈川県
0%
相武台前 神奈川県
0%
岩原 神奈川県
0%
和田河原 神奈川県
0%
富士フイルム前 神奈川県
0%
大雄山 神奈川県
0%
宮山 神奈川県
0%
倉見 神奈川県
0%
上大井 神奈川県
0%
相模金子 神奈川県
0%
松田 神奈川県
0%
東山北 神奈川県
0%
宮ノ下 神奈川県
0%
彫刻の森 神奈川県
0%
公園下 神奈川県
0%
早雲山 神奈川県
0%
真鶴 神奈川県
0%
湯河原 神奈川県
0%
新津 新潟県
0%
新関 新潟県
0%
東新津 新潟県
0%
古津 新潟県
0%
さつき野 新潟県
0%
荻川 新潟県
0%
亀田 新潟県
0%
越後石山 新潟県
0%
新崎 新潟県
0%
黒山 新潟県
0%
岩室 新潟県
0%
越後赤塚 新潟県
0%
内野西が丘 新潟県
0%
寺尾 新潟県
0%
小針 新潟県
0%
越後川口 新潟県
0%
長岡 新潟県
0%
塚山 新潟県
0%
来迎寺 新潟県
0%
前川 新潟県
0%
北長岡 新潟県
0%
押切 新潟県
0%
小島谷 新潟県
0%
寺泊 新潟県
0%
保内 新潟県
0%
燕三条 新潟県
0%
北三条 新潟県
0%
米山 新潟県
0%
笠島 新潟県
0%
青海川 新潟県
0%
鯨波 新潟県
0%
茨目 新潟県
0%
長鳥 新潟県
0%
西中通 新潟県
0%
礼拝 新潟県
0%
石地 新潟県
0%
中浦 新潟県
0%
加治 新潟県
0%
金塚 新潟県
0%
佐々木 新潟県
0%
土市 新潟県
0%
十日町 新潟県
0%
美佐島 新潟県
0%
まつだい 新潟県
0%
間島 新潟県
0%
桑川 新潟県
0%
越後寒川 新潟県
0%
勝木 新潟県
0%
府屋 新潟県
0%
粟生津 新潟県
0%
南吉田 新潟県
0%
北吉田 新潟県
0%
新潟県
0%
小滝 新潟県
0%
根知 新潟県
0%
姫川 新潟県
0%
梶屋敷 新潟県
0%
筒石 新潟県
0%
能生 新潟県
0%
北新井 新潟県
0%
関山 新潟県
0%
咲花 新潟県
0%
馬下 新潟県
0%
北五泉 新潟県
0%
犀潟 新潟県
0%
上下浜 新潟県
0%
柿崎 新潟県
0%
潟町 新潟県
0%
うらがわら 新潟県
0%
くびき 新潟県
0%
谷浜 新潟県
0%
春日山 新潟県
0%
二本木 新潟県
0%
水原 新潟県
0%
神山 新潟県
0%
大白川 新潟県
0%
入広瀬 新潟県
0%
藪神 新潟県
0%
小出 新潟県
0%
越後堀之内 新潟県
0%
北堀之内 新潟県
0%
塩沢 新潟県
0%
浦佐 新潟県
0%
八色 新潟県
0%
六日町 新潟県
0%
魚沼丘陵 新潟県
0%
中条 新潟県
0%
平木田 新潟県
0%
矢作 新潟県
0%
羽生田 新潟県
0%
田上 新潟県
0%
豊実 新潟県
0%
日出谷 新潟県
0%
五十島 新潟県
0%
小木ノ城 新潟県
0%
出雲崎 新潟県
0%
岩原スキー場前 新潟県
0%
足滝 新潟県
0%
津南 新潟県
0%
荒浜 新潟県
0%
刈羽 新潟県
0%
越後金丸 新潟県
0%
越後片貝 新潟県
0%
越後下関 新潟県
0%
越後大島 新潟県
0%
猪谷 富山県
0%
笹津 富山県
0%
婦中鵜坂 富山県
0%
朝菜町 富山県
0%
上本町 富山県
0%
西町 富山県
0%
犬島新町 富山県
0%
荒町 富山県
0%
新庄田中 富山県
0%
東新庄 富山県
0%
越中荏原 富山県
0%
有峰口 富山県
0%
不二越 富山県
0%
上堀 富山県
0%
布市 富山県
0%
大庄 富山県
0%
上滝 富山県
0%
大川寺 富山県
0%
国際会議場前 富山県
0%
堀川小泉 富山県
0%
大手モール 富山県
0%
西中野 富山県
0%
広貫堂前 富山県
0%
諏訪川原 富山県
0%
奥田中学校前 富山県
0%
下奥井 富山県
0%
城川原 富山県
0%
蓮町(馬場記念公園前) 富山県
0%
萩浦小学校前 富山県
0%
東岩瀬 富山県
0%
岩瀬浜 富山県
0%
電気ビル前 富山県
0%
中町(西町北) 富山県
0%
二塚 富山県
0%
富山県
0%
戸出 富山県
0%
伏木 富山県
0%
雨晴 富山県
0%
能町 富山県
0%
坂下町 富山県
0%
新能町 富山県
0%
急患医療センター前 富山県
0%
志貴野中学校前 富山県
0%
市民病院前 富山県
0%
江尻 富山県
0%
荻布 富山県
0%
米島口 富山県
0%
能町口 富山県
0%
吉久 富山県
0%
福岡 富山県
0%
西高岡 富山県
0%
新魚津 富山県
0%
魚津 富山県
0%
電鉄魚津 富山県
0%
経田 富山県
0%
島尾 富山県
0%
浜加積 富山県
0%
東三日市 富山県
0%
荻生 富山県
0%
長屋 富山県
0%
舌山 富山県
0%
若栗 富山県
0%
栃屋 富山県
0%
浦山 富山県
0%
愛本 富山県
0%
内山 富山県
0%
黒薙 富山県
0%
生地 富山県
0%
油田 富山県
0%
砺波 富山県
0%
東野尻 富山県
0%
石動 富山県
0%
高儀 富山県
0%
中伏木 富山県
0%
六渡寺 富山県
0%
庄川口 富山県
0%
第一イン新湊 クロスベイ前 富山県
0%
新町口 富山県
0%
海王丸 富山県
0%
越ノ潟 富山県
0%
越中大門 富山県
0%
越中舟橋 富山県
0%
新相ノ木 富山県
0%
相ノ木 富山県
0%
新宮川 富山県
0%
榎町 富山県
0%
越中泉 富山県
0%
田添 富山県
0%
五百石 富山県
0%
下段 富山県
0%
釜ヶ淵 富山県
0%
沢中山 富山県
0%
岩峅寺 富山県
0%
横江 富山県
0%
千垣 富山県
0%
西入善 富山県
0%
入善 富山県
0%
新西金沢 石川県
0%
西金沢 石川県
0%
金沢 石川県
0%
野町 石川県
0%
西泉 石川県
0%
馬替 石川県
0%
額住宅前 石川県
0%
乙丸 石川県
0%
四十万 石川県
0%
七ツ屋 石川県
0%
上諸江 石川県
0%
割出 石川県
0%
三口 石川県
0%
大河端 石川県
0%
北間 石川県
0%
森本 石川県
0%
七尾 石川県
0%
田鶴浜 石川県
0%
笠師保 石川県
0%
西岸 石川県
0%
明峰 石川県
0%
加賀温泉 石川県
0%
宇野気 石川県
0%
陽羽里 石川県
0%
曽谷 石川県
0%
日御子 石川県
0%
鶴来 石川県
0%
美川 石川県
0%
西松任 石川県
0%
押野 石川県
0%
中津幡 石川県
0%
能瀬 石川県
0%
津幡 石川県
0%
倶利伽羅 石川県
0%
粟ヶ崎 石川県
0%
敷浪 石川県
0%
金丸 石川県
0%
能登二宮 石川県
0%
能登鹿島 石川県
0%
六条 福井県
0%
足羽 福井県
0%
越前高田 福井県
0%
市波 福井県
0%
小和清水 福井県
0%
美山 福井県
0%
越前薬師 福井県
0%
越前大宮 福井県
0%
計石 福井県
0%
追分口 福井県
0%
東藤島 福井県
0%
越前島橋 福井県
0%
西別院 福井県
0%
日華化学前 福井県
0%
八ツ島 福井県
0%
新田塚 福井県
0%
中角 福井県
0%
鷲塚針原 福井県
0%
泰澄の里 福井県
0%
浅水 福井県
0%
ハーモニーホール 福井県
0%
清明 福井県
0%
江端 福井県
0%
花堂 福井県
0%
商工会議所前 福井県
0%
足羽山公園口 福井県
0%
森田 福井県
0%
粟野 福井県
0%
西敦賀 福井県
0%
加斗 福井県
0%
勢浜 福井県
0%
小浜 福井県
0%
東小浜 福井県
0%
新平野 福井県
0%
牛ケ原 福井県
0%
越前大野 福井県
0%
下唯野 福井県
0%
柿ケ島 福井県
0%
勝原 福井県
0%
発坂 福井県
0%
比島 福井県
0%
サンドーム西 福井県
0%
西鯖江 福井県
0%
西山公園 福井県
0%
水落 福井県
0%
神明 福井県
0%
鳥羽中 福井県
0%
鯖江 福井県
0%
北鯖江 福井県
0%
本荘 福井県
0%
あわら湯のまち 福井県
0%
細呂木 福井県
0%
スポーツ公園 福井県
0%
北府 福井県
0%
家久 福井県
0%
王子保 福井県
0%
武生 福井県
0%
太郎丸エンゼルランド 福井県
0%
西春江ハートピア 福井県
0%
西長田ゆりの里 福井県
0%
下兵庫こうふく 福井県
0%
大関 福井県
0%
水居 福井県
0%
三国神社 福井県
0%
三国港 福井県
0%
丸岡 福井県
0%
松岡 福井県
0%
永平寺口 福井県
0%
下志比 福井県
0%
光明寺 福井県
0%
福井県
0%
越前竹原 福井県
0%
南今庄 福井県
0%
今庄 福井県
0%
湯尾 福井県
0%
東美浜 福井県
0%
河和口 愛知県
0%
河和 愛知県
0%
上野間 愛知県
0%
三松 福井県
0%
上中 福井県
0%
大鳥羽 福井県
0%
十村 福井県
0%
藤井 福井県
0%
三方 福井県
0%
南甲府 山梨県
0%
善光寺 山梨県
0%
金手 山梨県
0%
寿 山梨県
0%
葭池温泉前 山梨県
0%
月江寺 山梨県
0%
富士山 山梨県
0%
田野倉 山梨県
0%
都留市 山梨県
0%
都留文科大学前 山梨県
0%
鳥沢 山梨県
0%
猿橋 山梨県
0%
初狩 山梨県
0%
笹子 山梨県
0%
大月 山梨県
0%
新府 山梨県
0%
穴山 山梨県
0%
日野春 山梨県
0%
長坂 山梨県
0%
小淵沢 山梨県
0%
清里 山梨県
0%
塩崎 山梨県
0%
石和温泉 山梨県
0%
春日居町 山梨県
0%
上野原 山梨県
0%
甲斐大和 山梨県
0%
塩山 山梨県
0%
東花輪 山梨県
0%
小井川 山梨県
0%
甲斐岩間 山梨県
0%
市川大門 山梨県
0%
芦川 山梨県
0%
市川本町 山梨県
0%
塩之沢 山梨県
0%
波高島 山梨県
0%
甲斐常葉 山梨県
0%
市ノ瀬 山梨県
0%
常永 山梨県
0%
国母 山梨県
0%
三つ峠 山梨県
0%
河口湖 山梨県
0%
富士急ハイランド 山梨県
0%
今井 長野県
0%
安茂里 長野県
0%
信濃浅野 長野県
0%
立ケ花 長野県
0%
稲荷山 長野県
0%
附属中学前 長野県
0%
島内 長野県
0%
南松本 長野県
0%
信濃荒井 長野県
0%
大庭 長野県
0%
下新 長野県
0%
新村 長野県
0%
三溝 長野県
0%
波田 長野県
0%
渕東 長野県
0%
新島々 長野県
0%
三好町 長野県
0%
塩田町 長野県
0%
信濃国分寺 長野県
0%
赤坂上 長野県
0%
上田原 長野県
0%
寺下 長野県
0%
神畑 長野県
0%
下之郷 長野県
0%
舞田 長野県
0%
八木沢 長野県
0%
岡谷 長野県
0%
千代 長野県
0%
天竜峡 長野県
0%
川路 長野県
0%
時又 長野県
0%
駄科 長野県
0%
毛賀 長野県
0%
下山村 長野県
0%
切石 長野県
0%
飯田 長野県
0%
美里 長野県
0%
三岡 長野県
0%
小諸 長野県
0%
平原 長野県
0%
赤木 長野県
0%
沢渡 長野県
0%
伊那市 長野県
0%
伊那北 長野県
0%
伊那福岡 長野県
0%
小町屋 長野県
0%
駒ケ根 長野県
0%
大田切 長野県
0%
上今井 長野県
0%
替佐 長野県
0%
延徳 長野県
0%
中野松川 長野県
0%
安曇沓掛 長野県
0%
信濃常盤 長野県
0%
信濃木崎 長野県
0%
稲尾 長野県
0%
海ノ口 長野県
0%
信濃大町 長野県
0%
北大町 長野県
0%
長野県
0%
北飯山 長野県
0%
信濃平 長野県
0%
戸狩野沢温泉 長野県
0%
上境 長野県
0%
上桑名川 長野県
0%
桑名川 長野県
0%
西大滝 長野県
0%
青柳 長野県
0%
奈良井 長野県
0%
木曽平沢 長野県
0%
贄川 長野県
0%
みどり湖 長野県
0%
青沼 長野県
0%
臼田 長野県
0%
龍岡城 長野県
0%
太田部 長野県
0%
中込 長野県
0%
北中込 長野県
0%
中佐都 長野県
0%
姨捨 長野県
0%
戸倉 長野県
0%
屋代高校前 長野県
0%
滋野 長野県
0%
田中 長野県
0%
梓橋 長野県
0%
一日市場 長野県
0%
中萱 長野県
0%
南豊科 長野県
0%
田沢 長野県
0%
柏矢町 長野県
0%
馬流 長野県
0%
松原湖 長野県
0%
八千穂 長野県
0%
海瀬 長野県
0%
軽井沢 長野県
0%
中軽井沢 長野県
0%
御代田 長野県
0%
下諏訪 長野県
0%
信濃境 長野県
0%
富士見 長野県
0%
すずらんの里 長野県
0%
辰野 長野県
0%
信濃川島 長野県
0%
宮木 長野県
0%
伊那新町 長野県
0%
木ノ下 長野県
0%
伊那松島 長野県
0%
長野県
0%
高遠原 長野県
0%
七久保 長野県
0%
飯島 長野県
0%
北殿 長野県
0%
上片桐 長野県
0%
下平 長野県
0%
山吹 長野県
0%
中井侍 長野県
0%
鶯巣 長野県
0%
平岡 長野県
0%
為栗 長野県
0%
温田 長野県
0%
田本 長野県
0%
門島 長野県
0%
唐笠 長野県
0%
倉本 長野県
0%
十二兼 長野県
0%
野尻 長野県
0%
須原 長野県
0%
原野 長野県
0%
宮ノ越 長野県
0%
聖高原 長野県
0%
坂北 長野県
0%
冠着 長野県
0%
北細野 長野県
0%
南神城 長野県
0%
信濃森上 長野県
0%
白馬大池 長野県
0%
千国 長野県
0%
南小谷 長野県
0%
中土 長野県
0%
北小谷 長野県
0%
テクノさかき 長野県
0%
坂城 長野県
0%
都住 長野県
0%
古間 長野県
0%
黒姫 長野県
0%
牟礼 長野県
0%
信濃白鳥 長野県
0%
長森 岐阜県
0%
茶所 岐阜県
0%
高田橋 岐阜県
0%
手力 岐阜県
0%
切通 岐阜県
0%
細畑 岐阜県
0%
美濃赤坂 岐阜県
0%
大外羽 岐阜県
0%
友江 岐阜県
0%
北大垣 岐阜県
0%
東大垣 岐阜県
0%
久々野 岐阜県
0%
上枝 岐阜県
0%
飛騨国府 岐阜県
0%
古虎渓 岐阜県
0%
多治見 岐阜県
0%
小泉 岐阜県
0%
根本 岐阜県
0%
関富岡 岐阜県
0%
関口 岐阜県
0%
せきてらす前 岐阜県
0%
落合川 岐阜県
0%
坂下 岐阜県
0%
飯沼 岐阜県
0%
阿木 岐阜県
0%
松森 岐阜県
0%
梅山 岐阜県
0%
洲原 岐阜県
0%
瑞浪 岐阜県
0%
南宿 岐阜県
0%
須賀 岐阜県
0%
不破一色 岐阜県
0%
竹鼻 岐阜県
0%
江吉良 岐阜県
0%
武並 岐阜県
0%
極楽 岐阜県
0%
飯羽間 岐阜県
0%
岩村 岐阜県
0%
花白温泉 岐阜県
0%
山岡 岐阜県
0%
野志 岐阜県
0%
美濃太田 岐阜県
0%
古井 岐阜県
0%
前平公園 岐阜県
0%
加茂野 岐阜県
0%
土岐市 岐阜県
0%
蘇原 岐阜県
0%
那加 岐阜県
0%
新那加 岐阜県
0%
各務ケ原 岐阜県
0%
鵜沼宿 岐阜県
0%
二十軒 岐阜県
0%
三柿野 岐阜県
0%
市民公園前 岐阜県
0%
下切 岐阜県
0%
可児 岐阜県
0%
新可児 岐阜県
0%
穂積 岐阜県
0%
横屋 岐阜県
0%
十九条 岐阜県
0%
飛騨古川 岐阜県
0%
杉崎 岐阜県
0%
角川 岐阜県
0%
打保 岐阜県
0%
杉原 岐阜県
0%
糸貫 岐阜県
0%
本巣 岐阜県
0%
織部 岐阜県
0%
木知原 岐阜県
0%
鍋原 岐阜県
0%
日当 岐阜県
0%
水鳥 岐阜県
0%
樽見 岐阜県
0%
母野 岐阜県
0%
木尾 岐阜県
0%
みなみ子宝温泉 岐阜県
0%
大矢 岐阜県
0%
美並苅安 岐阜県
0%
深戸 岐阜県
0%
自然園前 岐阜県
0%
万場 岐阜県
0%
上万場 岐阜県
0%
大中 岐阜県
0%
美濃白鳥 岐阜県
0%
白鳥高原 岐阜県
0%
白山長滝 岐阜県
0%
飛騨金山 岐阜県
0%
飛騨萩原 岐阜県
0%
上呂 岐阜県
0%
美濃山崎 岐阜県
0%
駒野 岐阜県
0%
岐南 岐阜県
0%
笠松 岐阜県
0%
養老 岐阜県
0%
烏江 岐阜県
0%
垂井 岐阜県
0%
東赤坂 岐阜県
0%
広神戸 岐阜県
0%
揖斐 岐阜県
0%
谷汲口 岐阜県
0%
高科 岐阜県
0%
坂祝 岐阜県
0%
富加 岐阜県
0%
中川辺 岐阜県
0%
下麻生 岐阜県
0%
下油井 岐阜県
0%
顔戸 岐阜県
0%
御嵩 岐阜県
0%
草薙 静岡県
0%
安倍川 静岡県
0%
用宗 静岡県
0%
日吉町 静岡県
0%
音羽町 静岡県
0%
春日町 静岡県
0%
古庄 静岡県
0%
県立美術館前 静岡県
0%
御門台 静岡県
0%
狐ヶ崎 静岡県
0%
入江岡 静岡県
0%
閑蔵 静岡県
0%
井川 静岡県
0%
出馬 静岡県
0%
上市場 静岡県
0%
浦川 静岡県
0%
早瀬 静岡県
0%
佐久間 静岡県
0%
相月 静岡県
0%
城西 静岡県
0%
向市場 静岡県
0%
大嵐 静岡県
0%
小和田 静岡県
0%
舞阪 静岡県
0%
新浜松 静岡県
0%
二俣本町 静岡県
0%
浜名湖佐久米 静岡県
0%
天竜二俣 静岡県
0%
岩水寺 静岡県
0%
宮口 静岡県
0%
フルーツパーク 静岡県
0%
都田 静岡県
0%
岡地 静岡県
0%
気賀 静岡県
0%
西気賀 静岡県
0%
東都筑 静岡県
0%
都筑 静岡県
0%
三ヶ日 静岡県
0%
尾奈 静岡県
0%
第一通り 静岡県
0%
助信 静岡県
0%
曳馬 静岡県
0%
上島 静岡県
0%
自動車学校前 静岡県
0%
遠州西ヶ崎 静岡県
0%
遠州小松 静岡県
0%
浜北 静岡県
0%
美薗中央公園 静岡県
0%
遠州岩水寺 静岡県
0%
沼津 静岡県
0%
大岡 静岡県
0%
熱海 静岡県
0%
来宮 静岡県
0%
三島田町 静岡県
0%
三島広小路 静岡県
0%
大場 静岡県
0%
芝川 静岡県
0%
稲子 静岡県
0%
宇佐美 静岡県
0%
伊東 静岡県
0%
川奈 静岡県
0%
富戸 静岡県
0%
六合 静岡県
0%
代官町 静岡県
0%
日切 静岡県
0%
合格 静岡県
0%
門出 静岡県
0%
福用 静岡県
0%
家山 静岡県
0%
抜里 静岡県
0%
川根温泉笹間渡 静岡県
0%
竪堀 静岡県
0%
入山瀬 静岡県
0%
富士根 静岡県
0%
東田子の浦 静岡県
0%
吉原本町 静岡県
0%
ジヤトコ前(ジヤトコ1地区前) 静岡県
0%
本吉原 静岡県
0%
岳南原田 静岡県
0%
比奈 静岡県
0%
須津 静岡県
0%
磐田 静岡県
0%
敷地 静岡県
0%
上野部 静岡県
0%
掛川 静岡県
0%
いこいの広場 静岡県
0%
原谷 静岡県
0%
御殿場 静岡県
0%
富士岡 静岡県
0%
袋井 静岡県
0%
稲梓 静岡県
0%
蓮台寺 静岡県
0%
岩波 静岡県
0%
裾野 静岡県
0%
鷲津 静岡県
0%
新所原 静岡県
0%
新居町 静岡県
0%
知波田 静岡県
0%
アスモ前 静岡県
0%
牧之郷 静岡県
0%
修善寺 静岡県
0%
原木 静岡県
0%
韮山 静岡県
0%
田京 静岡県
0%
大仁 静岡県
0%
伊豆北川 静岡県
0%
伊豆熱川 静岡県
0%
片瀬白田 静岡県
0%
今井浜海岸 静岡県
0%
河津 静岡県
0%
函南 静岡県
0%
長泉なめり 静岡県
0%
駿河小山 静岡県
0%
奥大井湖上 静岡県
0%
地名 静岡県
0%
塩郷 静岡県
0%
田野口 静岡県
0%
駿河徳山 静岡県
0%
青部 静岡県
0%
崎平 静岡県
0%
千頭 静岡県
0%
川根両国 静岡県
0%
沢間 静岡県
0%
奥泉 静岡県
0%
長島ダム 静岡県
0%
接岨峡温泉 静岡県
0%
春田 愛知県
0%
近鉄名古屋 愛知県
0%
八田 愛知県
0%
有松 愛知県
0%
左京山 愛知県
0%
鳴海 愛知県
0%
本笠寺 愛知県
0%
神宮前 愛知県
0%
道徳 愛知県
0%
柴田 愛知県
0%
尼ヶ坂 愛知県
0%
小幡 愛知県
0%
上飯田 愛知県
0%
味鋺 愛知県
0%
伏屋 愛知県
0%
豊田本町 愛知県
0%
大同町 愛知県
0%
矢場町 愛知県
0%
六番町 愛知県
0%
浅間町 愛知県
0%
小本 愛知県
0%
荒子 愛知県
0%
港北 愛知県
0%
荒子川公園 愛知県
0%
稲永 愛知県
0%
野跡 愛知県
0%
金城ふ頭 愛知県
0%
小田井 愛知県
0%
高畑 愛知県
0%
岩塚 愛知県
0%
中村日赤 愛知県
0%
本陣 愛知県
0%
亀島 愛知県
0%
志賀本通 愛知県
0%
名城公園 愛知県
0%
上前津 愛知県
0%
東別院 愛知県
0%
西高蔵 愛知県
0%
新瑞橋 愛知県
0%
瑞穂運動場東 愛知県
0%
総合リハビリセンター 愛知県
0%
八事 愛知県
0%
名古屋大学 愛知県
0%
東海通 愛知県
0%
港区役所 愛知県
0%
築地口 愛知県
0%
庄内緑地公園 愛知県
0%
庄内通 愛知県
0%
浄心 愛知県
0%
荒畑 愛知県
0%
御器所 愛知県
0%
川名 愛知県
0%
いりなか 愛知県
0%
塩釜口 愛知県
0%
高岳 愛知県
0%
車道 愛知県
0%
瑞穂区役所 愛知県
0%
瑞穂運動場西 愛知県
0%
鶴里 愛知県
0%
相生山 愛知県
0%
神沢 愛知県
0%
徳重 愛知県
0%
金屋 愛知県
0%
川宮 愛知県
0%
白沢渓谷 愛知県
0%
二川 愛知県
0%
豊橋 愛知県
0%
駅前 愛知県
0%
柳生橋 愛知県
0%
船町 愛知県
0%
小池 愛知県
0%
高師 愛知県
0%
芦原 愛知県
0%
向ヶ丘 愛知県
0%
大清水 愛知県
0%
杉山 愛知県
0%
駅前大通 愛知県
0%
札木 愛知県
0%
前畑 愛知県
0%
東田坂上 愛知県
0%
東田 愛知県
0%
男川 愛知県
0%
東岡崎 愛知県
0%
矢作橋 愛知県
0%
宇頭 愛知県
0%
中岡崎 愛知県
0%
六名 愛知県
0%
北野桝塚 愛知県
0%
木曽川 愛知県
0%
妙興寺 愛知県
0%
今伊勢 愛知県
0%
石刀 愛知県
0%
玉野 愛知県
0%
二子 愛知県
0%
開明 愛知県
0%
玉ノ井 愛知県
0%
奥町 愛知県
0%
水野 愛知県
0%
尾張瀬戸 愛知県
0%
瀬戸口 愛知県
0%
瀬戸市 愛知県
0%
東成岩 愛知県
0%
半田口 愛知県
0%
住吉町 愛知県
0%
高蔵寺 愛知県
0%
牛山 愛知県
0%
間内 愛知県
0%
小坂井 愛知県
0%
三河一宮 愛知県
0%
江島 愛知県
0%
東上 愛知県
0%
西小坂井 愛知県
0%
小田渕 愛知県
0%
御油 愛知県
0%
稲荷口 愛知県
0%
諏訪町 愛知県
0%
青塚 愛知県
0%
津島 愛知県
0%
北新川 愛知県
0%
逢妻 愛知県
0%
一ツ木 愛知県
0%
富士松 愛知県
0%
小垣江 愛知県
0%
野田新町 愛知県
0%
竹村 愛知県
0%
上挙母 愛知県
0%
豊田市 愛知県
0%
越戸 愛知県
0%
平戸橋 愛知県
0%
上豊田 愛知県
0%
永覚 愛知県
0%
末野原 愛知県
0%
三河豊田 愛知県
0%
新上挙母 愛知県
0%
新豊田 愛知県
0%
愛環梅坪 愛知県
0%
四郷 愛知県
0%
貝津 愛知県
0%
陶磁資料館南 愛知県
0%
北安城 愛知県
0%
堀内公園 愛知県
0%
桜町前 愛知県
0%
西尾 愛知県
0%
上横須賀 愛知県
0%
東幡豆 愛知県
0%
三河三谷 愛知県
0%
蒲郡 愛知県
0%
三河塩津 愛知県
0%
蒲郡競艇場前 愛知県
0%
西浦 愛知県
0%
形原 愛知県
0%
犬山口 愛知県
0%
犬山 愛知県
0%
犬山遊園 愛知県
0%
富岡前 愛知県
0%
善師野 愛知県
0%
楽田 愛知県
0%
常滑 愛知県
0%
りんくう常滑 愛知県
0%
西ノ口 愛知県
0%
多屋 愛知県
0%
大野町 愛知県
0%
小牧口 愛知県
0%
小牧原 愛知県
0%
味岡 愛知県
0%
稲沢 愛知県
0%
大里 愛知県
0%
奥田 愛知県
0%
国府宮 愛知県
0%
島氏永 愛知県
0%
丸渕 愛知県
0%
上丸渕 愛知県
0%
森上 愛知県
0%
野田城 愛知県
0%
茶臼山 愛知県
0%
大海 愛知県
0%
鳥居 愛知県
0%
長篠城 愛知県
0%
本長篠 愛知県
0%
湯谷温泉 愛知県
0%
柿平 愛知県
0%
池場 愛知県
0%
東新町 愛知県
0%
聚楽園 愛知県
0%
新日鉄前 愛知県
0%
加木屋中ノ池 愛知県
0%
共和 愛知県
0%
日長 愛知県
0%
新舞子 愛知県
0%
巽ヶ丘 愛知県
0%
知立 愛知県
0%
重原 愛知県
0%
三河知立 愛知県
0%
印場 愛知県
0%
旭前 愛知県
0%
尾張旭 愛知県
0%
高浜港 愛知県
0%
三河高浜 愛知県
0%
石仏 愛知県
0%
米野木 愛知県
0%
やぐま台 愛知県
0%
勝幡 愛知県
0%
藤浪 愛知県
0%
佐屋 愛知県
0%
町方 愛知県
0%
渕高 愛知県
0%
枇杷島 愛知県
0%
二ツ杁 愛知県
0%
新川橋 愛知県
0%
須ヶ口 愛知県
0%
尾張星の宮 愛知県
0%
西春 愛知県
0%
弥富 愛知県
0%
五ノ三 愛知県
0%
佐古木 愛知県
0%
三好ヶ丘 愛知県
0%
黒笹 愛知県
0%
甚目寺 愛知県
0%
七宝 愛知県
0%
木田 愛知県
0%
はなみずき通 愛知県
0%
公園西 愛知県
0%
扶桑 愛知県
0%
木津用水 愛知県
0%
蟹江 愛知県
0%
富吉 愛知県
0%
植大 愛知県
0%
石浜 愛知県
0%
知多武豊 愛知県
0%
三ケ根 愛知県
0%
一身田 三重県
0%
阿漕 三重県
0%
高茶屋 三重県
0%
伊勢川口 三重県
0%
家城 三重県
0%
伊勢竹原 三重県
0%
比津 三重県
0%
伊勢奥津 三重県
0%
一志 三重県
0%
榊原温泉口 三重県
0%
大三 三重県
0%
白塚 三重県
0%
江戸橋 三重県
0%
南が丘 三重県
0%
桃園 三重県
0%
津新町 三重県
0%
河芸 三重県
0%
富田浜 三重県
0%
伊勢松本 三重県
0%
伊勢川島 三重県
0%
高角 三重県
0%
赤堀 三重県
0%
内部 三重県
0%
西日野 三重県
0%
近鉄富田 三重県
0%
海山道 三重県
0%
塩浜 三重県
0%
北楠 三重県
0%
三重県
0%
川原町 三重県
0%
大矢知 三重県
0%
平津 三重県
0%
山城 三重県
0%
近鉄四日市 三重県
0%
宮川 三重県
0%
山田上口 三重県
0%
五十鈴ケ丘 三重県
0%
二見浦 三重県
0%
松下 三重県
0%
明野 三重県
0%
宇治山田 三重県
0%
五十鈴川 三重県
0%
宮町 三重県
0%
徳和 三重県
0%
権現前 三重県
0%
伊勢中川 三重県
0%
櫛田 三重県
0%
漕代 三重県
0%
長島 三重県
0%
近鉄長島 三重県
0%
西桑名 三重県
0%
播磨 三重県
0%
下深谷 三重県
0%
下野代 三重県
0%
馬道 三重県
0%
西別所 三重県
0%
蓮花寺 三重県
0%
在良 三重県
0%
七和 三重県
0%
加佐登 三重県
0%
伊勢若松 三重県
0%
鈴鹿市 三重県
0%
三日市 三重県
0%
箕田 三重県
0%
鼓ヶ浦 三重県
0%
磯山 三重県
0%
三重県
0%
平田町 三重県
0%
玉垣 三重県
0%
中瀬古 三重県
0%
赤目口 三重県
0%
名張 三重県
0%
桔梗が丘 三重県
0%
美旗 三重県
0%
尾鷲 三重県
0%
大曽根浦 三重県
0%
賀田 三重県
0%
井田川 三重県
0%
下庄 三重県
0%
鳥羽 三重県
0%
池の浦 三重県
0%
中之郷 三重県
0%
志摩赤崎 三重県
0%
白木 三重県
0%
二木島 三重県
0%
新鹿 三重県
0%
波田須 三重県
0%
熊野市 三重県
0%
有井 三重県
0%
梅戸井 三重県
0%
大安 三重県
0%
三里 三重県
0%
丹生川 三重県
0%
東藤原 三重県
0%
西野尻 三重県
0%
西藤原 三重県
0%
麻生田 三重県
0%
阿下喜 三重県
0%
五知 三重県
0%
沓掛 三重県
0%
上之郷 三重県
0%
志摩横山 三重県
0%
鵜方 三重県
0%
志摩神明 三重県
0%
賢島 三重県
0%
柘植 三重県
0%
新堂 三重県
0%
佐那具 三重県
0%
西青山 三重県
0%
新居 三重県
0%
西大手 三重県
0%
猪田道 三重県
0%
依那古 三重県
0%
上林 三重県
0%
比土 三重県
0%
青山町 三重県
0%
茅町 三重県
0%
四十九 三重県
0%
大羽根園 三重県
0%
湯の山温泉 三重県
0%
多気 三重県
0%
相可 三重県
0%
佐奈 三重県
0%
外城田 三重県
0%
栃原 三重県
0%
川添 三重県
0%
滝原 三重県
0%
田丸 三重県
0%
阿曽 三重県
0%
大内山 三重県
0%
梅ケ谷 三重県
0%
相賀 三重県
0%
神志山 三重県
0%
阿田和 三重県
0%
鵜殿 三重県
0%
唐崎 滋賀県
0%
比叡山坂本 滋賀県
0%
堅田 滋賀県
0%
近江舞子 滋賀県
0%
北小松 滋賀県
0%
京阪膳所 滋賀県
0%
坂本比叡山口 滋賀県
0%
大津京 滋賀県
0%
石山寺 滋賀県
0%
瓦ヶ浜 滋賀県
0%
中ノ庄 滋賀県
0%
滋賀県
0%
石場 滋賀県
0%
島ノ関 滋賀県
0%
三井寺 滋賀県
0%
大津市役所前 滋賀県
0%
近江神宮前 滋賀県
0%
松ノ馬場 滋賀県
0%
上栄町 滋賀県
0%
びわ湖浜大津 滋賀県
0%
彦根 滋賀県
0%
河瀬 滋賀県
0%
フジテック前 滋賀県
0%
鳥居本 滋賀県
0%
スクリーン 滋賀県
0%
虎姫 滋賀県
0%
木ノ本 滋賀県
0%
余呉 滋賀県
0%
手原 滋賀県
0%
油日 滋賀県
0%
甲賀 滋賀県
0%
甲南 滋賀県
0%
貴生川 滋賀県
0%
水口松尾 滋賀県
0%
水口城南 滋賀県
0%
雲井 滋賀県
0%
玉桂寺前 滋賀県
0%
野洲 滋賀県
0%
三雲 滋賀県
0%
甲西 滋賀県
0%
石部 滋賀県
0%
安曇川 滋賀県
0%
近江今津 滋賀県
0%
近江中庄 滋賀県
0%
五箇荘 滋賀県
0%
河辺の森 滋賀県
0%
八日市 滋賀県
0%
長谷野 滋賀県
0%
京セラ前 滋賀県
0%
朝日大塚 滋賀県
0%
朝日野 滋賀県
0%
新八日市 滋賀県
0%
太郎坊宮前 滋賀県
0%
市辺 滋賀県
0%
坂田 滋賀県
0%
米原 滋賀県
0%
上菅 鳥取県
0%
根雨 鳥取県
0%
豊郷 滋賀県
0%
西大路 京都府
0%
丹波口 京都府
0%
稲荷 京都府
0%
桃山 京都府
0%
東福寺 京都府
0%
山科 京都府
0%
八瀬比叡山口 京都府
0%
上鳥羽口 京都府
0%
向島 京都府
0%
清水五条 京都府
0%
龍谷大前深草 京都府
0%
墨染 京都府
0%
観月橋 京都府
0%
桃山南口 京都府
0%
御陵 京都府
0%
西京極 京都府
0%
上桂 京都府
0%
松尾大社 京都府
0%
神宮丸太町 京都府
0%
丸太町 京都府
0%
桃山御陵前 京都府
0%
伏見桃山 京都府
0%
元田中 京都府
0%
一乗寺 京都府
0%
宝ヶ池 京都府
0%
木野 京都府
0%
市原 京都府
0%
貴船口 京都府
0%
鞍馬 京都府
0%
今出川 京都府
0%
くいな橋 京都府
0%
蹴上 京都府
0%
蚕ノ社 京都府
0%
太秦広隆寺 京都府
0%
帷子ノ辻 京都府
0%
有栖川 京都府
0%
撮影所前 京都府
0%
鳴滝 京都府
0%
宇多野 京都府
0%
妙心寺 京都府
0%
上川口 京都府
0%
下夜久野 京都府
0%
上夜久野 京都府
0%
大江山口内宮 京都府
0%
福知山市民病院口 京都府
0%
荒河かしの木台 京都府
0%
下天津 京都府
0%
公庄 京都府
0%
二俣 京都府
0%
松尾寺 京都府
0%
真倉 京都府
0%
丹後神崎 京都府
0%
四所 京都府
0%
山家 京都府
0%
黄檗 京都府
0%
JR小倉 京都府
0%
伊勢田 京都府
0%
辛皮 京都府
0%
喜多 京都府
0%
宮村 京都府
0%
宮津 京都府
0%
天橋立 京都府
0%
岩滝口 京都府
0%
栗田 京都府
0%
丹後由良 京都府
0%
馬堀 京都府
0%
亀岡 京都府
0%
千代川 京都府
0%
トロッコ亀岡 京都府
0%
城陽 京都府
0%
長池 京都府
0%
山城青谷 京都府
0%
向日町 京都府
0%
長岡天神 京都府
0%
石清水八幡宮 京都府
0%
大住 京都府
0%
松井山手 京都府
0%
JR三山木 京都府
0%
興戸 京都府
0%
京丹後大宮 京都府
0%
峰山 京都府
0%
網野 京都府
0%
夕日ヶ浦木津温泉 京都府
0%
小天橋 京都府
0%
かぶと山 京都府
0%
園部 京都府
0%
棚倉 京都府
0%
上狛 京都府
0%
大山崎 京都府
0%
山城多賀 京都府
0%
玉水 京都府
0%
笠置 京都府
0%
祝園 京都府
0%
新祝園 京都府
0%
下狛 京都府
0%
狛田 京都府
0%
山田川 京都府
0%
月ケ瀬口 京都府
0%
立木 京都府
0%
東淀川 大阪府
0%
JR難波 大阪府
0%
放出 大阪府
0%
西九条 大阪府
0%
鶴橋 大阪府
0%
桜島 大阪府
0%
御幣島 大阪府
0%
美章園 大阪府
0%
鶴ケ丘 大阪府
0%
城北公園通 大阪府
0%
森ノ宮 大阪府
0%
玉造 大阪府
0%
西梅田 大阪府
0%
新加美 大阪府
0%
天王寺 大阪府
0%
天王寺駅前 大阪府
0%
北田辺 大阪府
0%
野田 大阪府
0%
今宮戎 大阪府
0%
萩ノ茶屋 大阪府
0%
住吉東 大阪府
0%
我孫子前 大阪府
0%
木津川 大阪府
0%
津守 大阪府
0%
西天下茶屋 大阪府
0%
上新庄 大阪府
0%
崇禅寺 大阪府
0%
下新庄 大阪府
0%
柴島 大阪府
0%
千船 大阪府
0%
伝法 大阪府
0%
大阪府
0%
出来島 大阪府
0%
天満橋 大阪府
0%
杉本町 大阪府
0%
沢ノ町 大阪府
0%
花園町 大阪府
0%
松屋町 大阪府
0%
近鉄日本橋 大阪府
0%
松田町 大阪府
0%
安立町 大阪府
0%
粉浜 大阪府
0%
東粉浜 大阪府
0%
住吉鳥居前 大阪府
0%
東三国 大阪府
0%
西田辺 大阪府
0%
あびこ 大阪府
0%
太子橋今市 大阪府
0%
千林大宮 大阪府
0%
関目高殿 大阪府
0%
野江内代 大阪府
0%
都島 大阪府
0%
谷町六丁目 大阪府
0%
谷町九丁目 大阪府
0%
四天王寺前夕陽ヶ丘 大阪府
0%
阿倍野 大阪府
0%
文の里 大阪府
0%
田辺 大阪府
0%
駒川中野 大阪府
0%
喜連瓜破 大阪府
0%
出戸 大阪府
0%
岸里 大阪府
0%
玉出 大阪府
0%
北加賀屋 大阪府
0%
コスモスクエア 大阪府
0%
阿波座 大阪府
0%
深江橋 大阪府
0%
新深江 大阪府
0%
小路 大阪府
0%
南巽 大阪府
0%
長堀橋 大阪府
0%
西大橋 大阪府
0%
蒲生四丁目 大阪府
0%
横堤 大阪府
0%
中ふ頭 大阪府
0%
フェリーターミナル 大阪府
0%
南港口 大阪府
0%
松虫 大阪府
0%
東天下茶屋 大阪府
0%
北畠 大阪府
0%
姫松 大阪府
0%
帝塚山四丁目 大阪府
0%
今船 大阪府
0%
北天下茶屋 大阪府
0%
聖天坂 大阪府
0%
天神ノ森 大阪府
0%
細井川 大阪府
0%
大江橋 大阪府
0%
淀屋橋 大阪府
0%
肥後橋 大阪府
0%
淡路 大阪府
0%
瑞光四丁目 大阪府
0%
新森古市 大阪府
0%
JR淡路 大阪府
0%
ドーム前 大阪府
0%
ドーム前千代崎 大阪府
0%
浅香 大阪府
0%
津久野 大阪府
0%
七道 大阪府
0%
大阪府
0%
大阪府
0%
浅香山 大阪府
0%
白鷺 大阪府
0%
初芝 大阪府
0%
北野田 大阪府
0%
綾ノ町 大阪府
0%
寺地町 大阪府
0%
浜寺公園 大阪府
0%
浜寺駅前 大阪府
0%
なかもず 大阪府
0%
深井 大阪府
0%
光明池 大阪府
0%
北花田 大阪府
0%
大和川 大阪府
0%
妙国寺前 大阪府
0%
宿院 大阪府
0%
御陵前 大阪府
0%
東湊 大阪府
0%
久米田 大阪府
0%
蛸地蔵 大阪府
0%
豊中 大阪府
0%
蛍池 大阪府
0%
緑地公園 大阪府
0%
少路 大阪府
0%
千里中央 大阪府
0%
石橋阪大前 大阪府
0%
北千里 大阪府
0%
千里山 大阪府
0%
桃山台 大阪府
0%
公園東口 大阪府
0%
北助松 大阪府
0%
摂津富田 大阪府
0%
二色浜 大阪府
0%
三ヶ山口 大阪府
0%
近義の里 大阪府
0%
石才 大阪府
0%
清児 大阪府
0%
名越 大阪府
0%
三ツ松 大阪府
0%
土居 大阪府
0%
滝井 大阪府
0%
樟葉 大阪府
0%
宮之阪 大阪府
0%
JR総持寺 大阪府
0%
茨木 大阪府
0%
総持寺 大阪府
0%
宇野辺 大阪府
0%
阪大病院前 大阪府
0%
久宝寺 大阪府
0%
久宝寺口 大阪府
0%
近鉄八尾 大阪府
0%
高安山 大阪府
0%
八尾南 大阪府
0%
東佐野 大阪府
0%
日根野 大阪府
0%
長滝 大阪府
0%
りんくうタウン 大阪府
0%
井原里 大阪府
0%
羽倉崎 大阪府
0%
滝谷不動 大阪府
0%
汐ノ宮 大阪府
0%
千代田 大阪府
0%
天見 大阪府
0%
三日市町 大阪府
0%
信太山 大阪府
0%
和泉府中 大阪府
0%
和泉中央 大阪府
0%
牧落 大阪府
0%
堅下 大阪府
0%
恵我ノ荘 大阪府
0%
高鷲 大阪府
0%
駒ヶ谷 大阪府
0%
古川橋 大阪府
0%
門真市 大阪府
0%
西三荘 大阪府
0%
羽衣 大阪府
0%
伽羅橋 大阪府
0%
藤井寺 大阪府
0%
土師ノ里 大阪府
0%
徳庵 大阪府
0%
河内小阪 大阪府
0%
若江岩田 大阪府
0%
枚岡 大阪府
0%
石切 大阪府
0%
荒本 大阪府
0%
新石切 大阪府
0%
JR河内永和 大阪府
0%
河内永和 大阪府
0%
JR俊徳道 大阪府
0%
俊徳道 大阪府
0%
布施 大阪府
0%
新家 大阪府
0%
和泉砂川 大阪府
0%
岡田浦 大阪府
0%
樽井 大阪府
0%
星田 大阪府
0%
交野市 大阪府
0%
河内森 大阪府
0%
金剛 大阪府
0%
和泉鳥取 大阪府
0%
尾崎 大阪府
0%
吉見ノ里 大阪府
0%
淡輪 大阪府
0%
みさき公園 大阪府
0%
孝子 大阪府
0%
深日港 大阪府
0%
多奈川 大阪府
0%
深日町 大阪府
0%
兵庫県
0%
須磨海浜公園 兵庫県
0%
鷹取 兵庫県
0%
須磨 兵庫県
0%
垂水 兵庫県
0%
舞子 兵庫県
0%
道場 兵庫県
0%
神戸三宮 兵庫県
0%
六甲 兵庫県
0%
石屋川 兵庫県
0%
新在家 兵庫県
0%
大石 兵庫県
0%
西灘 兵庫県
0%
高速長田 兵庫県
0%
北鈴蘭台 兵庫県
0%
山の街 兵庫県
0%
高速神戸 兵庫県
0%
箕谷 兵庫県
0%
谷上 兵庫県
0%
花山 兵庫県
0%
大池 兵庫県
0%
神鉄六甲 兵庫県
0%
唐櫃台 兵庫県
0%
岡場 兵庫県
0%
田尾寺 兵庫県
0%
二郎 兵庫県
0%
道場南口 兵庫県
0%
鈴蘭台西口 兵庫県
0%
押部谷 兵庫県
0%
月見山 兵庫県
0%
須磨寺 兵庫県
0%
山陽須磨 兵庫県
0%
山陽塩屋 兵庫県
0%
東垂水 兵庫県
0%
舞子公園 兵庫県
0%
西舞子 兵庫県
0%
板宿 兵庫県
0%
総合運動公園 兵庫県
0%
学園都市 兵庫県
0%
伊川谷 兵庫県
0%
西神南 兵庫県
0%
計算科学センター(神戸どうぶつ王国・「富岳」前) 兵庫県
0%
神戸空港 兵庫県
0%
湊川公園 兵庫県
0%
上沢 兵庫県
0%
新長田 兵庫県
0%
苅藻 兵庫県
0%
御崎公園 兵庫県
0%
中央市場前 兵庫県
0%
みなと元町 兵庫県
0%
三宮・花時計前 兵庫県
0%
ポートターミナル 兵庫県
0%
みなとじま 兵庫県
0%
市民広場 兵庫県
0%
医療センター 兵庫県
0%
魚崎 兵庫県
0%
アイランド北口 兵庫県
0%
アイランドセンター 兵庫県
0%
マリンパーク 兵庫県
0%
ひめじ別所 兵庫県
0%
英賀保 兵庫県
0%
太市 兵庫県
0%
野里 兵庫県
0%
仁豊野 兵庫県
0%
香呂 兵庫県
0%
溝口 兵庫県
0%
姫路 兵庫県
0%
山陽姫路 兵庫県
0%
的形 兵庫県
0%
八家 兵庫県
0%
白浜の宮 兵庫県
0%
妻鹿 兵庫県
0%
飾磨 兵庫県
0%
夢前川 兵庫県
0%
広畑 兵庫県
0%
平松 兵庫県
0%
立花 兵庫県
0%
猪名寺 兵庫県
0%
武庫之荘 兵庫県
0%
杭瀬 兵庫県
0%
大物 兵庫県
0%
出屋敷 兵庫県
0%
尼崎センタープール前 兵庫県
0%
魚住 兵庫県
0%
山陽明石 兵庫県
0%
人丸前 兵庫県
0%
藤江 兵庫県
0%
中八木 兵庫県
0%
江井ヶ島 兵庫県
0%
西江井ヶ島 兵庫県
0%
西二見 兵庫県
0%
さくら夙川 兵庫県
0%
西宮名塩 兵庫県
0%
西宮北口 兵庫県
0%
阪神国道 兵庫県
0%
甲東園 兵庫県
0%
仁川 兵庫県
0%
苦楽園口 兵庫県
0%
洲先 兵庫県
0%
稲野 兵庫県
0%
新伊丹 兵庫県
0%
玄武洞 兵庫県
0%
城崎温泉 兵庫県
0%
竹野 兵庫県
0%
コウノトリの郷 兵庫県
0%
東加古川 兵庫県
0%
日岡 兵庫県
0%
神野 兵庫県
0%
厄神 兵庫県
0%
有年 兵庫県
0%
播州赤穂 兵庫県
0%
坂越 兵庫県
0%
天和 兵庫県
0%
新西脇 兵庫県
0%
比延 兵庫県
0%
黒田庄 兵庫県
0%
本黒田 兵庫県
0%
日本へそ公園 兵庫県
0%
中山寺 兵庫県
0%
売布神社 兵庫県
0%
清荒神 兵庫県
0%
逆瀬川 兵庫県
0%
宝塚南口 兵庫県
0%
広野ゴルフ場前 兵庫県
0%
志染 兵庫県
0%
三木上の丸 兵庫県
0%
三木 兵庫県
0%
伊保 兵庫県
0%
山陽曽根 兵庫県
0%
絹延橋 兵庫県
0%
滝山 兵庫県
0%
鶯の森 兵庫県
0%
鼓滝 兵庫県
0%
一の鳥居 兵庫県
0%
畦野 兵庫県
0%
笹部 兵庫県
0%
河合西 兵庫県
0%
樫山 兵庫県
0%
葉多 兵庫県
0%
粟生 兵庫県
0%
相野 兵庫県
0%
藍本 兵庫県
0%
フラワータウン 兵庫県
0%
ウッディタウン中央 兵庫県
0%
網引 兵庫県
0%
田原 兵庫県
0%
兵庫県
0%
播磨横田 兵庫県
0%
南矢代 兵庫県
0%
丹波大山 兵庫県
0%
丹波竹田 兵庫県
0%
下滝 兵庫県
0%
石生 兵庫県
0%
市島 兵庫県
0%
梁瀬 兵庫県
0%
和田山 兵庫県
0%
青倉 兵庫県
0%
滝野 兵庫県
0%
竜野 兵庫県
0%
本竜野 兵庫県
0%
千本 兵庫県
0%
土山 兵庫県
0%
鶴居 兵庫県
0%
福崎 兵庫県
0%
寺前 兵庫県
0%
河野原円心 兵庫県
0%
上月 兵庫県
0%
久崎 兵庫県
0%
平福 兵庫県
0%
佐津 兵庫県
0%
柴山 兵庫県
0%
香住 兵庫県
0%
久谷 兵庫県
0%
諸寄 兵庫県
0%
京終 奈良県
0%
帯解 奈良県
0%
尼ヶ辻 奈良県
0%
菖蒲池 奈良県
0%
新大宮 奈良県
0%
高の原 奈良県
0%
浮孔 奈良県
0%
築山 奈良県
0%
大和高田 奈良県
0%
松塚 奈良県
0%
平端 奈良県
0%
櫟本 奈良県
0%
天理 奈良県
0%
長柄 奈良県
0%
二階堂 奈良県
0%
柳本 奈良県
0%
香久山 奈良県
0%
畝傍 奈良県
0%
金橋 奈良県
0%
新ノ口 奈良県
0%
畝傍御陵前 奈良県
0%
坊城 奈良県
0%
橿原神宮西口 奈良県
0%
真菅 奈良県
0%
耳成 奈良県
0%
岡寺 奈良県
0%
巻向 奈良県
0%
三輪 奈良県
0%
大福 奈良県
0%
北宇智 奈良県
0%
大和二見 奈良県
0%
掖上 奈良県
0%
奈良県
0%
御所 奈良県
0%
菜畑 奈良県
0%
南生駒 奈良県
0%
萩の台 奈良県
0%
東生駒 奈良県
0%
学研北生駒 奈良県
0%
宝山寺 奈良県
0%
生駒 奈良県
0%
鳥居前 奈良県
0%
志都美 奈良県
0%
香芝 奈良県
0%
JR五位堂 奈良県
0%
二上山 奈良県
0%
二上 奈良県
0%
二上神社口 奈良県
0%
磐城 奈良県
0%
忍海 奈良県
0%
室生口大野 奈良県
0%
元山上口 奈良県
0%
竜田川 奈良県
0%
勢野北口 奈良県
0%
石見 奈良県
0%
但馬 奈良県
0%
笠縫 奈良県
0%
西田原本 奈良県
0%
壺阪山 奈良県
0%
市尾 奈良県
0%
畠田 奈良県
0%
王寺 奈良県
0%
箸尾 奈良県
0%
池部 奈良県
0%
大和上市 奈良県
0%
薬水 奈良県
0%
福神 奈良県
0%
越部 奈良県
0%
六田 奈良県
0%
六十谷 和歌山県
0%
布施屋 和歌山県
0%
千旦 和歌山県
0%
中松江 和歌山県
0%
西ノ庄 和歌山県
0%
二里ヶ浜 和歌山県
0%
磯ノ浦 和歌山県
0%
田中口 和歌山県
0%
日前宮 和歌山県
0%
竈山 和歌山県
0%
吉礼 和歌山県
0%
伊太祈曽 和歌山県
0%
山東 和歌山県
0%
下津 和歌山県
0%
加茂郷 和歌山県
0%
冷水浦 和歌山県
0%
黒江 和歌山県
0%
隅田 和歌山県
0%
下兵庫 和歌山県
0%
高野口 和歌山県
0%
林間田園都市 和歌山県
0%
御幸辻 和歌山県
0%
学門 和歌山県
0%
西御坊 和歌山県
0%
紀伊新庄 和歌山県
0%
三輪崎 和歌山県
0%
紀伊佐野 和歌山県
0%
粉河 和歌山県
0%
下井阪 和歌山県
0%
西山口 和歌山県
0%
大池遊園 和歌山県
0%
甘露寺前 和歌山県
0%
岩出 和歌山県
0%
船戸 和歌山県
0%
笠田 和歌山県
0%
西笠田 和歌山県
0%
高野下 和歌山県
0%
下古沢 和歌山県
0%
上古沢 和歌山県
0%
紀伊細川 和歌山県
0%
極楽橋 和歌山県
0%
藤並 和歌山県
0%
紀伊由良 和歌山県
0%
稲原 和歌山県
0%
南部 和歌山県
0%
岩代 和歌山県
0%
和佐 和歌山県
0%
朝来 和歌山県
0%
江住 和歌山県
0%
見老津 和歌山県
0%
周参見 和歌山県
0%
宇久井 和歌山県
0%
紀伊勝浦 和歌山県
0%
湯川 和歌山県
0%
下里 和歌山県
0%
太地 和歌山県
0%
紀伊田原 和歌山県
0%
古座 和歌山県
0%
紀伊姫 和歌山県
0%
田並 和歌山県
0%
田子 和歌山県
0%
和深 和歌山県
0%
福部 鳥取県
0%
宝木 鳥取県
0%
浜村 鳥取県
0%
青谷 鳥取県
0%
国英 鳥取県
0%
鷹狩 鳥取県
0%
用瀬 鳥取県
0%
淀江 鳥取県
0%
伯耆大山 鳥取県
0%
米子 鳥取県
0%
後藤 鳥取県
0%
三本松口 鳥取県
0%
和田浜 鳥取県
0%
博労町 鳥取県
0%
大篠津町 鳥取県
0%
境港 鳥取県
0%
高松町 鳥取県
0%
馬場崎町 鳥取県
0%
東浜 鳥取県
0%
岩美 鳥取県
0%
若桜 鳥取県
0%
土師 鳥取県
0%
那岐 鳥取県
0%
山郷 鳥取県
0%
恋山形 鳥取県
0%
東郡家 鳥取県
0%
河原 鳥取県
0%
八頭高校前 鳥取県
0%
因幡船岡 鳥取県
0%
鳥取県
0%
安部 鳥取県
0%
八東 鳥取県
0%
徳丸 鳥取県
0%
丹比 鳥取県
0%
八橋 鳥取県
0%
赤碕 鳥取県
0%
下北条 鳥取県
0%
由良 鳥取県
0%
御来屋 鳥取県
0%
中山口 鳥取県
0%
伯耆溝口 鳥取県
0%
岸本 鳥取県
0%
上石見 鳥取県
0%
武庫 鳥取県
0%
江尾 鳥取県
0%
揖屋 島根県
0%
来待 島根県
0%
宍道 島根県
0%
松江 島根県
0%
秋鹿町 島根県
0%
津ノ森 島根県
0%
高ノ宮 島根県
0%
松江イングリッシュガーデン前 島根県
0%
長江 島根県
0%
久代 島根県
0%
下府 島根県
0%
浜田 島根県
0%
西浜田 島根県
0%
岡見 島根県
0%
荘原 島根県
0%
直江 島根県
0%
西出雲 島根県
0%
大津町 島根県
0%
武志 島根県
0%
大寺 島根県
0%
美談 島根県
0%
旅伏 島根県
0%
雲州平田 島根県
0%
布崎 島根県
0%
島根県
0%
伊野灘 島根県
0%
湖遊館新駅 島根県
0%
遙堪 島根県
0%
浜山公園北口 島根県
0%
鎌手 島根県
0%
益田 島根県
0%
戸田小浜 島根県
0%
飯浦 島根県
0%
石見横田 島根県
0%
本俣賀 島根県
0%
波根 島根県
0%
久手 島根県
0%
五十猛 島根県
0%
仁万 島根県
0%
馬路 島根県
0%
湯里 島根県
0%
安来 島根県
0%
荒島 島根県
0%
浅利 島根県
0%
都野津 島根県
0%
敬川 島根県
0%
波子 島根県
0%
加茂中 島根県
0%
幡屋 島根県
0%
日登 島根県
0%
下久野 島根県
0%
出雲八代 島根県
0%
亀嵩 島根県
0%
八川 島根県
0%
三井野原 島根県
0%
津和野 島根県
0%
青野山 島根県
0%
日原 島根県
0%
青原 島根県
0%
東青原 島根県
0%
瀬戸 岡山県
0%
高島 岡山県
0%
西大寺 岡山県
0%
大元 岡山県
0%
彦崎 岡山県
0%
備前片岡 岡山県
0%
迫川 岡山県
0%
備前一宮 岡山県
0%
吉備津 岡山県
0%
備中高松 岡山県
0%
足守 岡山県
0%
金川 岡山県
0%
牧山 岡山県
0%
玉柏 岡山県
0%
柳川 岡山県
0%
東中央町 岡山県
0%
西川緑道公園 岡山県
0%
県庁通り 岡山県
0%
小橋 岡山県
0%
東山・おかでんミュージアム駅 岡山県
0%
郵便局前 岡山県
0%
新西大寺町筋 岡山県
0%
大雲寺前 岡山県
0%
清輝橋 岡山県
0%
西阿知 岡山県
0%
新倉敷 岡山県
0%
木見 岡山県
0%
倉敷 岡山県
0%
倉敷市 岡山県
0%
茶屋町 岡山県
0%
上の町 岡山県
0%
西富井 岡山県
0%
水島 岡山県
0%
吉備真備 岡山県
0%
美作大崎 岡山県
0%
東津山 岡山県
0%
院庄 岡山県
0%
坪井 岡山県
0%
美作河井 岡山県
0%
三浦 岡山県
0%
佐良山 岡山県
0%
津山口 岡山県
0%
八浜 岡山県
0%
早雲の里荏原 岡山県
0%
総社 岡山県
0%
日羽 岡山県
0%
服部 岡山県
0%
備中広瀬 岡山県
0%
木野山 岡山県
0%
備中川面 岡山県
0%
丹治部 岡山県
0%
新見 岡山県
0%
井倉 岡山県
0%
石蟹 岡山県
0%
坂根 岡山県
0%
市岡 岡山県
0%
矢神 岡山県
0%
野馳 岡山県
0%
三石 岡山県
0%
吉永 岡山県
0%
寒河 岡山県
0%
日生 岡山県
0%
伊里 岡山県
0%
備前片上 岡山県
0%
西片上 岡山県
0%
香登 岡山県
0%
大富 岡山県
0%
熊山 岡山県
0%
久世 岡山県
0%
富原 岡山県
0%
美作土居 岡山県
0%
楢原 岡山県
0%
林野 岡山県
0%
和気 岡山県
0%
久々原 岡山県
0%
里庄 岡山県
0%
矢掛 岡山県
0%
勝間田 岡山県
0%
西粟倉 岡山県
0%
あわくら温泉 岡山県
0%
誕生寺 岡山県
0%
弓削 岡山県
0%
神目 岡山県
0%
亀甲 岡山県
0%
小原 岡山県
0%
瀬野 広島県
0%
新白島 広島県
0%
井原市 広島県
0%
上三田 広島県
0%
中三田 広島県
0%
白木山 広島県
0%
狩留家 広島県
0%
上深川 広島県
0%
下深川 広島県
0%
玖村 広島県
0%
安芸矢口 広島県
0%
戸坂 広島県
0%
矢賀 広島県
0%
矢野 広島県
0%
三滝 広島県
0%
下祇園 広島県
0%
古市橋 広島県
0%
緑井 広島県
0%
七軒茶屋 広島県
0%
上八木 広島県
0%
河戸帆待川 広島県
0%
横川駅 広島県
0%
広電五日市 広島県
0%
銀山町 広島県
0%
立町 広島県
0%
本川町 広島県
0%
十日市町 広島県
0%
小網町 広島県
0%
本通 広島県
0%
不動院前 広島県
0%
中筋 広島県
0%
安東 広島県
0%
上安 広島県
0%
高取 広島県
0%
長楽寺 広島県
0%
広島県
0%
伴中央 広島県
0%
広域公園前 広島県
0%
天満町 広島県
0%
西観音町 広島県
0%
福島町 広島県
0%
舟入町 広島県
0%
舟入本町 広島県
0%
紙屋町東 広島県
0%
舟入幸町 広島県
0%
鷹野橋 広島県
0%
日赤病院前 広島県
0%
広電本社前 広島県
0%
御幸橋 広島県
0%
皆実町六丁目 広島県
0%
県病院前 広島県
0%
宇品二丁目 広島県
0%
紙屋町西 広島県
0%
舟入川口町 広島県
0%
寺町 広島県
0%
東高須 広島県
0%
古江 広島県
0%
修大協創中高前 広島県
0%
佐伯区役所前 広島県
0%
楽々園 広島県
0%
段原一丁目 広島県
0%
比治山下 広島県
0%
皆実町二丁目 広島県
0%
舟入南 広島県
0%
別院前 広島県
0%
女学院前 広島県
0%
縮景園前 広島県
0%
家庭裁判所前 広島県
0%
安浦 広島県
0%
仁方 広島県
0%
広島県
0%
吉浦 広島県
0%
かるが浜 広島県
0%
天応 広島県
0%
忠海 広島県
0%
大乗 広島県
0%
竹原 広島県
0%
吉名 広島県
0%
三原 広島県
0%
安芸幸崎 広島県
0%
備後赤坂 広島県
0%
備後本庄 広島県
0%
横尾 広島県
0%
神辺 広島県
0%
湯田村 広島県
0%
万能倉 広島県
0%
駅家 広島県
0%
近田 広島県
0%
戸手 広島県
0%
上戸手 広島県
0%
湯野 広島県
0%
下和知 広島県
0%
神杉 広島県
0%
八次 広島県
0%
西三次 広島県
0%
志和地 広島県
0%
上川立 広島県
0%
甲奴 広島県
0%
備後安田 広島県
0%
吉舎 広島県
0%
三良坂 広島県
0%
塩町 広島県
0%
備後落合 広島県
0%
東城 広島県
0%
備後八幡 広島県
0%
内名 広島県
0%
比婆山 広島県
0%
平子 広島県
0%
七塚 広島県
0%
玖波 広島県
0%
河内 広島県
0%
白市 広島県
0%
西高屋 広島県
0%
寺家 広島県
0%
安芸津 広島県
0%
風早 広島県
0%
前空 広島県
0%
地御前 広島県
0%
向洋 広島県
0%
海田市 広島県
0%
小屋浦 広島県
0%
水尻 広島県
0%
広島県
0%
下関 山口県
0%
長門粟野 山口県
0%
阿川 山口県
0%
滝部 山口県
0%
宇賀本郷 山口県
0%
湯玉 山口県
0%
黒井村 山口県
0%
梅ケ峠 山口県
0%
吉見 山口県
0%
福江 山口県
0%
安岡 山口県
0%
綾羅木 山口県
0%
岐波 山口県
0%
丸尾 山口県
0%
草江 山口県
0%
琴芝 山口県
0%
宇部新川 山口県
0%
居能 山口県
0%
岩鼻 山口県
0%
妻崎 山口県
0%
長門長沢 山口県
0%
四辻 山口県
0%
嘉川 山口県
0%
本由良 山口県
0%
上郷 山口県
0%
仁保津 山口県
0%
矢原 山口県
0%
宮野 山口県
0%
篠目 山口県
0%
長門峡 山口県
0%
渡川 山口県
0%
名草 山口県
0%
鍋倉 山口県
0%
徳佐 山口県
0%
船平山 山口県
0%
上嘉川 山口県
0%
江崎 山口県
0%
須佐 山口県
0%
長門大井 山口県
0%
越ケ浜 山口県
0%
東萩 山口県
0%
山口県
0%
玉江 山口県
0%
飯井 山口県
0%
防府 山口県
0%
大道 山口県
0%
生野屋 山口県
0%
南岩国 山口県
0%
藤生 山口県
0%
通津 山口県
0%
柱野 山口県
0%
欽明路 山口県
0%
玖珂 山口県
0%
周防高森 山口県
0%
米川 山口県
0%
柳瀬 山口県
0%
南河内 山口県
0%
行波 山口県
0%
椋野 山口県
0%
南桑 山口県
0%
根笠 山口県
0%
河山 山口県
0%
岩田 山口県
0%
長門市 山口県
0%
黄波戸 山口県
0%
人丸 山口県
0%
長門湯本 山口県
0%
板持 山口県
0%
大畠 山口県
0%
柳井港 山口県
0%
柳井 山口県
0%
厚保 山口県
0%
四郎ケ原 山口県
0%
南大嶺 山口県
0%
重安 山口県
0%
於福 山口県
0%
櫛ケ浜 山口県
0%
福川 山口県
0%
高水 山口県
0%
勝間 山口県
0%
大河内 山口県
0%
湯ノ峠 山口県
0%
雀田 山口県
0%
小野田港 山口県
0%
南小野田 山口県
0%
南中川 山口県
0%
目出 山口県
0%
浜河内 山口県
0%
和木 山口県
0%
宇田郷 山口県
0%
木与 山口県
0%
奈古 山口県
0%
吉成 徳島県
0%
佐古 徳島県
0%
蔵本 徳島県
0%
鮎喰 徳島県
0%
二軒屋 徳島県
0%
文化の森 徳島県
0%
地蔵橋 徳島県
0%
鳴門 徳島県
0%
撫養 徳島県
0%
金比羅前 徳島県
0%
教会前 徳島県
0%
立道 徳島県
0%
立江 徳島県
0%
羽ノ浦 徳島県
0%
阿波中島 徳島県
0%
見能林 徳島県
0%
阿波橘 徳島県
0%
阿波福井 徳島県
0%
牛島 徳島県
0%
鴨島 徳島県
0%
阿波川島 徳島県
0%
徳島県
0%
阿波山川 徳島県
0%
川田 徳島県
0%
穴吹 徳島県
0%
小島 徳島県
0%
坪尻 徳島県
0%
徳島県
0%
三縄 徳島県
0%
阿波川口 徳島県
0%
小歩危 徳島県
0%
大歩危 徳島県
0%
下浦 徳島県
0%
辺川 徳島県
0%
由岐 徳島県
0%
田井ノ浜 徳島県
0%
木岐 徳島県
0%
山河内 徳島県
0%
鯖瀬 徳島県
0%
浅川 徳島県
0%
海部 徳島県
0%
勝瑞 徳島県
0%
阿波川端 徳島県
0%
江口 徳島県
0%
栗林公園北口 香川県
0%
栗林 香川県
0%
古高松南 香川県
0%
八栗口 香川県
0%
鬼無 香川県
0%
端岡 香川県
0%
高松築港 香川県
0%
八栗新道 香川県
0%
木太町 香川県
0%
瓦町 香川県
0%
栗林公園 香川県
0%
仏生山 香川県
0%
空港通り 香川県
0%
一宮 香川県
0%
林道 香川県
0%
木太東口 香川県
0%
水田 香川県
0%
西前田 香川県
0%
今橋 香川県
0%
沖松島 香川県
0%
古高松 香川県
0%
六万寺 香川県
0%
房前 香川県
0%
丸亀 香川県
0%
讃岐塩屋 香川県
0%
栗熊 香川県
0%
讃岐府中 香川県
0%
八十場 香川県
0%
坂出 香川県
0%
金蔵寺 香川県
0%
豊浜 香川県
0%
箕浦 香川県
0%
オレンジタウン 香川県
0%
造田 香川県
0%
讃岐津田 香川県
0%
鶴羽 香川県
0%
志度 香川県
0%
琴電志度 香川県
0%
津島ノ宮 香川県
0%
詫間 香川県
0%
みの 香川県
0%
池戸 香川県
0%
農学部前 香川県
0%
平木 香川県
0%
学園通り 香川県
0%
井戸 香川県
0%
公文明 香川県
0%
挿頭丘 香川県
0%
畑田 香川県
0%
綾川(イオンモール綾川) 香川県
0%
香川県
0%
滝宮 香川県
0%
榎井 香川県
0%
塩入 香川県
0%
羽間 香川県
0%
浅海 愛媛県
0%
大浦 愛媛県
0%
伊予北条 愛媛県
0%
粟井 愛媛県
0%
光洋台 愛媛県
0%
堀江 愛媛県
0%
三津浜 愛媛県
0%
市坪 愛媛県
0%
古町 愛媛県
0%
木屋町 愛媛県
0%
高砂町 愛媛県
0%
土居田 愛媛県
0%
余戸 愛媛県
0%
鎌田 愛媛県
0%
清水町 愛媛県
0%
鉄砲町 愛媛県
0%
港山 愛媛県
0%
三津 愛媛県
0%
山西 愛媛県
0%
西衣山 愛媛県
0%
衣山 愛媛県
0%
石手川公園 愛媛県
0%
いよ立花 愛媛県
0%
福音寺 愛媛県
0%
北久米 愛媛県
0%
久米 愛媛県
0%
鷹ノ子 愛媛県
0%
梅本 愛媛県
0%
南堀端 愛媛県
0%
南町 愛媛県
0%
萱町六丁目 愛媛県
0%
本町六丁目 愛媛県
0%
赤十字病院前 愛媛県
0%
平和通一丁目 愛媛県
0%
上一万 愛媛県
0%
警察署前 愛媛県
0%
大街道 愛媛県
0%
道後温泉 愛媛県
0%
西堀端 愛媛県
0%
本町一丁目 愛媛県
0%
伊予桜井 愛媛県
0%
伊予富田 愛媛県
0%
今治 愛媛県
0%
波止浜 愛媛県
0%
波方 愛媛県
0%
大西 愛媛県
0%
伊予吉田 愛媛県
0%
高光 愛媛県
0%
宇和島 愛媛県
0%
大内 愛媛県
0%
二名 愛媛県
0%
伊予宮野下 愛媛県
0%
務田 愛媛県
0%
千丈 愛媛県
0%
双岩 愛媛県
0%
玉之江 愛媛県
0%
新谷 愛媛県
0%
伊予出石 愛媛県
0%
八多喜 愛媛県
0%
春賀 愛媛県
0%
五郎 愛媛県
0%
伊予大洲 愛媛県
0%
西大洲 愛媛県
0%
鳥ノ木 愛媛県
0%
向井原 愛媛県
0%
郡中港 愛媛県
0%
伊予土居 愛媛県
0%
関川 愛媛県
0%
伊予石城 愛媛県
0%
上宇和 愛媛県
0%
下宇和 愛媛県
0%
卯之町 愛媛県
0%
牛渕団地前 愛媛県
0%
牛渕 愛媛県
0%
田窪 愛媛県
0%
見奈良 愛媛県
0%
愛大医学部南口 愛媛県
0%
横河原 愛媛県
0%
伊予立川 愛媛県
0%
五十崎 愛媛県
0%
真土 愛媛県
0%
吉野生 愛媛県
0%
松丸 愛媛県
0%
出目 愛媛県
0%
近永 愛媛県
0%
深田 愛媛県
0%
土佐一宮 高知県
0%
薊野 高知県
0%
入明 高知県
0%
円行寺口 高知県
0%
土佐大津 高知県
0%
一条橋 高知県
0%
知寄町 高知県
0%
宝永町 高知県
0%
菜園場町 高知県
0%
曙町東町 高知県
0%
曙町 高知県
0%
清和学園前 高知県
0%
舟戸 高知県
0%
田辺島通 高知県
0%
東新木 高知県
0%
介良通 高知県
0%
文珠通 高知県
0%
県立美術館通 高知県
0%
西高須 高知県
0%
葛島橋東詰 高知県
0%
知寄町三丁目 高知県
0%
知寄町二丁目 高知県
0%
デンテツターミナルビル前 高知県
0%
堀詰 高知県
0%
大橋通 高知県
0%
グランド通 高知県
0%
枡形 高知県
0%
上町一丁目 高知県
0%
上町二丁目 高知県
0%
上町四丁目 高知県
0%
上町五丁目 高知県
0%
旭町一丁目 高知県
0%
旭駅前通 高知県
0%
旭町三丁目 高知県
0%
蛍橋 高知県
0%
鏡川橋 高知県
0%
鴨部 高知県
0%
朝倉神社前 高知県
0%
宮の奥 高知県
0%
咥内 高知県
0%
蓮池町通 高知県
0%
梅の辻 高知県
0%
桟橋通一丁目 高知県
0%
桟橋通三丁目 高知県
0%
桟橋車庫前 高知県
0%
桟橋通五丁目 高知県
0%
赤野 高知県
0%
穴内 高知県
0%
安芸 高知県
0%
伊尾木 高知県
0%
後免町 高知県
0%
立田 高知県
0%
後免東町 高知県
0%
東工業前 高知県
0%
住吉通 高知県
0%
小篭通 高知県
0%
吾桑 高知県
0%
大間 高知県
0%
須崎 高知県
0%
土佐新荘 高知県
0%
安和 高知県
0%
工業団地 高知県
0%
宿毛 高知県
0%
西ケ方 高知県
0%
古津賀 高知県
0%
中村 高知県
0%
有岡 高知県
0%
のいち 高知県
0%
よしかわ 高知県
0%
あかおか 高知県
0%
香我美 高知県
0%
夜須 高知県
0%
繁藤 高知県
0%
新改 高知県
0%
山田西町 高知県
0%
奈半利 高知県
0%
唐浜 高知県
0%
西分 高知県
0%
豊永 高知県
0%
大田口 高知県
0%
大杉 高知県
0%
角茂谷 高知県
0%
枝川 高知県
0%
波川 高知県
0%
伊野駅前 高知県
0%
宇治団地前 高知県
0%
八代通 高知県
0%
伊野商業前 高知県
0%
北内 高知県
0%
鳴谷 高知県
0%
土佐加茂 高知県
0%
西佐川 高知県
0%
襟野々 高知県
0%
斗賀野 高知県
0%
小村神社前 高知県
0%
日下 高知県
0%
岡花 高知県
0%
影野 高知県
0%
六反地 高知県
0%
家地川 高知県
0%
打井川 高知県
0%
土佐昭和 高知県
0%
荷稲 高知県
0%
伊与喜 高知県
0%
有井川 高知県
0%
土佐上川口 高知県
0%
海の王迎 高知県
0%
浮鞭 高知県
0%
西大方 高知県
0%
西小倉 福岡県
0%
九州工大前 福岡県
0%
陣原 福岡県
0%
折尾 福岡県
0%
南小倉 福岡県
0%
安部山公園 福岡県
0%
下曽根 福岡県
0%
朽網 福岡県
0%
藤ノ木 福岡県
0%
二島 福岡県
0%
呼野 福岡県
0%
九州鉄道記念館 福岡県
0%
黒崎 福岡県
0%
石原町 福岡県
0%
平和通 福岡県
0%
旦過 福岡県
0%
香春口三萩野 福岡県
0%
片野 福岡県
0%
守恒 福岡県
0%
徳力嵐山口 福岡県
0%
企救丘 福岡県
0%
西黒崎 福岡県
0%
穴生 福岡県
0%
永犬丸 福岡県
0%
三ヶ森 福岡県
0%
新木屋瀬 福岡県
0%
木屋瀬 福岡県
0%
出光美術館 福岡県
0%
福工大前 福岡県
0%
九産大前 福岡県
0%
箱崎 福岡県
0%
姪浜 福岡県
0%
九大学研都市 福岡県
0%
周船寺 福岡県
0%
西戸崎 福岡県
0%
香椎神宮 福岡県
0%
舞松原 福岡県
0%
土井 福岡県
0%
井尻 福岡県
0%
桜並木 福岡県
0%
香椎花園前 福岡県
0%
唐の原 福岡県
0%
三苫 福岡県
0%
千早 福岡県
0%
西鉄千早 福岡県
0%
唐人町 福岡県
0%
東比恵 福岡県
0%
大濠公園 福岡県
0%
西新 福岡県
0%
室見 福岡県
0%
千代県庁口 福岡県
0%
次郎丸 福岡県
0%
野芥 福岡県
0%
七隈 福岡県
0%
茶山 福岡県
0%
六本松 福岡県
0%
天神南 福岡県
0%
櫛田神社前 福岡県
0%
銀水 福岡県
0%
大牟田 福岡県
0%
倉永 福岡県
0%
東甘木 福岡県
0%
久留米高校前 福岡県
0%
御井 福岡県
0%
善導寺 福岡県
0%
筑後草野 福岡県
0%
田主丸 福岡県
0%
宮の陣 福岡県
0%
櫛原 福岡県
0%
花畑 福岡県
0%
聖マリア病院前 福岡県
0%
津福 福岡県
0%
安武 福岡県
0%
三潴 福岡県
0%
犬塚 福岡県
0%
五郎丸 福岡県
0%
古賀茶屋 福岡県
0%
大城 福岡県
0%
新入 福岡県
0%
藤棚 福岡県
0%
中泉 福岡県
0%
遠賀野 福岡県
0%
感田 福岡県
0%
筑前大分 福岡県
0%
九郎原 福岡県
0%
鯰田 福岡県
0%
飯塚 福岡県
0%
天道 福岡県
0%
上穂波 福岡県
0%
筑前内野 福岡県
0%
上三緒 福岡県
0%
筑前庄内 福岡県
0%
田川伊田 福岡県
0%
田川後藤寺 福岡県
0%
福岡県
0%
下伊田 福岡県
0%
大藪 福岡県
0%
上伊田 福岡県
0%
矢加部 福岡県
0%
徳益 福岡県
0%
塩塚 福岡県
0%
西鉄中島 福岡県
0%
西牟田 福岡県
0%
羽犬塚 福岡県
0%
行橋 福岡県
0%
南行橋 福岡県
0%
新田原 福岡県
0%
今川河童 福岡県
0%
美夜古泉 福岡県
0%
宇島 福岡県
0%
豊前松江 福岡県
0%
通谷 福岡県
0%
東中間 福岡県
0%
筑豊中間 福岡県
0%
希望が丘高校前 福岡県
0%
津古 福岡県
0%
三国が丘 福岡県
0%
大保 福岡県
0%
端間 福岡県
0%
味坂 福岡県
0%
小郡 福岡県
0%
今隈 福岡県
0%
天拝山 福岡県
0%
朝倉街道 福岡県
0%
筑紫 福岡県
0%
春日原 福岡県
0%
水城 福岡県
0%
白木原 福岡県
0%
下大利 福岡県
0%
教育大前 福岡県
0%
赤間 福岡県
0%
東郷 福岡県
0%
都府楼前 福岡県
0%
ししぶ 福岡県
0%
古賀 福岡県
0%
東福間 福岡県
0%
福間 福岡県
0%
うきは 福岡県
0%
筑後大石 福岡県
0%
下鴨生 福岡県
0%
上浦 福岡県
0%
馬田 福岡県
0%
瀬高 福岡県
0%
南瀬高 福岡県
0%
江の浦 福岡県
0%
波多江 福岡県
0%
筑前前原 福岡県
0%
美咲が丘 福岡県
0%
一貴山 福岡県
0%
福吉 福岡県
0%
鹿家 福岡県
0%
城戸南蔵院前 福岡県
0%
篠栗 福岡県
0%
須恵中央 福岡県
0%
新原 福岡県
0%
柚須 福岡県
0%
伊賀 福岡県
0%
酒殿 福岡県
0%
東水巻 福岡県
0%
海老津 福岡県
0%
勝野 福岡県
0%
あかぢ 福岡県
0%
大堰 福岡県
0%
大溝 福岡県
0%
八丁牟田 福岡県
0%
採銅所 福岡県
0%
香春 福岡県
0%
勾金 福岡県
0%
柿下温泉口 福岡県
0%
糸田 福岡県
0%
内田 福岡県
0%
油須原 福岡県
0%
源じいの森 福岡県
0%
ふれあい生力 福岡県
0%
人見 福岡県
0%
金田 福岡県
0%
上金田 福岡県
0%
苅田 福岡県
0%
小波瀬西工大前 福岡県
0%
崎山 福岡県
0%
犀川 福岡県
0%
東犀川三四郎 福岡県
0%
新豊津 福岡県
0%
築城 福岡県
0%
椎田 福岡県
0%
伊賀屋 佐賀県
0%
鍋島 佐賀県
0%
浜崎 佐賀県
0%
虹ノ松原 佐賀県
0%
和多田 佐賀県
0%
唐津 佐賀県
0%
肥前久保 佐賀県
0%
西相知 佐賀県
0%
佐里 佐賀県
0%
厳木 佐賀県
0%
相知 佐賀県
0%
弥生が丘 佐賀県
0%
肥前旭 佐賀県
0%
新鳥栖 佐賀県
0%
東多久 佐賀県
0%
中多久 佐賀県
0%
多久 佐賀県
0%
駒鳴 佐賀県
0%
大川野 佐賀県
0%
肥前長野 佐賀県
0%
桃川 佐賀県
0%
伊万里 佐賀県
0%
金武 佐賀県
0%
佐賀県
0%
楠久 佐賀県
0%
鳴石 佐賀県
0%
久原 佐賀県
0%
波瀬 佐賀県
0%
浦ノ崎 佐賀県
0%
福島口 佐賀県
0%
高橋 佐賀県
0%
永尾 佐賀県
0%
三間坂 佐賀県
0%
肥前七浦 佐賀県
0%
肥前飯田 佐賀県
0%
牛津 佐賀県
0%
小城 佐賀県
0%
神埼 佐賀県
0%
けやき台 佐賀県
0%
基山 佐賀県
0%
中原 佐賀県
0%
上有田 佐賀県
0%
三代橋 佐賀県
0%
蔵宿 佐賀県
0%
大木 佐賀県
0%
山谷 佐賀県
0%
夫婦石 佐賀県
0%
肥前竜王 佐賀県
0%
肥前古賀 長崎県
0%
道ノ尾 長崎県
0%
浦上 長崎県
0%
若葉町 長崎県
0%
茂里町 長崎県
0%
銭座町 長崎県
0%
赤迫 長崎県
0%
八千代町 長崎県
0%
岩屋橋 長崎県
0%
浦上車庫 長崎県
0%
平和公園 長崎県
0%
大学病院 長崎県
0%
西浜町 長崎県
0%
新中川町 長崎県
0%
新大工町 長崎県
0%
大波止 長崎県
0%
出島 長崎県
0%
観光通 長崎県
0%
市役所 長崎県
0%
浜町アーケード 長崎県
0%
メディカルセンター 長崎県
0%
大浦天主堂 長崎県
0%
三河内 長崎県
0%
大塔 長崎県
0%
ハウステンボス 長崎県
0%
南風崎 長崎県
0%
すえたちばな 長崎県
0%
いのつき 長崎県
0%
真申 長崎県
0%
棚方 長崎県
0%
相浦 長崎県
0%
大学 長崎県
0%
上相浦 長崎県
0%
中里 長崎県
0%
皆瀬 長崎県
0%
野中 長崎県
0%
左石 長崎県
0%
泉福寺 長崎県
0%
山の田 長崎県
0%
中佐世保 長崎県
0%
江迎鹿町 長崎県
0%
大三東 長崎県
0%
三会 長崎県
0%
霊丘公園体育館 長崎県
0%
小長井 長崎県
0%
長里 長崎県
0%
湯江 長崎県
0%
小江 長崎県
0%
東諫早 長崎県
0%
諫早 長崎県
0%
西諫早 長崎県
0%
喜々津 長崎県
0%
市布 長崎県
0%
東園 長崎県
0%
長崎県
0%
森山 長崎県
0%
釜ノ鼻 長崎県
0%
竹松 長崎県
0%
岩松 長崎県
0%
中田平 長崎県
0%
西田平 長崎県
0%
今福 長崎県
0%
鷹島口 長崎県
0%
前浜 長崎県
0%
調川 長崎県
0%
松浦発電所前 長崎県
0%
西木場 長崎県
0%
吾妻 長崎県
0%
古部 長崎県
0%
西郷 長崎県
0%
多比良 長崎県
0%
本川内 長崎県
0%
長与 長崎県
0%
千綿 長崎県
0%
小串郷 長崎県
0%
川棚 長崎県
0%
清峰高校前 長崎県
0%
佐々 長崎県
0%
小浦 長崎県
0%
田原坂 熊本県
0%
西里 熊本県
0%
川尻 熊本県
0%
富合 熊本県
0%
平成 熊本県
0%
東海学園前 熊本県
0%
竜田口 熊本県
0%
武蔵塚 熊本県
0%
亀井 熊本県
0%
堀川 熊本県
0%
韓々坂 熊本県
0%
坪井川公園 熊本県
0%
黒髪町 熊本県
0%
田崎橋 熊本県
0%
辛島町 熊本県
0%
祇園橋 熊本県
0%
花畑町 熊本県
0%
水道町 熊本県
0%
健軍町 熊本県
0%
通町筋 熊本県
0%
九品寺交差点 熊本県
0%
交通局前 熊本県
0%
市立体育館前 熊本県
0%
商業高校前 熊本県
0%
八丁馬場 熊本県
0%
神水交差点 熊本県
0%
健軍校前 熊本県
0%
動植物園入口 熊本県
0%
健軍交番前 熊本県
0%
蔚山町 熊本県
0%
本妙寺入口 熊本県
0%
杉塘 熊本県
0%
西辛島町 熊本県
0%
洗馬橋 熊本県
0%
有佐 熊本県
0%
八代 熊本県
0%
熊本県
0%
坂本 熊本県
0%
葉木 熊本県
0%
日奈久温泉 熊本県
0%
大畑 熊本県
0%
矢岳 熊本県
0%
人吉 熊本県
0%
相良藩願成寺 熊本県
0%
南荒尾 熊本県
0%
熊本県
0%
大野下 熊本県
0%
宇土 熊本県
0%
緑川 熊本県
0%
肥後長浜 熊本県
0%
網田 熊本県
0%
赤瀬 熊本県
0%
松橋 熊本県
0%
石打ダム 熊本県
0%
波多浦 熊本県
0%
三角 熊本県
0%
赤水 熊本県
0%
市ノ川 熊本県
0%
内牧 熊本県
0%
いこいの村 熊本県
0%
宮地 熊本県
0%
波野 熊本県
0%
滝水 熊本県
0%
須屋 熊本県
0%
再春医療センター前 熊本県
0%
御代志 熊本県
0%
原水 熊本県
0%
長陽 熊本県
0%
加勢 熊本県
0%
阿蘇下田城 熊本県
0%
南阿蘇水の生まれる里白水高原 熊本県
0%
中松 熊本県
0%
阿蘇白川 熊本県
0%
海路 熊本県
0%
吉尾 熊本県
0%
上田浦 熊本県
0%
たのうら御立岬公園 熊本県
0%
海浦 熊本県
0%
佐敷 熊本県
0%
湯浦 熊本県
0%
津奈木 熊本県
0%
肥後西村 熊本県
0%
木上 熊本県
0%
公立病院前 熊本県
0%
多良木 熊本県
0%
東多良木 熊本県
0%
新鶴羽 熊本県
0%
球泉洞 熊本県
0%
一勝地 熊本県
0%
那良口 熊本県
0%
熊本県
0%
おかどめ幸福 熊本県
0%
あさぎり 熊本県
0%
高城 大分県
0%
鶴崎 大分県
0%
大在 大分県
0%
坂ノ市 大分県
0%
賀来 大分県
0%
古国府 大分県
0%
中判田 大分県
0%
敷戸 大分県
0%
滝尾 大分県
0%
亀川 大分県
0%
東別府 大分県
0%
東中津 大分県
0%
夜明 大分県
0%
光岡 大分県
0%
日田 大分県
0%
豊後中川 大分県
0%
天ケ瀬 大分県
0%
杉河内 大分県
0%
浅海井 大分県
0%
狩生 大分県
0%
佐伯 大分県
0%
上岡 大分県
0%
直見 大分県
0%
直川 大分県
0%
重岡 大分県
0%
宗太郎 大分県
0%
佐志生 大分県
0%
下ノ江 大分県
0%
熊崎 大分県
0%
津久見 大分県
0%
日代 大分県
0%
豊後荻 大分県
0%
豊後竹田 大分県
0%
立石 大分県
0%
中山香 大分県
0%
天津 大分県
0%
豊前善光寺 大分県
0%
豊前長洲 大分県
0%
宇佐 大分県
0%
西屋敷 大分県
0%
朝地 大分県
0%
緒方 大分県
0%
菅尾 大分県
0%
犬飼 大分県
0%
由布院 大分県
0%
南由布 大分県
0%
湯平 大分県
0%
天神山 大分県
0%
小野屋 大分県
0%
鬼瀬 大分県
0%
大神 大分県
0%
暘谷 大分県
0%
豊後豊岡 大分県
0%
恵良 大分県
0%
引治 大分県
0%
野矢 大分県
0%
佐土原 宮崎県
0%
蓮ケ池 宮崎県
0%
清武 宮崎県
0%
日向沓掛 宮崎県
0%
田吉 宮崎県
0%
木花 宮崎県
0%
曽山寺 宮崎県
0%
青島 宮崎県
0%
折生迫 宮崎県
0%
小内海 宮崎県
0%
青井岳 宮崎県
0%
山之口 宮崎県
0%
五十市 宮崎県
0%
日向庄内 宮崎県
0%
谷頭 宮崎県
0%
万ケ塚 宮崎県
0%
東高崎 宮崎県
0%
高崎新田 宮崎県
0%
北川 宮崎県
0%
日向長井 宮崎県
0%
延岡 宮崎県
0%
土々呂 宮崎県
0%
飫肥 宮崎県
0%
油津 宮崎県
0%
大堂津 宮崎県
0%
南郷 宮崎県
0%
谷之口 宮崎県
0%
榎原 宮崎県
0%
西小林 宮崎県
0%
財光寺 宮崎県
0%
美々津 宮崎県
0%
串間 宮崎県
0%
福島高松 宮崎県
0%
福島今町 宮崎県
0%
真幸 宮崎県
0%
えびの飯野 宮崎県
0%
えびの上江 宮崎県
0%
京町温泉 宮崎県
0%
三股 宮崎県
0%
広原 宮崎県
0%
高鍋 宮崎県
0%
川南 宮崎県
0%
都農 宮崎県
0%
門川 宮崎県
0%
広木 鹿児島県
0%
上伊集院 鹿児島県
0%
竜ケ水 鹿児島県
0%
慈眼寺 鹿児島県
0%
坂之上 鹿児島県
0%
五位野 鹿児島県
0%
平川 鹿児島県
0%
瀬々串 鹿児島県
0%
中名 鹿児島県
0%
喜入 鹿児島県
0%
前之浜 鹿児島県
0%
生見 鹿児島県
0%
郡元 鹿児島県
0%
純心学園前 鹿児島県
0%
脇田 鹿児島県
0%
水族館口 鹿児島県
0%
いづろ通 鹿児島県
0%
高見馬場 鹿児島県
0%
甲東中学校前 鹿児島県
0%
新屋敷 鹿児島県
0%
武之橋 鹿児島県
0%
二中通 鹿児島県
0%
荒田八幡 鹿児島県
0%
騎射場 鹿児島県
0%
鴨池 鹿児島県
0%
郡元南 鹿児島県
0%
涙橋 鹿児島県
0%
宇宿一丁目 鹿児島県
0%
笹貫 鹿児島県
0%
上塩屋 鹿児島県
0%
加治屋町 鹿児島県
0%
都通 鹿児島県
0%
中洲通 鹿児島県
0%
神田(交通局前) 鹿児島県
0%
唐湊 鹿児島県
0%
工学部前 鹿児島県
0%
折口 鹿児島県
0%
阿久根 鹿児島県
0%
薩摩大川 鹿児島県
0%
米ノ津 鹿児島県
0%
西出水 鹿児島県
0%
高尾野 鹿児島県
0%
野田郷 鹿児島県
0%
薩摩今和泉 鹿児島県
0%
宮ケ浜 鹿児島県
0%
二月田 鹿児島県
0%
西大山 鹿児島県
0%
薩摩川尻 鹿児島県
0%
東開聞 鹿児島県
0%
木場茶屋 鹿児島県
0%
西方 鹿児島県
0%
草道 鹿児島県
0%
湯之元 鹿児島県
0%
財部 鹿児島県
0%
北俣 鹿児島県
0%
大隅大川原 鹿児島県
0%
北永野田 鹿児島県
0%
霧島神宮 鹿児島県
0%
隼人 鹿児島県
0%
植村 鹿児島県
0%
霧島温泉 鹿児島県
0%
嘉例川 鹿児島県
0%
表木山 鹿児島県
0%
日当山 鹿児島県
0%
串木野 鹿児島県
0%
神村学園前 鹿児島県
0%
大隅夏井 鹿児島県
0%
西頴娃 鹿児島県
0%
石垣 鹿児島県
0%
水成川 鹿児島県
0%
頴娃大川 鹿児島県
0%
松ケ浦 鹿児島県
0%
薩摩塩屋 鹿児島県
0%
錦江 鹿児島県
0%
帖佐 鹿児島県
0%
重富 鹿児島県
0%
吉松 鹿児島県
0%
栗野 鹿児島県
0%
鶴丸 鹿児島県
0%
小禄 沖縄県
0%
奥武山公園 沖縄県
0%
壺川 沖縄県
0%
旭橋 沖縄県
0%
美栄橋 沖縄県
0%
牧志 沖縄県
0%
安里 沖縄県
0%
古島 沖縄県
0%
儀保 沖縄県
0%
首里 沖縄県
0%
経塚 沖縄県
0%
てだこ浦西 沖縄県
0%
No matching quizzes found
Score Distribution
Percent of People with Each Score
Percentile by Number Answered
Your Score History
You have not taken this quiz